{"text_format":"3","workbook":"xlsx","n_sheets":20,"sheets":["Cover","Qual, Excl & Assum","Documents","Summary","Demolition","Substructure","Superstructure","Structural Steelwork","Roof","Windows, Doors & Rooflights","Partitions","Joinery","Decoration","Floor finishes","Wall finishes","Kitchens & Bathrooms","Electrical","Mechanical","Preliminaries","Details"],"not_rendered":{"images":1,"defined_names":18},"read":"whole","date_system":"1900"}

{"sheet":"Cover","index":0,"n_rows":57,"n_cols":2,"rows_kept":57,"merged":[[23,1,24,10],[30,1,31,10],[37,1,40,10],[46,1,49,10],[56,1,57,10]]}
{"$rows_empty":23}
[null,"TENDER"]
[]
[]
[]
[]
[]
[]
[null,"FOR"]
[]
[]
[]
[]
[]
[]
[null,"PROPOSED SIDE EXTENSION"]
{"$rows_empty":8}
[null,"PROJECT: Mr & Mrs Hawkes-Cowands House"]
{"$rows_empty":9}
[null,"DATE: 25TH SEPTEMBER 2025"]

{"sheet":"Qual, Excl & Assum","index":1,"n_rows":70,"n_cols":2,"rows_kept":70}
[]
[null,{"$f":"Cover!B47","v":"PROJECT: Mr & Mrs Hawkes-Cowands House"}]
[null,{"$f":"Cover!B57","v":"DATE: 25TH SEPTEMBER 2025"}]
[]
[]
[null,"QUALIFICATIONS, ASSUMPTIONS & EXCLUSIONS:"]
[]
[1,"Qualifications:-"]
[]
[1.1,"Prices exclude VAT"]
[{"$f":"+A10+0.1","v":1.2000000000000002},"Pre-start meeting and site investigation will be required before commencement on site"]
[{"$f":"+A11+0.1","v":1.3000000000000003},"Provisional sums and PC Sums mentioned within the estimate are subject to re-measure and re-price "]
[1.4000000000000004,"Changes to drawings, design or specification which deviate from the information used as stated below may be subject to further cost"]
[1.5000000000000004,"Site inspections to be carried out, this may cause additions/omissions to the tender documents"]
[1.6000000000000005,"All quantities are re-measurable and used for indicative purposes only and are subject to re-measure once the project has commenced"]
[1.7000000000000006,"All M&E is provisional sum (as no detailed design has been provided) and a detailed design will be required in order to finalise costs"]
[1.8000000000000007,"We have assumed free unfettered access and normal working hours to the site"]
[1.9000000000000008,"The prices are valid for 8 weeks and we assume that works will commence within 12 weeks from the date of this estimate"]
[{"v":1.1,"d":"1.10"},"No level surveys have been provided so all excavation quantities are provisional"]
[1.11,"There may be some items where alternative specification is used and these may differ to the specification provided "]
[1.12,"Any items not mentioned within this estimate have been specifically excluded and will be subject to further costs"]
[]
[2,"The following items are to be organised and paid for by the client and are excluded from the total cost:"]
[]
[2.1,"Building insurance"]
[2.2,"Utility and council tax bills"]
[2.3,"Party Wall costs and complying with conditions"]
[2.4,"Building control and costs"]
[2.5,"Structural engineers' and building regulation details "]
[2.6,"Specialist surveys"]
[2.7,"Topographical surveys"]
[2.8,"CCTV drainage surveys"]
[2.9,"Asbestos surveys"]
[]
[3,"The following assumptions have been made in drawing up the costs:-"]
[]
[3.1,"Any items noted as install only are provisional sums, the install price is subject to change following specification being provided"]
[3.2,"Any items noted as client supply, the client will supply any adhesives or sundries required to get the works complete"]
[3.3,"Skips and rubbish removal are provisional quantity and are subject to re-measure"]
[3.4,"Drainage works are provisional sum as a full site survey will be required "]
[3.5,"Connection into existing drainage is provisional sum"]
[3.6,"Making good areas are subject to re-measure"]
[3.7,"All M&E is assumed and to be confirmed by client and specialist (Provisional Sum)"]
[3.8,"All excavations are machine dug, we have not allowed for hand excavation"]
[3.9,"All decoration is assumed mid range paint supply, prices do not cover premium paints"]
[{"v":3.1,"d":"3.10"},"All external works are provisional"]
[3.11,"All finishes have been assumed therefore they are provisional"]
[3.12,"All electrical points are PC Sum to supply until specification is provided"]
[3.13,"Due to a lack of details and specification all item have been assumed and to be confirmed"]
[3.14,"Structural timberwork and steelwork is provisional sum due to the lack of details"]
[3.15,"All internal wall build up has been assumed and to be confirmed"]
[]
[4,"No allowance has been made in this estimate for the following:"]
[]
[4.1,"Professional fees "]
[4.2,"Price and design risk"]
[4.3,"Inflation beyond the financial quarter of the date mentioned in this estimate"]
[4.4,"Contaminated ground, high water table, obstructions or build over agreements (services or drainage diversions)"]
[4.5,"Moving or altering existing services running over or under the site"]
[4.6,"Alterations or upgrades for incoming supplies or trenches"]
[4.7,"Floor finishes apart from the ones specified"]
[4.8,"Tin hat (temporary roof) to the scaffolding"]
[4.9,"Bespoke joinery"]
[{"v":4.1,"d":"4.10"},"Temporary works"]
[4.11,"Skip permits or parking permits"]
[4.12,"Internal foundations"]
[4.13,"Supply of windows, doors and rooflight"]
[4.14,"Supply of internal doors & ironmongery"]
[4.15,"Supply of skirting and architraves"]
[4.16,"A/C "]

{"sheet":"Documents","index":2,"n_rows":16,"n_cols":2,"rows_kept":16}
[]
[null,{"$f":"+Cover!B47","v":"PROJECT: Mr & Mrs Hawkes-Cowands House"}]
[null,{"$f":"+Cover!B57","v":"DATE: 25TH SEPTEMBER 2025"}]
[]
[null,"INFORMATION USED"]
[]
[null,"The information used in the preparation of this estimate are as listed below:"]
[]
[null,"Document reference:"]
[]
[null,"HR91-02-1001"]
[null,"HR91-02-1002"]
[null,"HR91-02-1003"]
[null,"HR91-02-1004"]
[null,"HR91-02-1005"]
[null,"PHOTOS"]

{"sheet":"Summary","index":3,"n_rows":42,"n_cols":12,"rows_kept":42,"merged":[[3,5,3,8],[4,1,4,3],[4,11,4,12]]}
[]
[null,{"$f":"+Documents!B2","v":"PROJECT: Mr & Mrs Hawkes-Cowands House"}]
[null,{"$f":"+Documents!B3","v":"DATE: 25TH SEPTEMBER 2025"}]
[{"$nulls":5},"TOTALS"]
[null,"SUMMARY ",{"$nulls":3},"LABOUR","MATERIALS","L MARKUP","M MARKUP",null,"Check",{"$f":"CheckMissingTabs(B7:B33)","v":{"$error":"#NAME?"}}]
[]
[null,"Demolition",null,{"$f":"+Demolition!F52","v":{"v":9774.848600000001,"d":"£9,774.85"}},null,{"$f":"+Demolition!K52","v":{"v":9774.848600000001,"d":"£9,774.85"}},{"$f":"+Demolition!L52","v":{"v":0,"d":"£0.00"}},{"$f":"+Demolition!M52","v":{"v":1466.2272900000003,"d":"£1,466.23"}},{"$f":"+Demolition!N52","v":{"v":0,"d":"£0.00"}},null,{"$f":"+F7+G7+I7+H7-D7","v":{"v":1466.2272900000007,"d":"£1,466.23"}}]
[]
[null,"Substructure",null,{"$f":"+Substructure!F130","v":{"v":22343.90700000001,"d":"£22,343.91"}},null,{"$f":"+Substructure!K130","v":{"v":11408.233999999999,"d":"£11,408.23"}},{"$f":"+Substructure!L130","v":{"v":10935.672999999997,"d":"£10,935.67"}},{"$f":"+Substructure!M130","v":{"v":1711.2351000000006,"d":"£1,711.24"}},{"$f":"+Substructure!N130","v":{"v":1640.35095,"d":"£1,640.35"}},null,{"$f":"+F9+G9+I9+H9-D9","v":{"v":3351.586049999987,"d":"£3,351.59"}}]
[]
[null,"Superstructure",null,{"$f":"+Superstructure!F65","v":{"v":16830.696000000004,"d":"£16,830.70"}},null,{"$f":"+Superstructure!K65","v":{"v":5730.623500000001,"d":"£5,730.62"}},{"$f":"+Superstructure!L65","v":{"v":11100.072500000002,"d":"£11,100.07"}},{"$f":"+Superstructure!M65","v":{"v":859.5935250000002,"d":"£859.59"}},{"$f":"+Superstructure!N65","v":{"v":1665.0108750000006,"d":"£1,665.01"}},null,{"$f":"+F11+G11+I11+H11-D11","v":{"v":2524.6044,"d":"£2,524.60"}}]
[]
[null,"Structural Steelwork",null,{"$f":"+'Structural Steelwork'!F23","v":{"v":1420.352,"d":"£1,420.35"}},null,{"$f":"+'Structural Steelwork'!K23","v":{"v":562.1659999999999,"d":"£562.17"}},{"$f":"+'Structural Steelwork'!L23","v":{"v":858.1859999999999,"d":"£858.19"}},{"$f":"+'Structural Steelwork'!M23","v":{"v":84.32490000000003,"d":"£84.32"}},{"$f":"+'Structural Steelwork'!N23","v":{"v":128.72790000000003,"d":"£128.73"}},null,{"$f":"+F13+G13+I13+H13-D13","v":{"v":213.05279999999993,"d":"£213.05"}}]
[]
[null,"Roof",null,{"$f":"+Roof!F54","v":{"v":8338.759999999998,"d":"£8,338.76"}},null,{"$f":"+Roof!K54","v":{"v":3361.998,"d":"£3,362.00"}},{"$f":"+Roof!L54","v":{"v":5404.487999999999,"d":"£5,404.49"}},{"$f":"+Roof!M54","v":{"v":504.2997000000001,"d":"£504.30"}},{"$f":"+Roof!N54","v":{"v":810.6732000000001,"d":"£810.67"}},null,{"$f":"+F15+G15+I15+H15-D15","v":{"v":1742.6988999999994,"d":"£1,742.70"}}]
[]
[null,"Windows, Doors & Rooflights",null,{"$f":"+'Windows, Doors & Rooflights'!H34","v":{"v":17145,"d":"£17,145.00"}},null,{"$f":"+'Windows, Doors & Rooflights'!M34","v":{"v":3920,"d":"£3,920.00"}},{"$f":"+'Windows, Doors & Rooflights'!N34","v":{"v":13225,"d":"£13,225.00"}},{"$f":"+'Windows, Doors & Rooflights'!O34","v":{"v":588.0000000000001,"d":"£588.00"}},{"$f":"+'Windows, Doors & Rooflights'!P34","v":{"v":1983.7500000000002,"d":"£1,983.75"}},null,{"$f":"+F17+G17+I17+H17-D17","v":{"v":2571.75,"d":"£2,571.75"}}]
[]
[null,"Partitions",null,{"$f":"+Partitions!F100","v":{"v":20580.606000000003,"d":"£20,580.61"}},null,{"$f":"+Partitions!K100","v":{"v":8070.2919999999995,"d":"£8,070.29"}},{"$f":"+Partitions!L100","v":{"v":11851.694,"d":"£11,851.69"}},{"$f":"+Partitions!M100","v":{"v":1210.5438000000001,"d":"£1,210.54"}},{"$f":"+Partitions!N100","v":{"v":1777.7541000000003,"d":"£1,777.75"}},null,{"$f":"+F19+G19+I19+H19-D19","v":{"v":2329.677899999995,"d":"£2,329.68"}}]
[]
[null,"Joinery",null,{"$f":"+Joinery!F121","v":{"v":50949.34299999999,"d":"£50,949.34"}},null,{"$f":"+Joinery!K121","v":{"v":5084.6,"d":"£5,084.60"}},{"$f":"+Joinery!L121","v":{"v":35680.68000000001,"d":"£35,680.68"}},{"$f":"+Joinery!M121","v":{"v":2290.299450000001,"d":"£2,290.30"}},{"$f":"+Joinery!N121","v":{"v":5352.102000000003,"d":"£5,352.10"}},null,{"$f":"+F21+G21+I21+H21-D21","v":{"v":-2541.6615499999825,"d":"-£2,541.66"}}]
[]
[null,"Decoration",null,{"$f":"+Decoration!F28","v":{"v":14213.378,"d":"£14,213.38"}},null,{"$f":"+Decoration!K28","v":{"v":5749.201999999999,"d":"£5,749.20"}},{"$f":"+Decoration!L28","v":{"v":8464.176,"d":"£8,464.18"}},{"$f":"+Decoration!M28","v":{"v":862.3803000000001,"d":"£862.38"}},{"$f":"+Decoration!N28","v":{"v":1269.6264000000006,"d":"£1,269.63"}},null,{"$f":"+F23+G23+I23+H23-D23","v":{"v":2132.0067,"d":"£2,132.01"}}]
[]
[null,"Floor Finishes",null,{"$f":"+'Floor finishes'!F21","v":{"v":14521.3265,"d":"£14,521.33"}},null,{"$f":"+'Floor finishes'!K21","v":{"v":5171.8955000000005,"d":"£5,171.90"}},{"$f":"+'Floor finishes'!L21","v":{"v":9349.431,"d":"£9,349.43"}},{"$f":"+'Floor finishes'!M21","v":{"v":775.7843250000001,"d":"£775.78"}},{"$f":"+'Floor finishes'!N21","v":{"v":1402.4146500000002,"d":"£1,402.41"}},null,{"$f":"+F25+G25+I25+H25-D25","v":{"v":2178.198975000003,"d":"£2,178.20"}}]
[]
[null,"Wall Finishes",null,{"$f":"+'Wall finishes'!F18","v":{"v":2047.1999999999998,"d":"£2,047.20"}},null,{"$f":"+'Wall finishes'!K18","v":{"v":636,"d":"£636.00"}},{"$f":"+'Wall finishes'!L18","v":{"v":1411.1999999999998,"d":"£1,411.20"}},{"$f":"+'Wall finishes'!M18","v":{"v":95.4,"d":"£95.40"}},{"$f":"+'Wall finishes'!N18","v":{"v":211.68,"d":"£211.68"}},null,{"$f":"+F27+G27+I27+H27-D27","v":{"v":307.0799999999999,"d":"£307.08"}}]
[]
[null,"Kitchens & Bathrooms",null,{"$f":"+'Kitchens & Bathrooms'!F58","v":{"v":25670.212,"d":"£25,670.21"}},null,{"$f":"+'Kitchens & Bathrooms'!K58","v":{"v":4863.332,"d":"£4,863.33"}},{"$f":"+'Kitchens & Bathrooms'!L58","v":{"v":20806.88,"d":"£20,806.88"}},{"$f":"+'Kitchens & Bathrooms'!M58","v":{"v":729.4998,"d":"£729.50"}},{"$f":"+'Kitchens & Bathrooms'!N58","v":{"v":3121.032,"d":"£3,121.03"}},null,{"$f":"+F29+G29+I29+H29-D29","v":{"v":3850.5318000000007,"d":"£3,850.53"}}]
[]
[null,"Electrical",null,{"$f":"+Electrical!F60","v":{"v":15679.4,"d":"£15,679.40"}},null,{"$f":"+Electrical!K60","v":{"v":6060,"d":"£6,060.00"}},{"$f":"+Electrical!L60","v":{"v":9619.4,"d":"£9,619.40"}},{"$f":"+Electrical!M60","v":{"v":909.0000000000001,"d":"£909.00"}},{"$f":"+Electrical!N60","v":{"v":1442.91,"d":"£1,442.91"}},null,{"$f":"+F31+G31+I31+H31-D31","v":{"v":2351.9100000000017,"d":"£2,351.91"}}]
[]
[null,"Mechanical",null,{"$f":"+Mechanical!F59","v":{"v":8248.536,"d":"£8,248.54"}},null,{"$f":"+Mechanical!K59","v":{"v":4328.9,"d":"£4,328.90"}},{"$f":"+Mechanical!L59","v":{"v":3919.6360000000004,"d":"£3,919.64"}},{"$f":"+Mechanical!M59","v":{"v":649.335,"d":"£649.34"}},{"$f":"+Mechanical!N59","v":{"v":587.9454000000001,"d":"£587.95"}},null,{"$f":"+F33+G33+I33+H33-D33","v":{"v":1237.2803999999996,"d":"£1,237.28"}}]
[]
[]
[null,"SUB TOTAL",null,{"$f":"SUM(D3:D35)","v":{"v":227763.5651,"d":"£227,763.57"}},null,{"$f":"SUM(F6:F34)","v":{"v":74722.09159999999,"d":"£74,722.09"}},{"$f":"SUM(G6:G35)","v":{"v":142626.5165,"d":"£142,626.52"}},{"$f":"SUM(H6:H35)","v":{"v":12735.923190000001,"d":"£12,735.92"}},{"$f":"SUM(I6:I35)","v":{"v":21393.977475000007,"d":"£21,393.98"}},null,{"$f":"+F36+G36+I36+H36-D36","v":{"v":23714.94366499997,"d":"£23,714.94"}}]
[]
[null,"Preliminaries",null,{"$f":"+Preliminaries!F65","v":{"v":14550,"d":"£14,550.00"}}]
[]
[null,"TOTAL COST (EXCLUDING VAT)",null,{"$f":"+D38+D36","v":{"v":242313.5651,"d":"£242,313.57"}}]
[]
[null,"Anticipated Number of Weeks",{"$f":"+Preliminaries!J4","v":{"v":0,"d":"0.00"}},"Weeks"]

{"sheet":"Demolition","index":4,"n_rows":52,"n_cols":14,"rows_kept":52,"merged":[[4,6,4,9],[4,10,4,13]]}
[]
[null,{"$f":"+'Qual, Excl & Assum'!B2","v":"PROJECT: Mr & Mrs Hawkes-Cowands House"}]
[null,{"$f":"+'Qual, Excl & Assum'!B3","v":"DATE: 25TH SEPTEMBER 2025"}]
[]
[null,"Demolition",{"$nulls":4},"RATES",{"$nulls":3},"TOTALS"]
[]
[null,"Description","Quantity","Unit","Rate","Total","Labour","Materials","L Markup","M Markup","Labour","Materials","L Markup","M Markup"]
[{"$nulls":13},{"$f":"IF(D8=0,\" \",(J8*C8))","v":" "}]
[1,"Existing Single Leaf Door To Be Removed",{"v":7,"d":"7.00"},"no",{"$f":"G9+H9","v":{"v":110,"d":"£110.00"}},{"$f":"E9*C9","v":{"v":770,"d":"£770.00"}},{"v":110,"d":"£110.00"},null,{"$f":"IF(D9=0,\" \",(G9)*(Details!$C$4+Details!$C$8))","v":{"v":16.500000000000004,"d":"£16.50"}},{"$f":"IF(D9=0,\" \",(H9)*(Details!$C$6+Details!$C$8))","v":{"v":0,"d":"£0.00"}},{"$f":"+G9*C9","v":{"v":770,"d":"£770.00"}},{"$f":"+H9*C9","v":{"v":0,"d":"£0.00"}},{"$f":"IF(D9=0,\" \",(I9*C9))","v":{"v":115.50000000000003,"d":"£115.50"}},{"$f":"IF(D9=0,\" \",(J9*C9))","v":{"v":0,"d":"£0.00"}}]
[]
[2,"Existing Window To Be Removed",{"v":4,"d":"4.00"},"no",{"$f":"G11+H11","v":{"v":90,"d":"£90.00"}},{"$f":"E11*C11","v":{"v":360,"d":"£360.00"}},{"v":90,"d":"£90.00"},null,{"$f":"IF(D11=0,\" \",(G11)*(Details!$C$4+Details!$C$8))","v":{"v":13.500000000000002,"d":"£13.50"}},{"$f":"IF(D11=0,\" \",(H11)*(Details!$C$6+Details!$C$8))","v":{"v":0,"d":"£0.00"}},{"$f":"+G11*C11","v":{"v":360,"d":"£360.00"}},{"$f":"+H11*C11","v":{"v":0,"d":"£0.00"}},{"$f":"IF(D11=0,\" \",(I11*C11))","v":{"v":54.00000000000001,"d":"£54.00"}},{"$f":"IF(D11=0,\" \",(J11*C11))","v":{"v":0,"d":"£0.00"}}]
[]
[3,"Existing Double Leaf Glazed Door To Be Removed",{"v":1,"d":"1.00"},"no",{"v":160,"d":"£160.00"},{"v":160,"d":"£160.00"},{"v":160,"d":"£160.00"},null,{"$f":"IF(D13=0,\" \",(G13)*(Details!$C$4+Details!$C$8))","v":{"v":24.000000000000004,"d":"£24.00"}},{"$f":"IF(D13=0,\" \",(H13)*(Details!$C$6+Details!$C$8))","v":{"v":0,"d":"£0.00"}},{"v":160,"d":"£160.00"},{"v":0,"d":"£0.00"},{"v":24.000000000000004,"d":"£24.00"},{"v":0,"d":"£0.00"}]
[]
[4,"Existing Single Leaf Door To Be Removed (Store)",{"v":1,"d":"1.00"},"no",{"v":110,"d":"£110.00"},{"v":110,"d":"£110.00"},{"v":110,"d":"£110.00"},null,{"$f":"IF(D15=0,\" \",(G15)*(Details!$C$4+Details!$C$8))","v":{"v":16.500000000000004,"d":"£16.50"}},{"$f":"IF(D15=0,\" \",(H15)*(Details!$C$6+Details!$C$8))","v":{"v":0,"d":"£0.00"}},{"v":110,"d":"£110.00"},{"v":0,"d":"£0.00"},{"v":16.500000000000004,"d":"£16.50"},{"v":0,"d":"£0.00"}]
[]
[5,"Existing Fixture To Be Removed",{"v":11,"d":"11.00"},"no",{"v":90,"d":"£90.00"},{"v":990,"d":"£990.00"},{"v":90,"d":"£90.00"},null,{"$f":"IF(D17=0,\" \",(G17)*(Details!$C$4+Details!$C$8))","v":{"v":13.500000000000002,"d":"£13.50"}},{"$f":"IF(D17=0,\" \",(H17)*(Details!$C$6+Details!$C$8))","v":{"v":0,"d":"£0.00"}},{"v":990,"d":"£990.00"},{"v":0,"d":"£0.00"},{"v":148.50000000000003,"d":"£148.50"},{"v":0,"d":"£0.00"}]
[]
[6,"Existing Appliances To Be Removed",{"v":3,"d":"3.00"},"no",{"v":90,"d":"£90.00"},{"v":270,"d":"£270.00"},{"v":90,"d":"£90.00"},null,{"$f":"IF(D19=0,\" \",(G19)*(Details!$C$4+Details!$C$8))","v":{"v":13.500000000000002,"d":"£13.50"}},{"$f":"IF(D19=0,\" \",(H19)*(Details!$C$6+Details!$C$8))","v":{"v":0,"d":"£0.00"}},{"v":270,"d":"£270.00"},{"v":0,"d":"£0.00"},{"v":40.50000000000001,"d":"£40.50"},{"v":0,"d":"£0.00"}]
[]
[7,"Existing Bath Accessories To Be Removed",{"v":18,"d":"18.00"},"no",{"v":90,"d":"£90.00"},{"v":1620,"d":"£1,620.00"},{"v":90,"d":"£90.00"},null,{"$f":"IF(D21=0,\" \",(G21)*(Details!$C$4+Details!$C$8))","v":{"v":13.500000000000002,"d":"£13.50"}},{"$f":"IF(D21=0,\" \",(H21)*(Details!$C$6+Details!$C$8))","v":{"v":0,"d":"£0.00"}},{"v":1620,"d":"£1,620.00"},{"v":0,"d":"£0.00"},{"v":243.00000000000003,"d":"£243.00"},{"v":0,"d":"£0.00"}]
[]
[8,"Existing Rooflight To Be Removed",{"v":2,"d":"2.00"},"no",{"v":110,"d":"£110.00"},{"v":220,"d":"£220.00"},{"v":110,"d":"£110.00"},null,{"$f":"IF(D23=0,\" \",(G23)*(Details!$C$4+Details!$C$8))","v":{"v":16.500000000000004,"d":"£16.50"}},{"$f":"IF(D23=0,\" \",(H23)*(Details!$C$6+Details!$C$8))","v":{"v":0,"d":"£0.00"}},{"v":220,"d":"£220.00"},{"v":0,"d":"£0.00"},{"v":33.00000000000001,"d":"£33.00"},{"v":0,"d":"£0.00"}]
[]
[9,"Existing Manhole Unable To Lift Client Advised Well Positioned",{"v":1,"d":"1.00"},"no",{"v":180,"d":"£180.00"},{"v":180,"d":"£180.00"},{"v":180,"d":"£180.00"},null,{"$f":"IF(D25=0,\" \",(G25)*(Details!$C$4+Details!$C$8))","v":{"v":27.000000000000004,"d":"£27.00"}},{"$f":"IF(D25=0,\" \",(H25)*(Details!$C$6+Details!$C$8))","v":{"v":0,"d":"£0.00"}},{"v":180,"d":"£180.00"},{"v":0,"d":"£0.00"},{"v":27.000000000000004,"d":"£27.00"},{"v":0,"d":"£0.00"}]
[]
[10,"Existing Load Bearing Wall To Be Removed",{"v":35.525000000000006,"d":"35.53"},"m2",{"v":23.4,"d":"£23.40"},{"v":831.2850000000001,"d":"£831.29"},{"v":23.4,"d":"£23.40"},null,{"$f":"IF(D27=0,\" \",(G27)*(Details!$C$4+Details!$C$8))","v":{"v":3.5100000000000002,"d":"£3.51"}},{"$f":"IF(D27=0,\" \",(H27)*(Details!$C$6+Details!$C$8))","v":{"v":0,"d":"£0.00"}},{"v":831.2850000000001,"d":"£831.29"},{"v":0,"d":"£0.00"},{"v":124.69275000000003,"d":"£124.69"},{"v":0,"d":"£0.00"}]
[]
[11,"Existing Non-Load Bearing Wall To Be Removed",{"v":42.096,"d":"42.10"},"m2",{"v":32.4,"d":"£32.40"},{"v":1363.9103999999998,"d":"£1,363.91"},{"v":32.4,"d":"£32.40"},null,{"$f":"IF(D29=0,\" \",(G29)*(Details!$C$4+Details!$C$8))","v":{"v":4.86,"d":"£4.86"}},{"$f":"IF(D29=0,\" \",(H29)*(Details!$C$6+Details!$C$8))","v":{"v":0,"d":"£0.00"}},{"v":1363.9103999999998,"d":"£1,363.91"},{"v":0,"d":"£0.00"},{"v":204.58656,"d":"£204.59"},{"v":0,"d":"£0.00"}]
[]
[12,"Existing Non-Load Bearing Wall To Be Removed (Store)",{"v":4.018,"d":"4.02"},"m2",{"v":32.4,"d":"£32.40"},{"v":130.1832,"d":"£130.18"},{"v":32.4,"d":"£32.40"},null,{"$f":"IF(D31=0,\" \",(G31)*(Details!$C$4+Details!$C$8))","v":{"v":4.86,"d":"£4.86"}},{"$f":"IF(D31=0,\" \",(H31)*(Details!$C$6+Details!$C$8))","v":{"v":0,"d":"£0.00"}},{"v":130.1832,"d":"£130.18"},{"v":0,"d":"£0.00"},{"v":19.52748,"d":"£19.53"},{"v":0,"d":"£0.00"}]
[]
[13,"Existing Kitchen Worktop To Be Removed",3.39,"m2",{"v":46.5,"d":"£46.50"},{"v":157.63500000000002,"d":"£157.64"},{"v":46.5,"d":"£46.50"},null,{"$f":"IF(D33=0,\" \",(G33)*(Details!$C$4+Details!$C$8))","v":{"v":6.975000000000001,"d":"£6.98"}},{"$f":"IF(D33=0,\" \",(H33)*(Details!$C$6+Details!$C$8))","v":{"v":0,"d":"£0.00"}},{"v":157.63500000000002,"d":"£157.64"},{"v":0,"d":"£0.00"},{"v":23.645250000000004,"d":"£23.65"},{"v":0,"d":"£0.00"}]
[]
[14,"Existing Utility Worktop To Be Removed",0.89,"m2",{"v":34.5,"d":"£34.50"},{"v":30.705000000000002,"d":"£30.71"},{"v":34.5,"d":"£34.50"},null,{"$f":"IF(D35=0,\" \",(G35)*(Details!$C$4+Details!$C$8))","v":{"v":5.175000000000001,"d":"£5.18"}},{"$f":"IF(D35=0,\" \",(H35)*(Details!$C$6+Details!$C$8))","v":{"v":0,"d":"£0.00"}},{"v":30.705000000000002,"d":"£30.71"},{"v":0,"d":"£0.00"},{"v":4.6057500000000005,"d":"£4.61"},{"v":0,"d":"£0.00"}]
[]
[15,"Existing Floor Finish To Be Removed",{"v":41.2,"d":"41.20"},"m2",{"v":26.5,"d":"£26.50"},{"v":1091.8000000000002,"d":"£1,091.80"},{"v":26.5,"d":"£26.50"},null,{"$f":"IF(D37=0,\" \",(G37)*(Details!$C$4+Details!$C$8))","v":{"v":3.9750000000000005,"d":"£3.98"}},{"$f":"IF(D37=0,\" \",(H37)*(Details!$C$6+Details!$C$8))","v":{"v":0,"d":"£0.00"}},{"v":1091.8000000000002,"d":"£1,091.80"},{"v":0,"d":"£0.00"},{"v":163.77000000000004,"d":"£163.77"},{"v":0,"d":"£0.00"}]
[]
[16,"Existing Pitched Roof Framing, Insulation, Sheathing etc To Be Removed",13.65,"m2",{"v":34.8,"d":"£34.80"},{"v":475.02,"d":"£475.02"},{"v":34.8,"d":"£34.80"},null,{"$f":"IF(D39=0,\" \",(G39)*(Details!$C$4+Details!$C$8))","v":{"v":5.220000000000001,"d":"£5.22"}},{"$f":"IF(D39=0,\" \",(H39)*(Details!$C$6+Details!$C$8))","v":{"v":0,"d":"£0.00"}},{"v":475.02,"d":"£475.02"},{"v":0,"d":"£0.00"},{"v":71.25300000000001,"d":"£71.25"},{"v":0,"d":"£0.00"}]
[]
[17,"Grubbing Out Existing Foundation Work",{"v":15,"d":"15.00"},"m2",{"v":32.4,"d":"£32.40"},{"$f":"E41*C41","v":{"v":486,"d":"£486.00"}},{"v":32.4,"d":"£32.40"},null,{"$f":"IF(D41=0,\" \",(G41)*(Details!$C$4+Details!$C$8))","v":{"v":4.86,"d":"£4.86"}},{"$f":"IF(D41=0,\" \",(H41)*(Details!$C$6+Details!$C$8))","v":{"v":0,"d":"£0.00"}},{"$f":"+G41*C41","v":{"v":486,"d":"£486.00"}},{"$f":"+H41*C41","v":{"v":0,"d":"£0.00"}},{"$f":"IF(D41=0,\" \",(I41*C41))","v":{"v":72.9,"d":"£72.90"}},{"$f":"IF(D41=0,\" \",(J41*C41))","v":{"v":0,"d":"£0.00"}}]
[]
[18,"Existing Kitchen Joinery To Be Removed",5.69,"m",{"v":55,"d":"£55.00"},{"v":312.95000000000005,"d":"£312.95"},{"v":55,"d":"£55.00"},null,{"$f":"IF(D43=0,\" \",(G43)*(Details!$C$4+Details!$C$8))","v":{"v":8.250000000000002,"d":"£8.25"}},{"$f":"IF(D43=0,\" \",(H43)*(Details!$C$6+Details!$C$8))","v":{"v":0,"d":"£0.00"}},{"v":312.95000000000005,"d":"£312.95"},{"v":0,"d":"£0.00"},{"v":46.94250000000002,"d":"£46.94"},{"v":0,"d":"£0.00"}]
[]
[19,"Existing Utility Joinery To Be Removed",1.96,"m",{"v":48,"d":"£48.00"},{"v":94.08,"d":"£94.08"},{"v":48,"d":"£48.00"},null,{"$f":"IF(D45=0,\" \",(G45)*(Details!$C$4+Details!$C$8))","v":{"v":7.200000000000001,"d":"£7.20"}},{"$f":"IF(D45=0,\" \",(H45)*(Details!$C$6+Details!$C$8))","v":{"v":0,"d":"£0.00"}},{"v":94.08,"d":"£94.08"},{"v":0,"d":"£0.00"},{"v":14.112000000000002,"d":"£14.11"},{"v":0,"d":"£0.00"}]
[]
[20,"Existing Hall Joinery To Be Removed",0.46,"m",{"v":68,"d":"£68.00"},{"v":31.28,"d":"£31.28"},{"v":68,"d":"£68.00"},null,{"$f":"IF(D47=0,\" \",(G47)*(Details!$C$4+Details!$C$8))","v":{"v":10.200000000000001,"d":"£10.20"}},{"$f":"IF(D47=0,\" \",(H47)*(Details!$C$6+Details!$C$8))","v":{"v":0,"d":"£0.00"}},{"v":31.28,"d":"£31.28"},{"v":0,"d":"£0.00"},{"v":4.692000000000001,"d":"£4.69"},{"v":0,"d":"£0.00"}]
[]
[21,"Existing Pipework, Fittings, Electrical work & hvac work To Be Removed as Req.",{"v":1,"d":"1.00"},"item",{"v":90,"d":"£90.00"},{"$f":"E49*C49","v":{"v":90,"d":"£90.00"}},{"v":90,"d":"£90.00"},null,{"$f":"IF(D49=0,\" \",(G49)*(Details!$C$4+Details!$C$8))","v":{"v":13.500000000000002,"d":"£13.50"}},{"$f":"IF(D49=0,\" \",(H49)*(Details!$C$6+Details!$C$8))","v":{"v":0,"d":"£0.00"}},{"$f":"+G49*C49","v":{"v":90,"d":"£90.00"}},{"$f":"+H49*C49","v":{"v":0,"d":"£0.00"}},{"$f":"IF(D49=0,\" \",(I49*C49))","v":{"v":13.500000000000002,"d":"£13.50"}},{"$f":"IF(D49=0,\" \",(J49*C49))","v":{"v":0,"d":"£0.00"}}]
[]
[{"$f":"IF(F51<>\"\",(LARGE(A$7:A9,1)+1),\"\")","v":""},{"$nulls":8},{"$f":"IF(D51=0,\" \",(G51+H51)*(Details!$C$4+Details!$C$6))","v":" "}]
[{"$nulls":4},"Sub Total",{"$f":"SUM(F1:F51)","v":{"v":9774.848600000001,"d":"£9,774.85"}},{"$nulls":4},{"$f":"SUM(K8:K51)","v":{"v":9774.848600000001,"d":"£9,774.85"}},{"$f":"SUM(L8:L51)","v":{"v":0,"d":"£0.00"}},{"$f":"SUM(M8:M51)","v":{"v":1466.2272900000003,"d":"£1,466.23"}},{"$f":"SUM(N8:N51)","v":{"v":0,"d":"£0.00"}}]

{"sheet":"Substructure","index":5,"n_rows":131,"n_cols":16,"rows_kept":131,"merged":[[4,6,4,9],[4,10,4,13]]}
[]
[null,{"$f":"+'Qual, Excl & Assum'!B2","v":"PROJECT: Mr & Mrs Hawkes-Cowands House"}]
[null,{"$f":"+'Qual, Excl & Assum'!B3","v":"DATE: 25TH SEPTEMBER 2025"}]
[]
[null,"Substructure",{"$nulls":4},"RATES",{"$nulls":3},"TOTALS"]
[]
[null,"Description","Quantity","Unit","Rate","Total","Labour","Materials","L Markup","M Markup","Labour","Materials","L Markup","M Markup"]
[{"$nulls":13},{"$f":"IF(D8=0,\" \",(J8*C8))","v":" "}]
[null,"REDUCE LEVELS",{"$nulls":11}," "]
[1,"Excavate to reduce levels ",{"$f":"(C83+C95)*0.45","v":27.45},"m2",{"$f":"G10+H10","v":{"v":19.4,"d":"£19.40"}},{"$f":"E10*C10","v":{"v":532.53,"d":"£532.53"}},{"v":19.4,"d":"£19.40"},null,{"$f":"IF(D10=0,\" \",(G10)*(Details!$C$4+Details!$C$8))","v":{"v":2.91,"d":"£2.91"}},{"$f":"IF(D10=0,\" \",(H10)*(Details!$C$6+Details!$C$8))","v":{"v":0,"d":"£0.00"}},{"$f":"+G10*C10","v":{"v":532.53,"d":"£532.53"}},{"$f":"+H10*C10","v":{"v":0,"d":"£0.00"}},{"$f":"IF(D10=0,\" \",(I10*C10))","v":{"v":79.87950000000001,"d":"£79.88"}},{"$f":"IF(D10=0,\" \",(J10*C10))","v":{"v":0,"d":"£0.00"}}]
[{"$nulls":13}," "]
[2,"Cart away spoil (assume clean and inert)",{"$f":"C10","v":27.45},"m2",{"$f":"G12+H12","v":{"v":15.8,"d":"£15.80"}},{"$f":"E12*C12","v":{"v":433.71000000000004,"d":"£433.71"}},{"v":15.8,"d":"£15.80"},null,{"$f":"IF(D12=0,\" \",(G12)*(Details!$C$4+Details!$C$8))","v":{"v":2.3700000000000006,"d":"£2.37"}},{"$f":"IF(D12=0,\" \",(H12)*(Details!$C$6+Details!$C$8))","v":{"v":0,"d":"£0.00"}},{"$f":"+G12*C12","v":{"v":433.71000000000004,"d":"£433.71"}},{"$f":"+H12*C12","v":{"v":0,"d":"£0.00"}},{"$f":"IF(D12=0,\" \",(I12*C12))","v":{"v":65.05650000000001,"d":"£65.06"}},{"$f":"IF(D12=0,\" \",(J12*C12))","v":{"v":0,"d":"£0.00"}}]
[{"$f":"IF(F13<>\"\",(LARGE(A$7:A12,1)+1),\"\")","v":""},{"$nulls":12}," "]
[{"$f":"IF(F14<>\"\",(LARGE(A$7:A13,1)+1),\"\")","v":""},"FOUNDATION EXCAVATION",{"$nulls":6},{"$f":"IF(D14=0,\" \",(G14)*(Details!$C$4+Details!$C$8))","v":" "},{"$f":"IF(D14=0,\" \",(H14)*(Details!$C$6+Details!$C$8))","v":" "},{"$nulls":3}," "]
[{"$f":"IF(F15<>\"\",(LARGE(A$7:A14,1)+1),\"\")","v":3},"Excavate foundations;",19.88,"m3",{"v":55,"d":"£55.00"},{"$f":"E15*C15","v":{"v":1093.3999999999999,"d":"£1,093.40"}},{"v":55,"d":"£55.00"},null,{"$f":"IF(D15=0,\" \",(G15)*(Details!$C$4+Details!$C$8))","v":{"v":8.250000000000002,"d":"£8.25"}},{"$f":"IF(D15=0,\" \",(H15)*(Details!$C$6+Details!$C$8))","v":{"v":0,"d":"£0.00"}},{"$f":"+G15*C15","v":{"v":1093.3999999999999,"d":"£1,093.40"}},{"$f":"+H15*C15","v":{"v":0,"d":"£0.00"}},{"$f":"IF(D15=0,\" \",(I15*C15))","v":{"v":164.01000000000002,"d":"£164.01"}},{"$f":"IF(D15=0,\" \",(J15*C15))","v":{"v":0,"d":"£0.00"}}]
[{"$f":"IF(F16<>\"\",(LARGE(A$7:A15,1)+1),\"\")","v":""}]
[{"$f":"IF(F17<>\"\",(LARGE(A$7:A16,1)+1),\"\")","v":4},"Cart away spoil (assume clean and inert)",{"$f":"C15","v":19.88},"m3",{"v":46.5,"d":"£46.50"},{"$f":"E17*C17","v":{"v":924.42,"d":"£924.42"}},{"v":46.5,"d":"£46.50"},null,{"$f":"IF(D17=0,\" \",(G17)*(Details!$C$4+Details!$C$8))","v":{"v":6.975000000000001,"d":"£6.98"}},{"$f":"IF(D17=0,\" \",(H17)*(Details!$C$6+Details!$C$8))","v":{"v":0,"d":"£0.00"}},{"$f":"+G17*C17","v":{"v":924.42,"d":"£924.42"}},{"$f":"+H17*C17","v":{"v":0,"d":"£0.00"}},{"$f":"IF(D17=0,\" \",(I17*C17))","v":{"v":138.663,"d":"£138.66"}},{"$f":"IF(D17=0,\" \",(J17*C17))","v":{"v":0,"d":"£0.00"}}]
[{"$f":"IF(F18<>\"\",(LARGE(A$7:A17,1)+1),\"\")","v":""},{"$nulls":12}," "]
[{"$f":"IF(F19<>\"\",(LARGE(A$7:A18,1)+1),\"\")","v":""},"STRIP FOOTING"]
[{"$f":"IF(F20<>\"\",(LARGE(A$7:A19,1)+1),\"\")","v":5},"(500mmW x 850mmD) Concrete Strip Footing",{"$f":"15*0.5*0.85","v":{"v":6.375,"d":"6.38"}},"m3",{"v":310,"d":"£310.00"},{"$f":"E20*C20","v":{"v":1976.25,"d":"£1,976.25"}},{"v":130,"d":"£130.00"},{"v":180,"d":"£180.00"},{"$f":"IF(D20=0,\" \",(G20)*(Details!$C$4+Details!$C$8))","v":{"v":19.500000000000004,"d":"£19.50"}},{"$f":"IF(D20=0,\" \",(H20)*(Details!$C$6+Details!$C$8))","v":{"v":27.000000000000004,"d":"£27.00"}},{"$f":"+G20*C20","v":{"v":828.75,"d":"£828.75"}},{"$f":"+H20*C20","v":{"v":1147.5,"d":"£1,147.50"}},{"$f":"IF(D20=0,\" \",(I20*C20))","v":{"v":124.31250000000003,"d":"£124.31"}},{"$f":"IF(D20=0,\" \",(J20*C20))","v":{"v":172.12500000000003,"d":"£172.13"}}]
[]
[{"$f":"IF(F22<>\"\",(LARGE(A$7:A20,1)+1),\"\")","v":6},"A82 Wire Mesh @ T&B",{"$f":"15*0.5","v":{"v":7.5,"d":"7.50"}},"m2",{"v":29.4,"d":"£29.40"},{"$f":"E22*C22","v":{"v":220.5,"d":"£220.50"}},{"v":10,"d":"£10.00"},{"v":19.4,"d":"£19.40"},{"$f":"IF(D22=0,\" \",(G22)*(Details!$C$4+Details!$C$8))","v":{"v":1.5000000000000002,"d":"£1.50"}},{"$f":"IF(D22=0,\" \",(H22)*(Details!$C$6+Details!$C$8))","v":{"v":2.91,"d":"£2.91"}},{"$f":"+G22*C22","v":{"v":75,"d":"£75.00"}},{"$f":"+H22*C22","v":{"v":145.5,"d":"£145.50"}},{"$f":"IF(D22=0,\" \",(I22*C22))","v":{"v":11.250000000000002,"d":"£11.25"}},{"$f":"IF(D22=0,\" \",(J22*C22))","v":{"v":21.825000000000003,"d":"£21.83"}}]
[]
[{"$f":"IF(F24<>\"\",(LARGE(A$7:A22,1)+1),\"\")","v":7},"Formwork",{"$f":"15*0.85*2","v":{"v":25.5,"d":"25.50"}},"m2",{"v":13.4,"d":"£13.40"},{"v":341.7,"d":"£341.70"},{"v":13.4,"d":"£13.40"},{"v":0,"d":"£0.00"},{"$f":"IF(D24=0,\" \",(G24)*(Details!$C$4+Details!$C$8))","v":{"v":2.0100000000000002,"d":"£2.01"}},{"$f":"IF(D24=0,\" \",(H24)*(Details!$C$6+Details!$C$8))","v":{"v":0,"d":"£0.00"}},{"v":341.7,"d":"£341.70"},{"v":0,"d":"£0.00"},{"v":51.255,"d":"£51.26"},{"v":0,"d":"£0.00"}]
[{"$f":"IF(F25<>\"\",(LARGE(A$7:A24,1)+1),\"\")","v":""}]
[{"$f":"IF(F26<>\"\",(LARGE(A$7:A25,1)+1),\"\")","v":8},"(600mmW x 850mmD) Concrete Strip Footing",{"$f":"3*0.6*0.85","v":{"v":1.5299999999999998,"d":"1.53"}},"m3",{"v":310,"d":"£310.00"},{"$f":"E26*C26","v":{"v":474.29999999999995,"d":"£474.30"}},{"v":130,"d":"£130.00"},{"v":180,"d":"£180.00"},{"$f":"IF(D26=0,\" \",(G26)*(Details!$C$4+Details!$C$8))","v":{"v":19.500000000000004,"d":"£19.50"}},{"$f":"IF(D26=0,\" \",(H26)*(Details!$C$6+Details!$C$8))","v":{"v":27.000000000000004,"d":"£27.00"}},{"$f":"+G26*C26","v":{"v":198.89999999999998,"d":"£198.90"}},{"$f":"+H26*C26","v":{"v":275.4,"d":"£275.40"}},{"$f":"IF(D26=0,\" \",(I26*C26))","v":{"v":29.835,"d":"£29.84"}},{"$f":"IF(D26=0,\" \",(J26*C26))","v":{"v":41.31,"d":"£41.31"}}]
[]
[{"$f":"IF(F28<>\"\",(LARGE(A$7:A26,1)+1),\"\")","v":9},"A82 Wire Mesh @ T&B",{"$f":"3*0.6","v":{"v":1.7999999999999998,"d":"1.80"}},"m2",{"v":29.4,"d":"£29.40"},{"v":52.919999999999995,"d":"£52.92"},{"v":10,"d":"£10.00"},{"v":19.4,"d":"£19.40"},{"$f":"IF(D28=0,\" \",(G28)*(Details!$C$4+Details!$C$8))","v":{"v":1.5000000000000002,"d":"£1.50"}},{"$f":"IF(D28=0,\" \",(H28)*(Details!$C$6+Details!$C$8))","v":{"v":2.91,"d":"£2.91"}},{"v":18,"d":"£18.00"},{"v":34.919999999999995,"d":"£34.92"},{"v":2.7,"d":"£2.70"},{"v":5.2379999999999995,"d":"£5.24"}]
[]
[{"$f":"IF(F30<>\"\",(LARGE(A$7:A28,1)+1),\"\")","v":10},"Formwork",{"$f":"3*0.85*2","v":{"v":5.1,"d":"5.10"}},"m2",{"v":13.4,"d":"£13.40"},{"v":68.34,"d":"£68.34"},{"v":13.4,"d":"£13.40"},{"v":0,"d":"£0.00"},{"$f":"IF(D30=0,\" \",(G30)*(Details!$C$4+Details!$C$8))","v":{"v":2.0100000000000002,"d":"£2.01"}},{"$f":"IF(D30=0,\" \",(H30)*(Details!$C$6+Details!$C$8))","v":{"v":0,"d":"£0.00"}},{"v":68.34,"d":"£68.34"},{"v":0,"d":"£0.00"},{"v":10.251000000000001,"d":"£10.25"},{"v":0,"d":"£0.00"}]
[{"$f":"IF(F31<>\"\",(LARGE(A$7:A30,1)+1),\"\")","v":""}]
[{"$f":"IF(F32<>\"\",(LARGE(A$7:A31,1)+1),\"\")","v":11},"(600mmW x 800mmD) Concrete Strip Footing",{"$f":"4*0.6*0.8","v":1.92},"m3",{"v":310,"d":"£310.00"},{"$f":"E32*C32","v":{"v":595.1999999999999,"d":"£595.20"}},{"v":130,"d":"£130.00"},{"v":180,"d":"£180.00"},{"$f":"IF(D32=0,\" \",(G32)*(Details!$C$4+Details!$C$8))","v":{"v":19.500000000000004,"d":"£19.50"}},{"$f":"IF(D32=0,\" \",(H32)*(Details!$C$6+Details!$C$8))","v":{"v":27.000000000000004,"d":"£27.00"}},{"$f":"+G32*C32","v":{"v":249.6,"d":"£249.60"}},{"$f":"+H32*C32","v":{"v":345.59999999999997,"d":"£345.60"}},{"$f":"IF(D32=0,\" \",(I32*C32))","v":{"v":37.440000000000005,"d":"£37.44"}},{"$f":"IF(D32=0,\" \",(J32*C32))","v":{"v":51.84,"d":"£51.84"}}]
[]
[{"$f":"IF(F34<>\"\",(LARGE(A$7:A32,1)+1),\"\")","v":12},"A82 Wire Mesh @ T&B",{"$f":"4*0.6","v":{"v":2.4,"d":"2.40"}},"m2",{"v":29.4,"d":"£29.40"},{"v":70.55999999999999,"d":"£70.56"},{"v":10,"d":"£10.00"},{"v":19.4,"d":"£19.40"},{"$f":"IF(D34=0,\" \",(G34)*(Details!$C$4+Details!$C$8))","v":{"v":1.5000000000000002,"d":"£1.50"}},{"$f":"IF(D34=0,\" \",(H34)*(Details!$C$6+Details!$C$8))","v":{"v":2.91,"d":"£2.91"}},{"v":24,"d":"£24.00"},{"v":46.559999999999995,"d":"£46.56"},{"v":3.6000000000000005,"d":"£3.60"},{"v":6.984,"d":"£6.98"}]
[]
[{"$f":"IF(F36<>\"\",(LARGE(A$7:A34,1)+1),\"\")","v":13},"Formwork",{"$f":"4*0.8*2","v":{"v":6.4,"d":"6.40"}},"m2",{"v":13.4,"d":"£13.40"},{"v":85.76,"d":"£85.76"},{"v":13.4,"d":"£13.40"},{"v":0,"d":"£0.00"},{"$f":"IF(D36=0,\" \",(G36)*(Details!$C$4+Details!$C$8))","v":{"v":2.0100000000000002,"d":"£2.01"}},{"$f":"IF(D36=0,\" \",(H36)*(Details!$C$6+Details!$C$8))","v":{"v":0,"d":"£0.00"}},{"v":85.76,"d":"£85.76"},{"v":0,"d":"£0.00"},{"v":12.864000000000003,"d":"£12.86"},{"v":0,"d":"£0.00"}]
[{"$f":"IF(F37<>\"\",(LARGE(A$7:A36,1)+1),\"\")","v":""}]
[{"$f":"IF(F38<>\"\",(LARGE(A$7:A37,1)+1),\"\")","v":14},"(300mmW x 800mmD) Concrete Strip Footing",{"$f":"8*0.3*0.8","v":1.92},"m3",{"v":310,"d":"£310.00"},{"$f":"E38*C38","v":{"v":595.1999999999999,"d":"£595.20"}},{"v":130,"d":"£130.00"},{"v":180,"d":"£180.00"},{"$f":"IF(D38=0,\" \",(G38)*(Details!$C$4+Details!$C$8))","v":{"v":19.500000000000004,"d":"£19.50"}},{"$f":"IF(D38=0,\" \",(H38)*(Details!$C$6+Details!$C$8))","v":{"v":27.000000000000004,"d":"£27.00"}},{"$f":"+G38*C38","v":{"v":249.6,"d":"£249.60"}},{"$f":"+H38*C38","v":{"v":345.59999999999997,"d":"£345.60"}},{"$f":"IF(D38=0,\" \",(I38*C38))","v":{"v":37.440000000000005,"d":"£37.44"}},{"$f":"IF(D38=0,\" \",(J38*C38))","v":{"v":51.84,"d":"£51.84"}}]
[]
[{"$f":"IF(F40<>\"\",(LARGE(A$7:A38,1)+1),\"\")","v":15},"A82 Wire Mesh @ T&B",{"$f":"8*0.3","v":{"v":2.4,"d":"2.40"}},"m2",{"v":29.4,"d":"£29.40"},{"v":70.55999999999999,"d":"£70.56"},{"v":10,"d":"£10.00"},{"v":19.4,"d":"£19.40"},{"$f":"IF(D40=0,\" \",(G40)*(Details!$C$4+Details!$C$8))","v":{"v":1.5000000000000002,"d":"£1.50"}},{"$f":"IF(D40=0,\" \",(H40)*(Details!$C$6+Details!$C$8))","v":{"v":2.91,"d":"£2.91"}},{"v":24,"d":"£24.00"},{"v":46.559999999999995,"d":"£46.56"},{"v":3.6000000000000005,"d":"£3.60"},{"v":6.984,"d":"£6.98"}]
[]
[{"$f":"IF(F42<>\"\",(LARGE(A$7:A40,1)+1),\"\")","v":16},"Formwork",{"$f":"8*0.8*2","v":{"v":12.8,"d":"12.80"}},"m2",{"v":13.4,"d":"£13.40"},{"v":171.52,"d":"£171.52"},{"v":13.4,"d":"£13.40"},{"v":0,"d":"£0.00"},{"$f":"IF(D42=0,\" \",(G42)*(Details!$C$4+Details!$C$8))","v":{"v":2.0100000000000002,"d":"£2.01"}},{"$f":"IF(D42=0,\" \",(H42)*(Details!$C$6+Details!$C$8))","v":{"v":0,"d":"£0.00"}},{"v":171.52,"d":"£171.52"},{"v":0,"d":"£0.00"},{"v":25.728000000000005,"d":"£25.73"},{"v":0,"d":"£0.00"}]
[{"$f":"IF(F43<>\"\",(LARGE(A$7:A42,1)+1),\"\")","v":""}]
[{"$f":"IF(F44<>\"\",(LARGE(A$7:A43,1)+1),\"\")","v":""},"FOUNDATION WALL"]
[{"$f":"IF(F45<>\"\",(LARGE(A$7:A44,1)+1),\"\")","v":""},"DPC Wall (530mm H)"]
[{"$f":"IF(F46<>\"\",(LARGE(A$7:A45,1)+1),\"\")","v":17},"Damp Proof Course",{"v":11,"d":"11.00"},"m",{"$f":"G46+H46","v":{"v":12.8,"d":"£12.80"}},{"$f":"E46*C46","v":{"v":140.8,"d":"£140.80"}},{"v":5,"d":"£5.00"},{"v":7.8,"d":"£7.80"},{"$f":"IF(D46=0,\" \",(G46)*(Details!$C$4+Details!$C$8))","v":{"v":0.7500000000000001,"d":"£0.75"}},{"$f":"IF(D46=0,\" \",(H46)*(Details!$C$6+Details!$C$8))","v":{"v":1.1700000000000002,"d":"£1.17"}},{"$f":"+G46*C46","v":{"v":55,"d":"£55.00"}},{"$f":"+H46*C46","v":{"v":85.8,"d":"£85.80"}},{"$f":"IF(D46=0,\" \",(I46*C46))","v":{"v":8.250000000000002,"d":"£8.25"}},{"$f":"IF(D46=0,\" \",(J46*C46))","v":{"v":12.870000000000001,"d":"£12.87"}}]
[]
[{"$f":"IF(F48<>\"\",(LARGE(A$7:A46,1)+1),\"\")","v":18},"102.5mm Brickwork Wall",{"$f":"11*0.53","v":5.83},"m2",{"v":102.3,"d":"£102.30"},{"v":596.409,"d":"£596.41"},{"v":34.5,"d":"£34.50"},{"v":67.8,"d":"£67.80"},{"$f":"IF(D48=0,\" \",(G48)*(Details!$C$4+Details!$C$8))","v":{"v":5.175000000000001,"d":"£5.18"}},{"$f":"IF(D48=0,\" \",(H48)*(Details!$C$6+Details!$C$8))","v":{"v":10.170000000000002,"d":"£10.17"}},{"v":201.135,"d":"£201.14"},{"v":395.274,"d":"£395.27"},{"v":30.170250000000003,"d":"£30.17"},{"v":59.29110000000001,"d":"£59.29"}]
[]
[{"$f":"IF(F50<>\"\",(LARGE(A$7:A48,1)+1),\"\")","v":19},"100mm Lean Mix Fill Concrete Cavity",{"$f":"11*0.53","v":5.83},"m2",{"v":54.8,"d":"£54.80"},{"v":319.484,"d":"£319.48"},{"v":20,"d":"£20.00"},{"v":34.8,"d":"£34.80"},{"$f":"IF(D50=0,\" \",(G50)*(Details!$C$4+Details!$C$8))","v":{"v":3.0000000000000004,"d":"£3.00"}},{"$f":"IF(D50=0,\" \",(H50)*(Details!$C$6+Details!$C$8))","v":{"v":5.220000000000001,"d":"£5.22"}},{"v":116.6,"d":"£116.60"},{"v":202.884,"d":"£202.88"},{"v":17.490000000000002,"d":"£17.49"},{"v":30.432600000000004,"d":"£30.43"}]
[]
[{"$f":"IF(F52<>\"\",(LARGE(A$7:A50,1)+1),\"\")","v":20},"100mm Blockwork Wall",5.83,"m2",{"v":112.3,"d":"£112.30"},{"v":654.709,"d":"£654.71"},{"v":37.8,"d":"£37.80"},{"v":74.5,"d":"£74.50"},{"$f":"IF(D52=0,\" \",(G52)*(Details!$C$4+Details!$C$8))","v":{"v":5.670000000000001,"d":"£5.67"}},{"$f":"IF(D52=0,\" \",(H52)*(Details!$C$6+Details!$C$8))","v":{"v":11.175000000000002,"d":"£11.18"}},{"v":220.374,"d":"£220.37"},{"v":434.335,"d":"£434.34"},{"v":33.05610000000001,"d":"£33.06"},{"v":65.15025000000001,"d":"£65.15"}]
[{"$f":"IF(F53<>\"\",(LARGE(A$7:A52,1)+1),\"\")","v":""}]
[{"$f":"IF(F54<>\"\",(LARGE(A$7:A53,1)+1),\"\")","v":""},"DPC Wall (600mm H)"]
[{"$f":"IF(F55<>\"\",(LARGE(A$7:A54,1)+1),\"\")","v":21},"Damp Proof Course",{"v":3,"d":"3.00"},"m",{"$f":"G55+H55","v":{"v":12.8,"d":"£12.80"}},{"$f":"E55*C55","v":{"v":38.400000000000006,"d":"£38.40"}},{"v":5,"d":"£5.00"},{"v":7.8,"d":"£7.80"},{"$f":"IF(D55=0,\" \",(G55)*(Details!$C$4+Details!$C$8))","v":{"v":0.7500000000000001,"d":"£0.75"}},{"$f":"IF(D55=0,\" \",(H55)*(Details!$C$6+Details!$C$8))","v":{"v":1.1700000000000002,"d":"£1.17"}},{"$f":"+G55*C55","v":{"v":15,"d":"£15.00"}},{"$f":"+H55*C55","v":{"v":23.4,"d":"£23.40"}},{"$f":"IF(D55=0,\" \",(I55*C55))","v":{"v":2.2500000000000004,"d":"£2.25"}},{"$f":"IF(D55=0,\" \",(J55*C55))","v":{"v":3.5100000000000007,"d":"£3.51"}}]
[]
[{"$f":"IF(F57<>\"\",(LARGE(A$7:A55,1)+1),\"\")","v":22},"102.5mm Brickwork Wall",{"$f":"3*0.6","v":{"v":1.7999999999999998,"d":"1.80"}},"m2",{"v":102.3,"d":"£102.30"},{"v":184.14,"d":"£184.14"},{"v":34.5,"d":"£34.50"},{"v":67.8,"d":"£67.80"},{"$f":"IF(D57=0,\" \",(G57)*(Details!$C$4+Details!$C$8))","v":{"v":5.175000000000001,"d":"£5.18"}},{"$f":"IF(D57=0,\" \",(H57)*(Details!$C$6+Details!$C$8))","v":{"v":10.170000000000002,"d":"£10.17"}},{"v":62.099999999999994,"d":"£62.10"},{"v":122.03999999999998,"d":"£122.04"},{"v":9.315,"d":"£9.32"},{"v":18.306,"d":"£18.31"}]
[]
[{"$f":"IF(F59<>\"\",(LARGE(A$7:A57,1)+1),\"\")","v":23},"150mm Lean Mix Fill Concrete Cavity",{"$f":"3*0.6","v":{"v":1.7999999999999998,"d":"1.80"}},"m2",{"v":75.3,"d":"£75.30"},{"v":135.54,"d":"£135.54"},{"v":26.5,"d":"£26.50"},{"v":48.8,"d":"£48.80"},{"$f":"IF(D59=0,\" \",(G59)*(Details!$C$4+Details!$C$8))","v":{"v":3.9750000000000005,"d":"£3.98"}},{"$f":"IF(D59=0,\" \",(H59)*(Details!$C$6+Details!$C$8))","v":{"v":7.32,"d":"£7.32"}},{"v":47.699999999999996,"d":"£47.70"},{"v":87.83999999999999,"d":"£87.84"},{"v":7.155,"d":"£7.16"},{"v":13.175999999999998,"d":"£13.18"}]
[]
[{"$f":"IF(F61<>\"\",(LARGE(A$7:A59,1)+1),\"\")","v":24},"215mm Blockwork Wall",{"v":1.7999999999999998,"d":"1.80"},"m2",{"v":158.8,"d":"£158.80"},{"v":285.84,"d":"£285.84"},{"v":46.8,"d":"£46.80"},{"v":112,"d":"£112.00"},{"$f":"IF(D61=0,\" \",(G61)*(Details!$C$4+Details!$C$8))","v":{"v":7.0200000000000005,"d":"£7.02"}},{"$f":"IF(D61=0,\" \",(H61)*(Details!$C$6+Details!$C$8))","v":{"v":16.800000000000004,"d":"£16.80"}},{"v":84.23999999999998,"d":"£84.24"},{"v":201.59999999999997,"d":"£201.60"},{"v":12.636,"d":"£12.64"},{"v":30.240000000000006,"d":"£30.24"}]
[]
[{"$f":"IF(F63<>\"\",(LARGE(A$7:A62,1)+1),\"\")","v":""},"DPC Wall (600mm H)"]
[{"$f":"IF(F64<>\"\",(LARGE(A$7:A63,1)+1),\"\")","v":25},"Damp Proof Course",{"v":6,"d":"6.00"},"m",{"$f":"G64+H64","v":{"v":12.8,"d":"£12.80"}},{"$f":"E64*C64","v":{"v":76.80000000000001,"d":"£76.80"}},{"v":5,"d":"£5.00"},{"v":7.8,"d":"£7.80"},{"$f":"IF(D64=0,\" \",(G64)*(Details!$C$4+Details!$C$8))","v":{"v":0.7500000000000001,"d":"£0.75"}},{"$f":"IF(D64=0,\" \",(H64)*(Details!$C$6+Details!$C$8))","v":{"v":1.1700000000000002,"d":"£1.17"}},{"$f":"+G64*C64","v":{"v":30,"d":"£30.00"}},{"$f":"+H64*C64","v":{"v":46.8,"d":"£46.80"}},{"$f":"IF(D64=0,\" \",(I64*C64))","v":{"v":4.500000000000001,"d":"£4.50"}},{"$f":"IF(D64=0,\" \",(J64*C64))","v":{"v":7.020000000000001,"d":"£7.02"}}]
[]
[{"$f":"IF(F66<>\"\",(LARGE(A$7:A64,1)+1),\"\")","v":26},"102.5mm Brickwork Wall",{"$f":"6*0.6","v":{"v":3.5999999999999996,"d":"3.60"}},"m2",{"v":102.3,"d":"£102.30"},{"v":368.28,"d":"£368.28"},{"v":34.5,"d":"£34.50"},{"v":67.8,"d":"£67.80"},{"$f":"IF(D66=0,\" \",(G66)*(Details!$C$4+Details!$C$8))","v":{"v":5.175000000000001,"d":"£5.18"}},{"$f":"IF(D66=0,\" \",(H66)*(Details!$C$6+Details!$C$8))","v":{"v":10.170000000000002,"d":"£10.17"}},{"v":124.19999999999999,"d":"£124.20"},{"v":244.07999999999996,"d":"£244.08"},{"v":18.63,"d":"£18.63"},{"v":36.612,"d":"£36.61"}]
[]
[{"$f":"IF(F68<>\"\",(LARGE(A$7:A66,1)+1),\"\")","v":27},"102.5mm Brickwork Wall",{"$f":"6*0.6","v":{"v":3.5999999999999996,"d":"3.60"}},"m2",{"v":102.3,"d":"£102.30"},{"v":368.28,"d":"£368.28"},{"v":34.5,"d":"£34.50"},{"v":67.8,"d":"£67.80"},{"$f":"IF(D68=0,\" \",(G68)*(Details!$C$4+Details!$C$8))","v":{"v":5.175000000000001,"d":"£5.18"}},{"$f":"IF(D68=0,\" \",(H68)*(Details!$C$6+Details!$C$8))","v":{"v":10.170000000000002,"d":"£10.17"}},{"v":124.19999999999999,"d":"£124.20"},{"v":244.07999999999996,"d":"£244.08"},{"v":18.63,"d":"£18.63"},{"v":36.612,"d":"£36.61"}]
[{"$f":"IF(F69<>\"\",(LARGE(A$7:A68,1)+1),\"\")","v":""}]
[{"$f":"IF(F70<>\"\",(LARGE(A$7:A69,1)+1),\"\")","v":""},"DPC Wall (300mm H)"]
[{"$f":"IF(F71<>\"\",(LARGE(A$7:A70,1)+1),\"\")","v":28},"Damp Proof Course",{"v":4,"d":"4.00"},"m",{"$f":"G71+H71","v":{"v":12.8,"d":"£12.80"}},{"$f":"E71*C71","v":{"v":51.2,"d":"£51.20"}},{"v":5,"d":"£5.00"},{"v":7.8,"d":"£7.80"},{"$f":"IF(D71=0,\" \",(G71)*(Details!$C$4+Details!$C$8))","v":{"v":0.7500000000000001,"d":"£0.75"}},{"$f":"IF(D71=0,\" \",(H71)*(Details!$C$6+Details!$C$8))","v":{"v":1.1700000000000002,"d":"£1.17"}},{"$f":"+G71*C71","v":{"v":20,"d":"£20.00"}},{"$f":"+H71*C71","v":{"v":31.2,"d":"£31.20"}},{"$f":"IF(D71=0,\" \",(I71*C71))","v":{"v":3.0000000000000004,"d":"£3.00"}},{"$f":"IF(D71=0,\" \",(J71*C71))","v":{"v":4.680000000000001,"d":"£4.68"}}]
[]
[{"$f":"IF(F73<>\"\",(LARGE(A$7:A71,1)+1),\"\")","v":29},"215mm Blockwork Wall",{"$f":"4*0.3","v":{"v":1.2,"d":"1.20"}},"m2",{"$f":"G73+H73","v":{"v":158.8,"d":"£158.80"}},{"$f":"E73*C73","v":{"v":190.56,"d":"£190.56"}},{"v":46.8,"d":"£46.80"},{"v":112,"d":"£112.00"},{"$f":"IF(D73=0,\" \",(G73)*(Details!$C$4+Details!$C$8))","v":{"v":7.0200000000000005,"d":"£7.02"}},{"$f":"IF(D73=0,\" \",(H73)*(Details!$C$6+Details!$C$8))","v":{"v":16.800000000000004,"d":"£16.80"}},{"$f":"+G73*C73","v":{"v":56.16,"d":"£56.16"}},{"$f":"+H73*C73","v":{"v":134.4,"d":"£134.40"}},{"$f":"IF(D73=0,\" \",(I73*C73))","v":{"v":8.424,"d":"£8.42"}},{"$f":"IF(D73=0,\" \",(J73*C73))","v":{"v":20.160000000000004,"d":"£20.16"}}]
[{"$f":"IF(F74<>\"\",(LARGE(A$7:A73,1)+1),\"\")","v":""}]
[{"$f":"IF(F75<>\"\",(LARGE(A$7:A74,1)+1),\"\")","v":""},"DPC Wall (375mm H)"]
[{"$f":"IF(F76<>\"\",(LARGE(A$7:A75,1)+1),\"\")","v":30},"Damp Proof Course",{"v":8,"d":"8.00"},"m",{"$f":"G76+H76","v":{"v":15.8,"d":"£15.80"}},{"$f":"E76*C76","v":{"v":126.4,"d":"£126.40"}},{"v":8,"d":"£8.00"},{"v":7.8,"d":"£7.80"},{"$f":"IF(D76=0,\" \",(G76)*(Details!$C$4+Details!$C$8))","v":{"v":1.2000000000000002,"d":"£1.20"}},{"$f":"IF(D76=0,\" \",(H76)*(Details!$C$6+Details!$C$8))","v":{"v":1.1700000000000002,"d":"£1.17"}},{"$f":"+G76*C76","v":{"v":64,"d":"£64.00"}},{"$f":"+H76*C76","v":{"v":62.4,"d":"£62.40"}},{"$f":"IF(D76=0,\" \",(I76*C76))","v":{"v":9.600000000000001,"d":"£9.60"}},{"$f":"IF(D76=0,\" \",(J76*C76))","v":{"v":9.360000000000001,"d":"£9.36"}}]
[]
[{"$f":"IF(F78<>\"\",(LARGE(A$7:A76,1)+1),\"\")","v":31},"102.5mm Brickwork Wall",{"$f":"8*0.775","v":{"v":6.2,"d":"6.20"}},"m2",{"$f":"G78+H78","v":{"v":102.3,"d":"£102.30"}},{"v":634.26,"d":"£634.26"},{"v":34.5,"d":"£34.50"},{"v":67.8,"d":"£67.80"},{"$f":"IF(D78=0,\" \",(G78)*(Details!$C$4+Details!$C$8))","v":{"v":5.175000000000001,"d":"£5.18"}},{"$f":"IF(D78=0,\" \",(H78)*(Details!$C$6+Details!$C$8))","v":{"v":10.170000000000002,"d":"£10.17"}},{"v":213.9,"d":"£213.90"},{"v":420.36,"d":"£420.36"},{"v":32.08500000000001,"d":"£32.09"},{"v":63.05400000000001,"d":"£63.05"}]
[{"$f":"IF(F79<>\"\",(LARGE(A$7:A78,1)+1),\"\")","v":""}]
[{"$f":"IF(F80<>\"\",(LARGE(A$7:A79,1)+1),\"\")","v":""},"GROUD FLOO RBUILD-UP"]
[{"$f":"IF(F81<>\"\",(LARGE(A$7:A80,1)+1),\"\")","v":""},"FLR-EXT01 - Beam & Block Floor"]
[]
[{"$f":"IF(F83<>\"\",(LARGE(A$7:A81,1)+1),\"\")","v":32},"155mm Precast Concrete Beam & Block",{"v":46,"d":"46.00"},"m2",{"$f":"G83+H83","v":{"v":93.3,"d":"£93.30"}},{"$f":"E83*C83","v":{"v":4291.8,"d":"£4,291.80"}},{"v":34.5,"d":"£34.50"},{"v":58.8,"d":"£58.80"},{"$f":"IF(D83=0,\" \",(G83)*(Details!$C$4+Details!$C$8))","v":{"v":5.175000000000001,"d":"£5.18"}},{"$f":"IF(D83=0,\" \",(H83)*(Details!$C$6+Details!$C$8))","v":{"v":8.82,"d":"£8.82"}},{"$f":"+G83*C83","v":{"v":1587,"d":"£1,587.00"}},{"$f":"+H83*C83","v":{"v":2704.7999999999997,"d":"£2,704.80"}},{"$f":"IF(D83=0,\" \",(I83*C83))","v":{"v":238.05000000000004,"d":"£238.05"}},{"$f":"IF(D83=0,\" \",(J83*C83))","v":{"v":405.72,"d":"£405.72"}}]
[]
[{"$f":"IF(F85<>\"\",(LARGE(A$7:A83,1)+1),\"\")","v":33},"75mm Traditional Screed (Sand & Cement w/ Fibre Mesh)",{"v":46,"d":"46.00"},"m2",{"v":25.200000000000003,"d":"£25.20"},{"v":1159.2,"d":"£1,159.20"},{"v":9.8,"d":"£9.80"},{"v":15.4,"d":"£15.40"},{"$f":"IF(D85=0,\" \",(G85)*(Details!$C$4+Details!$C$8))","v":{"v":1.4700000000000004,"d":"£1.47"}},{"$f":"IF(D85=0,\" \",(H85)*(Details!$C$6+Details!$C$8))","v":{"v":2.3100000000000005,"d":"£2.31"}},{"v":450.8,"d":"£450.80"},{"v":708.4,"d":"£708.40"},{"v":67.62000000000002,"d":"£67.62"},{"v":106.26000000000002,"d":"£106.26"}]
[]
[{"$f":"IF(F87<>\"\",(LARGE(A$7:A85,1)+1),\"\")","v":34},"Polythene Seperation Layer",{"v":46,"d":"46.00"},"m2",{"v":12.8,"d":"£12.80"},{"v":588.8000000000001,"d":"£588.80"},{"v":5,"d":"£5.00"},{"v":7.8,"d":"£7.80"},{"$f":"IF(D87=0,\" \",(G87)*(Details!$C$4+Details!$C$8))","v":{"v":0.7500000000000001,"d":"£0.75"}},{"$f":"IF(D87=0,\" \",(H87)*(Details!$C$6+Details!$C$8))","v":{"v":1.1700000000000002,"d":"£1.17"}},{"v":230,"d":"£230.00"},{"v":358.8,"d":"£358.80"},{"v":34.50000000000001,"d":"£34.50"},{"v":53.82000000000001,"d":"£53.82"}]
[]
[{"$f":"IF(F89<>\"\",(LARGE(A$7:A87,1)+1),\"\")","v":35},"140mm Celotex XR4000 Insulation",{"v":46,"d":"46.00"},"m2",{"v":19.4,"d":"£19.40"},{"v":892.4,"d":"£892.40"},{"v":8,"d":"£8.00"},{"v":11.4,"d":"£11.40"},{"$f":"IF(D89=0,\" \",(G89)*(Details!$C$4+Details!$C$8))","v":{"v":1.2000000000000002,"d":"£1.20"}},{"$f":"IF(D89=0,\" \",(H89)*(Details!$C$6+Details!$C$8))","v":{"v":1.7100000000000004,"d":"£1.71"}},{"v":368,"d":"£368.00"},{"v":524.4,"d":"£524.40"},{"v":55.20000000000001,"d":"£55.20"},{"v":78.66000000000003,"d":"£78.66"}]
[]
[{"$f":"IF(F91<>\"\",(LARGE(A$7:A89,1)+1),\"\")","v":36},"1200 Gauge DPM Membrane",{"v":46,"d":"46.00"},"m2",{"v":12.8,"d":"£12.80"},{"v":588.8000000000001,"d":"£588.80"},{"v":5,"d":"£5.00"},{"v":7.8,"d":"£7.80"},{"$f":"IF(D91=0,\" \",(G91)*(Details!$C$4+Details!$C$8))","v":{"v":0.7500000000000001,"d":"£0.75"}},{"$f":"IF(D91=0,\" \",(H91)*(Details!$C$6+Details!$C$8))","v":{"v":1.1700000000000002,"d":"£1.17"}},{"v":230,"d":"£230.00"},{"v":358.8,"d":"£358.80"},{"v":34.50000000000001,"d":"£34.50"},{"v":53.82000000000001,"d":"£53.82"}]
[{"$f":"IF(F92<>\"\",(LARGE(A$7:A91,1)+1),\"\")","v":""}]
[{"$f":"IF(F93<>\"\",(LARGE(A$7:A92,1)+1),\"\")","v":""},"FLR-EXT02 - Existing Concrete Floor"]
[]
[{"$f":"IF(F95<>\"\",(LARGE(A$7:A93,1)+1),\"\")","v":37},"75mm Traditional Screed (Sand & Cement w/ Fibre Mesh)",{"v":15,"d":"15.00"},"m2",{"$f":"G95+H95","v":{"v":25.200000000000003,"d":"£25.20"}},{"$f":"E95*C95","v":{"v":378.00000000000006,"d":"£378.00"}},{"v":9.8,"d":"£9.80"},{"v":15.4,"d":"£15.40"},{"$f":"IF(D95=0,\" \",(G95)*(Details!$C$4+Details!$C$8))","v":{"v":1.4700000000000004,"d":"£1.47"}},{"$f":"IF(D95=0,\" \",(H95)*(Details!$C$6+Details!$C$8))","v":{"v":2.3100000000000005,"d":"£2.31"}},{"$f":"+G95*C95","v":{"v":147,"d":"£147.00"}},{"$f":"+H95*C95","v":{"v":231,"d":"£231.00"}},{"$f":"IF(D95=0,\" \",(I95*C95))","v":{"v":22.050000000000008,"d":"£22.05"}},{"$f":"IF(D95=0,\" \",(J95*C95))","v":{"v":34.650000000000006,"d":"£34.65"}}]
[]
[{"$f":"IF(F97<>\"\",(LARGE(A$7:A95,1)+1),\"\")","v":38},"Polythene Seperation Layer",{"v":15,"d":"15.00"},"m2",{"v":12.8,"d":"£12.80"},{"v":192,"d":"£192.00"},{"v":5,"d":"£5.00"},{"v":7.8,"d":"£7.80"},{"$f":"IF(D97=0,\" \",(G97)*(Details!$C$4+Details!$C$8))","v":{"v":0.7500000000000001,"d":"£0.75"}},{"$f":"IF(D97=0,\" \",(H97)*(Details!$C$6+Details!$C$8))","v":{"v":1.1700000000000002,"d":"£1.17"}},{"v":75,"d":"£75.00"},{"v":117,"d":"£117.00"},{"v":11.250000000000002,"d":"£11.25"},{"v":17.55,"d":"£17.55"}]
[]
[{"$f":"IF(F99<>\"\",(LARGE(A$7:A97,1)+1),\"\")","v":39},"100mm Celotex XR4000 Insulation",{"v":15,"d":"15.00"},"m2",{"v":17.7,"d":"£17.70"},{"v":265.5,"d":"£265.50"},{"v":7.5,"d":"£7.50"},{"v":10.2,"d":"£10.20"},{"$f":"IF(D99=0,\" \",(G99)*(Details!$C$4+Details!$C$8))","v":{"v":1.1250000000000002,"d":"£1.13"}},{"$f":"IF(D99=0,\" \",(H99)*(Details!$C$6+Details!$C$8))","v":{"v":1.53,"d":"£1.53"}},{"v":112.5,"d":"£112.50"},{"v":153,"d":"£153.00"},{"v":16.875000000000004,"d":"£16.88"},{"v":22.95,"d":"£22.95"}]
[]
[{"$f":"IF(F101<>\"\",(LARGE(A$7:A99,1)+1),\"\")","v":40},"1200 Gauge DPM Membrane",{"v":15,"d":"15.00"},"m2",{"v":12.8,"d":"£12.80"},{"v":192,"d":"£192.00"},{"v":5,"d":"£5.00"},{"v":7.8,"d":"£7.80"},{"$f":"IF(D101=0,\" \",(G101)*(Details!$C$4+Details!$C$8))","v":{"v":0.7500000000000001,"d":"£0.75"}},{"$f":"IF(D101=0,\" \",(H101)*(Details!$C$6+Details!$C$8))","v":{"v":1.1700000000000002,"d":"£1.17"}},{"v":75,"d":"£75.00"},{"v":117,"d":"£117.00"},{"v":11.250000000000002,"d":"£11.25"},{"v":17.55,"d":"£17.55"}]
[{"$f":"IF(F102<>\"\",(LARGE(A$7:A101,1)+1),\"\")","v":""}]
[{"$f":"IF(F103<>\"\",(LARGE(A$7:A102,1)+1),\"\")","v":""},"CONCRETE LINTEL"]
[{"$f":"IF(F104<>\"\",(LARGE(A$7:A103,1)+1),\"\")","v":41},"2no. (215mmD x 100mmW) Precast Concrete Lintel",{"v":2.3,"d":"2.30"},"m",{"$f":"G104+H104","v":{"v":33.2,"d":"£33.20"}},{"$f":"E104*C104","v":{"v":76.36,"d":"£76.36"}},{"v":13.4,"d":"£13.40"},{"v":19.8,"d":"£19.80"},{"$f":"IF(D104=0,\" \",(G104)*(Details!$C$4+Details!$C$8))","v":{"v":2.0100000000000002,"d":"£2.01"}},{"$f":"IF(D104=0,\" \",(H104)*(Details!$C$6+Details!$C$8))","v":{"v":2.9700000000000006,"d":"£2.97"}},{"$f":"+G104*C104","v":{"v":30.819999999999997,"d":"£30.82"}},{"$f":"+H104*C104","v":{"v":45.54,"d":"£45.54"}},{"$f":"IF(D104=0,\" \",(I104*C104))","v":{"v":4.623,"d":"£4.62"}},{"$f":"IF(D104=0,\" \",(J104*C104))","v":{"v":6.831000000000001,"d":"£6.83"}}]
[]
[{"$f":"IF(F106<>\"\",(LARGE(A$7:A105,1)+1),\"\")","v":""}]
[{"$f":"IF(F107<>\"\",(LARGE(A$7:A105,1)+1),\"\")","v":""},"BELOW GROUND DRAINAGE PIPEWORK",{"$nulls":11}," "]
[{"$f":"IF(F108<>\"\",(LARGE(A$7:A107,1)+1),\"\")","v":42},"Excavate for below ground drainage runs",{"$f":"+C112*0.45*1","v":1.35},"m3",{"$f":"G108+H108","v":{"v":55,"d":"£55.00"}},{"$f":"E108*C108","v":{"v":74.25,"d":"£74.25"}},{"v":55,"d":"£55.00"},{"v":0,"d":"£0.00"},{"$f":"IF(D108=0,\" \",(G108)*(Details!$C$4+Details!$C$8))","v":{"v":8.250000000000002,"d":"£8.25"}},{"$f":"IF(D108=0,\" \",(H108)*(Details!$C$6+Details!$C$8))","v":{"v":0,"d":"£0.00"}},{"$f":"+G108*C108","v":{"v":74.25,"d":"£74.25"}},{"$f":"+H108*C108","v":{"v":0,"d":"£0.00"}},{"$f":"IF(D108=0,\" \",(I108*C108))","v":{"v":11.137500000000003,"d":"£11.14"}},{"v":0,"d":"£0.00"}]
[{"$f":"IF(F109<>\"\",(LARGE(A$7:A108,1)+1),\"\")","v":""},{"$nulls":12}," "]
[{"$f":"IF(F110<>\"\",(LARGE(A$7:A109,1)+1),\"\")","v":43},"Cart away spoil (assume clean and inert)",{"$f":"C108","v":1.35},"m3",{"v":46.5,"d":"£46.50"},{"$f":"E110*C110","v":{"v":62.775000000000006,"d":"£62.78"}},{"v":46.5,"d":"£46.50"},{"v":0,"d":"£0.00"},{"$f":"IF(D110=0,\" \",(G110)*(Details!$C$4+Details!$C$8))","v":{"v":6.975000000000001,"d":"£6.98"}},{"$f":"IF(D110=0,\" \",(H110)*(Details!$C$6+Details!$C$8))","v":{"v":0,"d":"£0.00"}},{"$f":"+G110*C110","v":{"v":62.775000000000006,"d":"£62.78"}},{"$f":"+H110*C110","v":{"v":0,"d":"£0.00"}},{"$f":"IF(D110=0,\" \",(I110*C110))","v":{"v":9.416250000000003,"d":"£9.42"}},{"v":0,"d":"£0.00"}]
[{"$f":"IF(F111<>\"\",(LARGE(A$7:A110,1)+1),\"\")","v":""},{"$nulls":12}," "]
[{"$f":"IF(F112<>\"\",(LARGE(A$7:A111,1)+1),\"\")","v":44},"Supply and lay drainage pipework; 100mm UPVC",{"v":3,"d":"3.00"},"m",{"v":26.8,"d":"£26.80"},{"$f":"E112*C112","v":{"v":80.4,"d":"£80.40"}},{"v":9,"d":"£9.00"},{"v":17.8,"d":"£17.80"},{"$f":"IF(D112=0,\" \",(G112)*(Details!$C$4+Details!$C$8))","v":{"v":1.35,"d":"£1.35"}},{"$f":"IF(D112=0,\" \",(H112)*(Details!$C$6+Details!$C$8))","v":{"v":2.6700000000000004,"d":"£2.67"}},{"$f":"+G112*C112","v":{"v":27,"d":"£27.00"}},{"$f":"+H112*C112","v":{"v":53.400000000000006,"d":"£53.40"}},{"$f":"IF(D112=0,\" \",(I112*C112))","v":{"v":4.050000000000001,"d":"£4.05"}},{"v":8.010000000000002,"d":"£8.01"}]
[{"$f":"IF(F113<>\"\",(LARGE(A$7:A112,1)+1),\"\")","v":""},{"$nulls":12}," "]
[{"$f":"IF(F114<>\"\",(LARGE(A$7:A113,1)+1),\"\")","v":45},"150mm Bed and surround; Shingle",{"$f":"C112","v":{"v":3,"d":"3.00"}},"m",{"v":49.8,"d":"£49.80"},{"$f":"E114*C114","v":{"v":149.39999999999998,"d":"£149.40"}},{"v":20,"d":"£20.00"},{"v":29.8,"d":"£29.80"},{"$f":"IF(D114=0,\" \",(G114)*(Details!$C$4+Details!$C$8))","v":{"v":3.0000000000000004,"d":"£3.00"}},{"$f":"IF(D114=0,\" \",(H114)*(Details!$C$6+Details!$C$8))","v":{"v":4.470000000000001,"d":"£4.47"}},{"$f":"+G114*C114","v":{"v":60,"d":"£60.00"}},{"$f":"+H114*C114","v":{"v":89.4,"d":"£89.40"}},{"$f":"IF(D114=0,\" \",(I114*C114))","v":{"v":9.000000000000002,"d":"£9.00"}},{"v":13.410000000000002,"d":"£13.41"}]
[{"$f":"IF(F115<>\"\",(LARGE(A$7:A114,1)+1),\"\")","v":""},{"$nulls":12}," "]
[{"$f":"IF(F116<>\"\",(LARGE(A$7:A115,1)+1),\"\")","v":46},"Backfilling with selected fill",{"$f":"C110","v":1.35},"m3",{"v":55,"d":"£55.00"},{"$f":"E116*C116","v":{"v":74.25,"d":"£74.25"}},{"v":55,"d":"£55.00"},{"v":0,"d":"£0.00"},{"$f":"IF(D116=0,\" \",(G116)*(Details!$C$4+Details!$C$8))","v":{"v":8.250000000000002,"d":"£8.25"}},{"$f":"IF(D116=0,\" \",(H116)*(Details!$C$6+Details!$C$8))","v":{"v":0,"d":"£0.00"}},{"$f":"+G116*C116","v":{"v":74.25,"d":"£74.25"}},{"$f":"+H116*C116","v":{"v":0,"d":"£0.00"}},{"$f":"IF(D116=0,\" \",(I116*C116))","v":{"v":11.137500000000003,"d":"£11.14"}},{"v":0,"d":"£0.00"}]
[{"$f":"IF(F117<>\"\",(LARGE(A$7:A116,1)+1),\"\")","v":""},{"$nulls":12}," "]
[{"$f":"IF(F118<>\"\",(LARGE(A$7:A117,1)+1),\"\")","v":47},"Extra over for bends and junctions as required (provisional sum)",{"v":1,"d":"1.00"},"item",{"v":350,"d":"£350.00"},{"$f":"E118*C118","v":{"v":350,"d":"£350.00"}},{"v":350,"d":"£350.00"},{"v":0,"d":"£0.00"},{"$f":"IF(D118=0,\" \",(G118)*(Details!$C$4+Details!$C$8))","v":{"v":52.50000000000001,"d":"£52.50"}},{"$f":"IF(D118=0,\" \",(H118)*(Details!$C$6+Details!$C$8))","v":{"v":0,"d":"£0.00"}},{"$f":"+G118*C118","v":{"v":350,"d":"£350.00"}},{"$f":"+H118*C118","v":{"v":0,"d":"£0.00"}},{"$f":"IF(D118=0,\" \",(I118*C118))","v":{"v":52.50000000000001,"d":"£52.50"}},{"v":0,"d":"£0.00"}]
[{"$f":"IF(F119<>\"\",(LARGE(A$7:A118,1)+1),\"\")","v":""}]
[{"$f":"IF(F120<>\"\",(LARGE(A$7:A119,1)+1),\"\")","v":""},"DRAINAGE SUNDRIES",{"$nulls":11}," "]
[{"$f":"IF(F121<>\"\",(LARGE(A$7:A120,1)+1),\"\")","v":48},"Connection into existing (provisional sum)",{"v":1,"d":"1.00"},"item",{"$f":"G121+H121","v":{"v":300,"d":"£300.00"}},{"$f":"E121*C121","v":{"v":300,"d":"£300.00"}},{"v":300,"d":"£300.00"},{"v":0,"d":"£0.00"},{"$f":"IF(D121=0,\" \",(G121)*(Details!$C$4+Details!$C$8))","v":{"v":45.00000000000001,"d":"£45.00"}},{"$f":"IF(D121=0,\" \",(H121)*(Details!$C$6+Details!$C$8))","v":{"v":0,"d":"£0.00"}},{"$f":"+G121*C121","v":{"v":300,"d":"£300.00"}},{"$f":"+H121*C121","v":{"v":0,"d":"£0.00"}},{"$f":"IF(D121=0,\" \",(I121*C121))","v":{"v":45.00000000000001,"d":"£45.00"}},{"$f":"IF(D121=0,\" \",(J121*C121))","v":{"v":0,"d":"£0.00"}}]
[{"$f":"IF(F122<>\"\",(LARGE(A$7:A121,1)+1),\"\")","v":""}]
[{"$f":"IF(F123<>\"\",(LARGE(A$7:A122,1)+1),\"\")","v":49},"Rainwater pipe connection with below ground drainage",{"v":1,"d":"1.00"},"no.",{"v":550,"d":"£550.00"},{"$f":"E123*C123","v":{"v":550,"d":"£550.00"}},{"v":200,"d":"£200.00"},{"v":350,"d":"£350.00"},{"$f":"IF(D123=0,\" \",(G123)*(Details!$C$4+Details!$C$8))","v":{"v":30.000000000000004,"d":"£30.00"}},{"$f":"IF(D123=0,\" \",(H123)*(Details!$C$6+Details!$C$8))","v":{"v":52.50000000000001,"d":"£52.50"}},{"$f":"+G123*C123","v":{"v":200,"d":"£200.00"}},{"$f":"+H123*C123","v":{"v":350,"d":"£350.00"}},{"$f":"IF(D123=0,\" \",(I123*C123))","v":{"v":30.000000000000004,"d":"£30.00"}},{"$f":"IF(D123=0,\" \",(J123*C123))","v":{"v":52.50000000000001,"d":"£52.50"}}]
[{"$f":"IF(F124<>\"\",(LARGE(A$7:A123,1)+1),\"\")","v":""}]
[{"$f":"IF(F125<>\"\",(LARGE(A$7:A124,1)+1),\"\")","v":""},"FOUL WATER DRAINAGE WORKS"]
[{"$f":"IF(F126<>\"\",(LARGE(A$7:A125,1)+1),\"\")","v":50},"Foul water drainage works (If Required)",{"v":1,"d":"1.00"},"item",{"$f":"G126+H126","v":{"v":200,"d":"£200.00"}},{"$f":"E126*C126","v":{"v":200,"d":"£200.00"}},{"v":200,"d":"£200.00"},{"v":0,"d":"£0.00"},{"$f":"IF(D126=0,\" \",(G126)*(Details!$C$4+Details!$C$8))","v":{"v":30.000000000000004,"d":"£30.00"}},{"$f":"IF(D126=0,\" \",(H126)*(Details!$C$6+Details!$C$8))","v":{"v":0,"d":"£0.00"}},{"$f":"+G126*C126","v":{"v":200,"d":"£200.00"}},{"$f":"+H126*C126","v":{"v":0,"d":"£0.00"}},{"$f":"IF(D126=0,\" \",(I126*C126))","v":{"v":30.000000000000004,"d":"£30.00"}},{"$f":"IF(D126=0,\" \",(J126*C126))","v":{"v":0,"d":"£0.00"}}]
[{"$f":"IF(F127<>\"\",(LARGE(A$7:A126,1)+1),\"\")","v":""}]
[]
[{"$f":"IF(F129<>\"\",(LARGE(A$7:A127,1)+1),\"\")","v":""},{"$nulls":14},"Check"]
[{"$nulls":4},"Sub Total",{"$f":"SUM(F1:F129)","v":{"v":22343.90700000001,"d":"£22,343.91"}},{"$nulls":4},{"$f":"SUM(K7:K129)","v":{"v":11408.233999999999,"d":"£11,408.23"}},{"$f":"SUM(L7:L129)","v":{"v":10935.672999999997,"d":"£10,935.67"}},{"$f":"SUM(M7:M129)","v":{"v":1711.2351000000006,"d":"£1,711.24"}},{"$f":"SUM(N7:N129)","v":{"v":1640.35095,"d":"£1,640.35"}},null,{"$f":"+F130-K130-L130-N130-M130","v":{"v":-3351.5860499999862,"d":"-£3,351.59"}}]
[{"$f":"IF(F131<>\"\",(LARGE(A$7:A130,1)+1),\"\")","v":""}]

{"sheet":"Superstructure","index":6,"n_rows":66,"n_cols":16,"rows_kept":66,"merged":[[4,6,4,9],[4,10,4,13]]}
[]
[null,{"$f":"+'Qual, Excl & Assum'!B2","v":"PROJECT: Mr & Mrs Hawkes-Cowands House"}]
[null,{"$f":"+'Qual, Excl & Assum'!B3","v":"DATE: 25TH SEPTEMBER 2025"}]
[]
[null,"Superstructure",{"$nulls":4},"RATES",{"$nulls":3},"TOTALS"]
[]
[null,"Description","Quantity","Unit","Rate","Total","Labour","Materials","L Markup","M Markup","Labour","Materials","L Markup","M Markup"]
[{"$nulls":13},{"$f":"IF(D8=0,\" \",(J8*C8))","v":" "}]
[null,"EXTERIOR WALL",{"$nulls":11}," "]
[{"$f":"IF(F10<>\"\",(LARGE(A$7:A9,1)+1),\"\")","v":""},"WL-EXT01 - External Cavity Wall (2600mm H)",{"$nulls":11}," "]
[]
[1,"108mm Cream Facing Imperial Brick",{"v":16.900000000000002,"d":"16.90"},"m2",{"$f":"G12+H12","v":{"v":98.3,"d":"£98.30"}},{"$f":"E12*C12","v":{"v":1661.2700000000002,"d":"£1,661.27"}},{"v":30.5,"d":"£30.50"},{"v":67.8,"d":"£67.80"},{"$f":"IF(D12=0,\" \",(G12)*(Details!$C$4+Details!$C$8))","v":{"v":4.575000000000001,"d":"£4.58"}},{"$f":"IF(D12=0,\" \",(H12)*(Details!$C$6+Details!$C$8))","v":{"v":10.170000000000002,"d":"£10.17"}},{"$f":"+G12*C12","v":{"v":515.45,"d":"£515.45"}},{"$f":"+H12*C12","v":{"v":1145.8200000000002,"d":"£1,145.82"}},{"$f":"IF(D12=0,\" \",(I12*C12))","v":{"v":77.31750000000002,"d":"£77.32"}},{"$f":"IF(D12=0,\" \",(J12*C12))","v":{"v":171.87300000000005,"d":"£171.87"}}]
[]
[2,"150mm DriTherm Cavity Slab 32",{"v":16.900000000000002,"d":"16.90"},"m2",{"$f":"G14+H14","v":{"v":54.5,"d":"£54.50"}},{"$f":"E14*C14","v":{"v":921.0500000000001,"d":"£921.05"}},{"v":20,"d":"£20.00"},{"v":34.5,"d":"£34.50"},{"$f":"IF(D14=0,\" \",(G14)*(Details!$C$4+Details!$C$8))","v":{"v":3.0000000000000004,"d":"£3.00"}},{"$f":"IF(D14=0,\" \",(H14)*(Details!$C$6+Details!$C$8))","v":{"v":5.175000000000001,"d":"£5.18"}},{"$f":"+G14*C14","v":{"v":338.00000000000006,"d":"£338.00"}},{"$f":"+H14*C14","v":{"v":583.0500000000001,"d":"£583.05"}},{"$f":"IF(D14=0,\" \",(I14*C14))","v":{"v":50.70000000000002,"d":"£50.70"}},{"$f":"IF(D14=0,\" \",(J14*C14))","v":{"v":87.45750000000002,"d":"£87.46"}}]
[]
[3,"100mm Medium Desity Blockwork",{"v":16.900000000000002,"d":"16.90"},"m2",{"v":100,"d":"£100.00"},{"v":1690.0000000000002,"d":"£1,690.00"},{"v":34.5,"d":"£34.50"},{"v":65.5,"d":"£65.50"},{"$f":"IF(D16=0,\" \",(G16)*(Details!$C$4+Details!$C$8))","v":{"v":5.175000000000001,"d":"£5.18"}},{"$f":"IF(D16=0,\" \",(H16)*(Details!$C$6+Details!$C$8))","v":{"v":9.825000000000001,"d":"£9.83"}},{"v":583.0500000000001,"d":"£583.05"},{"v":1106.95,"d":"£1,106.95"},{"v":87.45750000000002,"d":"£87.46"},{"v":166.04250000000005,"d":"£166.04"}]
[]
[{"$f":"IF(F18<>\"\",(LARGE(A$7:A17,1)+1),\"\")","v":""},"WL-EXT02 - Internal Existing Wall (2350mm H)"]
[]
[{"$f":"IF(F20<>\"\",(LARGE(A$7:A18,1)+1),\"\")","v":4},"150mm DriTherm Cavity Slab 32",{"v":10.575000000000001,"d":"10.58"},"m2",{"$f":"G20+H20","v":{"v":79.8,"d":"£79.80"}},{"$f":"E20*C20","v":{"v":843.8850000000001,"d":"£843.89"}},{"v":30,"d":"£30.00"},{"v":49.8,"d":"£49.80"},{"$f":"IF(D20=0,\" \",(G20)*(Details!$C$4+Details!$C$8))","v":{"v":4.500000000000001,"d":"£4.50"}},{"$f":"IF(D20=0,\" \",(H20)*(Details!$C$6+Details!$C$8))","v":{"v":7.470000000000001,"d":"£7.47"}},{"$f":"+G20*C20","v":{"v":317.25000000000006,"d":"£317.25"}},{"$f":"+H20*C20","v":{"v":526.635,"d":"£526.64"}},{"$f":"IF(D20=0,\" \",(I20*C20))","v":{"v":47.58750000000001,"d":"£47.59"}},{"$f":"IF(D20=0,\" \",(J20*C20))","v":{"v":78.99525000000001,"d":"£79.00"}}]
[]
[{"$f":"IF(F22<>\"\",(LARGE(A$7:A20,1)+1),\"\")","v":5},"100mm Medium Desity Blockwork",{"v":10.575000000000001,"d":"10.58"},"m2",{"$f":"G22+H22","v":{"v":95,"d":"£95.00"}},{"v":1004.6250000000001,"d":"£1,004.63"},{"v":30.5,"d":"£30.50"},{"v":64.5,"d":"£64.50"},{"$f":"IF(D22=0,\" \",(G22)*(Details!$C$4+Details!$C$8))","v":{"v":4.575000000000001,"d":"£4.58"}},{"$f":"IF(D22=0,\" \",(H22)*(Details!$C$6+Details!$C$8))","v":{"v":9.675,"d":"£9.68"}},{"v":322.5375,"d":"£322.54"},{"v":682.0875000000001,"d":"£682.09"},{"v":48.380625000000016,"d":"£48.38"},{"v":102.31312500000001,"d":"£102.31"}]
[{"$f":"IF(F23<>\"\",(LARGE(A$7:A22,1)+1),\"\")","v":""}]
[{"$f":"IF(F24<>\"\",(LARGE(A$7:A23,1)+1),\"\")","v":""},"WL-EXT03 - External Timber Wall (2450mm H)"]
[]
[{"$f":"IF(F26<>\"\",(LARGE(A$7:A24,1)+1),\"\")","v":6},"100x50mm Timber Stud Wall @ 600mm Ctrs",{"v":26.950000000000003,"d":"26.95"},"m2",{"$f":"G26+H26","v":{"v":52.4,"d":"£52.40"}},{"$f":"E26*C26","v":{"v":1412.18,"d":"£1,412.18"}},{"v":20,"d":"£20.00"},{"v":32.4,"d":"£32.40"},{"$f":"IF(D26=0,\" \",(G26)*(Details!$C$4+Details!$C$8))","v":{"v":3.0000000000000004,"d":"£3.00"}},{"$f":"IF(D26=0,\" \",(H26)*(Details!$C$6+Details!$C$8))","v":{"v":4.86,"d":"£4.86"}},{"$f":"+G26*C26","v":{"v":539,"d":"£539.00"}},{"$f":"+H26*C26","v":{"v":873.1800000000001,"d":"£873.18"}},{"$f":"IF(D26=0,\" \",(I26*C26))","v":{"v":80.85000000000002,"d":"£80.85"}},{"$f":"IF(D26=0,\" \",(J26*C26))","v":{"v":130.97700000000003,"d":"£130.98"}}]
[]
[{"$f":"IF(F28<>\"\",(LARGE(A$7:A26,1)+1),\"\")","v":7},"Timber Head Plate",{"v":22,"d":"22.00"},"m",{"$f":"G28+H28","v":{"v":22.4,"d":"£22.40"}},{"v":492.79999999999995,"d":"£492.80"},{"v":9,"d":"£9.00"},{"v":13.4,"d":"£13.40"},{"$f":"IF(D28=0,\" \",(G28)*(Details!$C$4+Details!$C$8))","v":{"v":1.35,"d":"£1.35"}},{"$f":"IF(D28=0,\" \",(H28)*(Details!$C$6+Details!$C$8))","v":{"v":2.0100000000000002,"d":"£2.01"}},{"v":198,"d":"£198.00"},{"v":294.8,"d":"£294.80"},{"v":29.700000000000003,"d":"£29.70"},{"v":44.220000000000006,"d":"£44.22"}]
[]
[{"$f":"IF(F30<>\"\",(LARGE(A$7:A28,1)+1),\"\")","v":8},"Timber Sole Plate",{"v":11,"d":"11.00"},"m",{"v":22.4,"d":"£22.40"},{"v":246.39999999999998,"d":"£246.40"},{"v":9,"d":"£9.00"},{"v":13.4,"d":"£13.40"},{"$f":"IF(D30=0,\" \",(G30)*(Details!$C$4+Details!$C$8))","v":{"v":1.35,"d":"£1.35"}},{"$f":"IF(D30=0,\" \",(H30)*(Details!$C$6+Details!$C$8))","v":{"v":2.0100000000000002,"d":"£2.01"}},{"v":99,"d":"£99.00"},{"v":147.4,"d":"£147.40"},{"v":14.850000000000001,"d":"£14.85"},{"v":22.110000000000003,"d":"£22.11"}]
[]
[{"$f":"IF(F32<>\"\",(LARGE(A$7:A30,1)+1),\"\")","v":9},"Horizontal Timber Noggings @ 450mm Ctrs",{"v":26.950000000000003,"d":"26.95"},"m2",{"v":32.3,"d":"£32.30"},{"v":870.485,"d":"£870.49"},{"v":12.5,"d":"£12.50"},{"v":19.8,"d":"£19.80"},{"$f":"IF(D32=0,\" \",(G32)*(Details!$C$4+Details!$C$8))","v":{"v":1.8750000000000002,"d":"£1.88"}},{"$f":"IF(D32=0,\" \",(H32)*(Details!$C$6+Details!$C$8))","v":{"v":2.9700000000000006,"d":"£2.97"}},{"v":336.87500000000006,"d":"£336.88"},{"v":533.6100000000001,"d":"£533.61"},{"v":50.531250000000014,"d":"£50.53"},{"v":80.04150000000003,"d":"£80.04"}]
[]
[{"$f":"IF(F34<>\"\",(LARGE(A$7:A32,1)+1),\"\")","v":10},"90mm Frame Therm Roll 32",{"v":26.950000000000003,"d":"26.95"},"m2",{"v":20.4,"d":"£20.40"},{"v":549.78,"d":"£549.78"},{"v":9,"d":"£9.00"},{"v":11.4,"d":"£11.40"},{"$f":"IF(D34=0,\" \",(G34)*(Details!$C$4+Details!$C$8))","v":{"v":1.35,"d":"£1.35"}},{"$f":"IF(D34=0,\" \",(H34)*(Details!$C$6+Details!$C$8))","v":{"v":1.7100000000000004,"d":"£1.71"}},{"v":242.55,"d":"£242.55"},{"v":307.23,"d":"£307.23"},{"v":36.38250000000001,"d":"£36.38"},{"v":46.08450000000001,"d":"£46.08"}]
[]
[{"$f":"IF(F36<>\"\",(LARGE(A$7:A34,1)+1),\"\")","v":11},"9mm OSB Sheathing Board",{"v":26.950000000000003,"d":"26.95"},"m2",{"v":28.2,"d":"£28.20"},{"v":759.99,"d":"£759.99"},{"v":10.8,"d":"£10.80"},{"v":17.4,"d":"£17.40"},{"$f":"IF(D36=0,\" \",(G36)*(Details!$C$4+Details!$C$8))","v":{"v":1.6200000000000003,"d":"£1.62"}},{"$f":"IF(D36=0,\" \",(H36)*(Details!$C$6+Details!$C$8))","v":{"v":2.6100000000000003,"d":"£2.61"}},{"v":291.06000000000006,"d":"£291.06"},{"v":468.93,"d":"£468.93"},{"v":43.65900000000001,"d":"£43.66"},{"v":70.33950000000002,"d":"£70.34"}]
[]
[{"$f":"IF(F38<>\"\",(LARGE(A$7:A36,1)+1),\"\")","v":12},"1mm Vapour Barrier",{"v":26.950000000000003,"d":"26.95"},"m2",{"$f":"G38+H38","v":{"v":7.2,"d":"£7.20"}},{"v":194.04000000000002,"d":"£194.04"},{"v":3,"d":"£3.00"},{"v":4.2,"d":"£4.20"},{"$f":"IF(D38=0,\" \",(G38)*(Details!$C$4+Details!$C$8))","v":{"v":0.45000000000000007,"d":"£0.45"}},{"$f":"IF(D38=0,\" \",(H38)*(Details!$C$6+Details!$C$8))","v":{"v":0.6300000000000001,"d":"£0.63"}},{"v":80.85000000000001,"d":"£80.85"},{"v":113.19000000000001,"d":"£113.19"},{"v":12.127500000000003,"d":"£12.13"},{"v":16.978500000000004,"d":"£16.98"}]
[{"$f":"IF(F39<>\"\",(LARGE(A$7:A38,1)+1),\"\")","v":""}]
[{"$f":"IF(F40<>\"\",(LARGE(A$7:A39,1)+1),\"\")","v":""},"TIMBER BEAM"]
[{"$f":"IF(F41<>\"\",(LARGE(A$7:A40,1)+1),\"\")","v":13},"3no. 150x50 C24 Timber Beam",6.09,"m",{"$f":"G41+H41","v":{"v":23.7,"d":"£23.70"}},{"$f":"E41*C41","v":{"v":144.333,"d":"£144.33"}},{"v":9.5,"d":"£9.50"},{"v":14.2,"d":"£14.20"},{"$f":"IF(D41=0,\" \",(G41)*(Details!$C$4+Details!$C$8))","v":{"v":1.4250000000000003,"d":"£1.43"}},{"$f":"IF(D41=0,\" \",(H41)*(Details!$C$6+Details!$C$8))","v":{"v":2.1300000000000003,"d":"£2.13"}},{"$f":"+G41*C41","v":{"v":57.855,"d":"£57.86"}},{"$f":"+H41*C41","v":{"v":86.478,"d":"£86.48"}},{"$f":"IF(D41=0,\" \",(I41*C41))","v":{"v":8.678250000000002,"d":"£8.68"}},{"$f":"IF(D41=0,\" \",(J41*C41))","v":{"v":12.971700000000002,"d":"£12.97"}}]
[{"$f":"IF(F42<>\"\",(LARGE(A$7:A41,1)+1),\"\")","v":""}]
[{"$f":"IF(F43<>\"\",(LARGE(A$7:A42,1)+1),\"\")","v":""},"TIMBER POST"]
[{"$f":"IF(F44<>\"\",(LARGE(A$7:A43,1)+1),\"\")","v":14},"(150mm x 150mm x 2450mm) External Timber Column",{"v":3,"d":"3.00"},"no",{"$f":"G44+H44","v":{"v":110,"d":"£110.00"}},{"$f":"E44*C44","v":{"v":330,"d":"£330.00"}},{"v":35,"d":"£35.00"},{"v":75,"d":"£75.00"},{"$f":"IF(D44=0,\" \",(G44)*(Details!$C$4+Details!$C$8))","v":{"v":5.250000000000001,"d":"£5.25"}},{"$f":"IF(D44=0,\" \",(H44)*(Details!$C$6+Details!$C$8))","v":{"v":11.250000000000002,"d":"£11.25"}},{"$f":"+G44*C44","v":{"v":105,"d":"£105.00"}},{"$f":"+H44*C44","v":{"v":225,"d":"£225.00"}},{"$f":"IF(D44=0,\" \",(I44*C44))","v":{"v":15.750000000000004,"d":"£15.75"}},{"$f":"IF(D44=0,\" \",(J44*C44))","v":{"v":33.75000000000001,"d":"£33.75"}}]
[{"$f":"IF(F45<>\"\",(LARGE(A$7:A44,1)+1),\"\")","v":""}]
[{"$f":"IF(F46<>\"\",(LARGE(A$7:A45,1)+1),\"\")","v":""},"ROOF FRAMING"]
[{"$f":"IF(F47<>\"\",(LARGE(A$7:A46,1)+1),\"\")","v":15},"147x47mm C24 Timber Flat Roof Joist @ 400mm Ctrs",{"v":24,"d":"24.00"},"m2",{"v":52.4,"d":"£52.40"},{"$f":"E47*C47","v":{"v":1257.6,"d":"£1,257.60"}},{"v":20,"d":"£20.00"},{"v":32.4,"d":"£32.40"},{"$f":"IF(D47=0,\" \",(G47)*(Details!$C$4+Details!$C$8))","v":{"v":3.0000000000000004,"d":"£3.00"}},{"$f":"IF(D47=0,\" \",(H47)*(Details!$C$6+Details!$C$8))","v":{"v":4.86,"d":"£4.86"}},{"$f":"+G47*C47","v":{"v":480,"d":"£480.00"}},{"$f":"+H47*C47","v":{"v":777.5999999999999,"d":"£777.60"}},{"$f":"IF(D47=0,\" \",(I47*C47))","v":{"v":72.00000000000001,"d":"£72.00"}},{"$f":"IF(D47=0,\" \",(J47*C47))","v":{"v":116.64000000000001,"d":"£116.64"}}]
[]
[{"$f":"IF(F49<>\"\",(LARGE(A$7:A47,1)+1),\"\")","v":16},"147x47mm C24 Timber Pitched Roof Rafter @ 400mm Ctrs",{"v":13,"d":"13.00"},"m2",{"v":52.4,"d":"£52.40"},{"v":681.1999999999999,"d":"£681.20"},{"v":20,"d":"£20.00"},{"v":32.4,"d":"£32.40"},{"$f":"IF(D49=0,\" \",(G49)*(Details!$C$4+Details!$C$8))","v":{"v":3.0000000000000004,"d":"£3.00"}},{"$f":"IF(D49=0,\" \",(H49)*(Details!$C$6+Details!$C$8))","v":{"v":4.86,"d":"£4.86"}},{"v":260,"d":"£260.00"},{"v":421.2,"d":"£421.20"},{"v":39.00000000000001,"d":"£39.00"},{"v":63.18000000000001,"d":"£63.18"}]
[{"$f":"IF(F50<>\"\",(LARGE(A$7:A49,1)+1),\"\")","v":""}]
[{"$f":"IF(F51<>\"\",(LARGE(A$7:A50,1)+1),\"\")","v":""},"CEILING FRAMING"]
[{"$f":"IF(F52<>\"\",(LARGE(A$7:A51,1)+1),\"\")","v":17},"147x47mm C24 Timber Ceiling Joist @ 400mm Ctrs",{"v":13,"d":"13.00"},"m2",{"$f":"G52+H52","v":{"v":52.4,"d":"£52.40"}},{"$f":"E52*C52","v":{"v":681.1999999999999,"d":"£681.20"}},{"v":20,"d":"£20.00"},{"v":32.4,"d":"£32.40"},{"$f":"IF(D52=0,\" \",(G52)*(Details!$C$4+Details!$C$8))","v":{"v":3.0000000000000004,"d":"£3.00"}},{"$f":"IF(D52=0,\" \",(H52)*(Details!$C$6+Details!$C$8))","v":{"v":4.86,"d":"£4.86"}},{"$f":"+G52*C52","v":{"v":260,"d":"£260.00"}},{"$f":"+H52*C52","v":{"v":421.2,"d":"£421.20"}},{"$f":"IF(D52=0,\" \",(I52*C52))","v":{"v":39.00000000000001,"d":"£39.00"}},{"$f":"IF(D52=0,\" \",(J52*C52))","v":{"v":63.18000000000001,"d":"£63.18"}}]
[{"$f":"IF(F53<>\"\",(LARGE(A$7:A52,1)+1),\"\")","v":""}]
[{"$f":"IF(F54<>\"\",(LARGE(A$7:A53,1)+1),\"\")","v":""},"LINTEL"]
[{"$f":"IF(F55<>\"\",(LARGE(A$7:A54,1)+1),\"\")","v":18},"(215mmW x 215mmD) Ancon Nexus XI Lintel",8.14,"m",{"$f":"G55+H55","v":{"v":29.200000000000003,"d":"£29.20"}},{"$f":"E55*C55","v":{"v":237.68800000000005,"d":"£237.69"}},{"v":11.4,"d":"£11.40"},{"v":17.8,"d":"£17.80"},{"$f":"IF(D55=0,\" \",(G55)*(Details!$C$4+Details!$C$8))","v":{"v":1.7100000000000004,"d":"£1.71"}},{"$f":"IF(D55=0,\" \",(H55)*(Details!$C$6+Details!$C$8))","v":{"v":2.6700000000000004,"d":"£2.67"}},{"$f":"+G55*C55","v":{"v":92.796,"d":"£92.80"}},{"$f":"+H55*C55","v":{"v":144.89200000000002,"d":"£144.89"}},{"$f":"IF(D55=0,\" \",(I55*C55))","v":{"v":13.919400000000005,"d":"£13.92"}},{"$f":"IF(D55=0,\" \",(J55*C55))","v":{"v":21.733800000000006,"d":"£21.73"}}]
[]
[{"$f":"IF(F57<>\"\",(LARGE(A$7:A55,1)+1),\"\")","v":19},"BSD100 Catnic Lintel",{"v":3.3,"d":"3.30"},"m",{"$f":"G57+H57","v":{"v":24.9,"d":"£24.90"}},{"v":82.16999999999999,"d":"£82.17"},{"v":9.5,"d":"£9.50"},{"v":15.4,"d":"£15.40"},{"$f":"IF(D57=0,\" \",(G57)*(Details!$C$4+Details!$C$8))","v":{"v":1.4250000000000003,"d":"£1.43"}},{"$f":"IF(D57=0,\" \",(H57)*(Details!$C$6+Details!$C$8))","v":{"v":2.3100000000000005,"d":"£2.31"}},{"v":31.349999999999998,"d":"£31.35"},{"v":50.82,"d":"£50.82"},{"v":4.702500000000001,"d":"£4.70"},{"v":7.623000000000001,"d":"£7.62"}]
[{"$f":"IF(F58<>\"\",(LARGE(A$7:A57,1)+1),\"\")","v":""}]
[{"$f":"IF(F59<>\"\",(LARGE(A$7:A58,1)+1),\"\")","v":""},"CONCRETE PADSTONE"]
[{"$f":"IF(F60<>\"\",(LARGE(A$7:A59,1)+1),\"\")","v":20},"(300mmL x 100mmW x 215mmD) Concrete Precast Padstone",{"v":6,"d":"6.00"},"no",{"$f":"G60+H60","v":{"v":400,"d":"£400.00"}},{"$f":"E60*C60","v":{"v":2400,"d":"£2,400.00"}},{"v":80,"d":"£80.00"},{"v":320,"d":"£320.00"},{"$f":"IF(D60=0,\" \",(G60)*(Details!$C$4+Details!$C$8))","v":{"v":12.000000000000002,"d":"£12.00"}},{"$f":"IF(D60=0,\" \",(H60)*(Details!$C$6+Details!$C$8))","v":{"v":48.00000000000001,"d":"£48.00"}},{"$f":"+G60*C60","v":{"v":480,"d":"£480.00"}},{"$f":"+H60*C60","v":{"v":1920,"d":"£1,920.00"}},{"$f":"IF(D60=0,\" \",(I60*C60))","v":{"v":72.00000000000001,"d":"£72.00"}},{"$f":"IF(D60=0,\" \",(J60*C60))","v":{"v":288.00000000000006,"d":"£288.00"}}]
[{"$f":"IF(F61<>\"\",(LARGE(A$7:A60,1)+1),\"\")","v":""}]
[{"$f":"IF(F62<>\"\",(LARGE(A$7:A61,1)+1),\"\")","v":""},"BRICK PIER"]
[{"$f":"IF(F63<>\"\",(LARGE(A$7:A62,1)+1),\"\")","v":21},"(215mmW x 215mmL x 2450mmH) Solid Brick Pier",{"v":1,"d":"1.00"},"no",{"$f":"G63+H63","v":{"v":370,"d":"£370.00"}},{"$f":"E63*C63","v":{"v":370,"d":"£370.00"}},{"v":100,"d":"£100.00"},{"v":270,"d":"£270.00"},{"$f":"IF(D63=0,\" \",(G63)*(Details!$C$4+Details!$C$8))","v":{"v":15.000000000000002,"d":"£15.00"}},{"$f":"IF(D63=0,\" \",(H63)*(Details!$C$6+Details!$C$8))","v":{"v":40.50000000000001,"d":"£40.50"}},{"$f":"+G63*C63","v":{"v":100,"d":"£100.00"}},{"$f":"+H63*C63","v":{"v":270,"d":"£270.00"}},{"$f":"IF(D63=0,\" \",(I63*C63))","v":{"v":15.000000000000002,"d":"£15.00"}},{"$f":"IF(D63=0,\" \",(J63*C63))","v":{"v":40.50000000000001,"d":"£40.50"}}]
[{"$f":"IF(F64<>\"\",(LARGE(A$7:A63,1)+1),\"\")","v":""},{"$nulls":14},"Check"]
[{"$nulls":4},"Sub Total",{"$f":"SUM(F1:F64)","v":{"v":16830.696000000004,"d":"£16,830.70"}},{"$nulls":3},{"$f":"IF(D65=0,\" \",(G65+H65)*(Details!$C$4+Details!$C$6))","v":" "},{"$f":"SUM(K8:K64)","v":{"v":5730.623500000001,"d":"£5,730.62"}},{"$f":"SUM(L8:L64)","v":{"v":11100.072500000002,"d":"£11,100.07"}},{"$f":"SUM(M8:M64)","v":{"v":859.5935250000002,"d":"£859.59"}},{"$f":"SUM(N8:N64)","v":{"v":1665.0108750000006,"d":"£1,665.01"}},null,{"$f":"+F65-K65-L65-N65-M65","v":{"v":-2524.604400000001,"d":"-£2,524.60"}}]
[{"$f":"IF(D66=0,\" \",(LARGE(A$9:A65,1)+1))","v":" "},{"$nulls":8},{"$f":"IF(D66=0,\" \",(G66+H66)*(Details!$C$4+Details!$C$6))","v":" "}]

{"sheet":"Structural Steelwork","index":7,"n_rows":24,"n_cols":40,"rows_kept":24,"merged":[[4,6,4,9],[4,10,4,13]]}
[]
[null,{"$f":"+'Qual, Excl & Assum'!B2","v":"PROJECT: Mr & Mrs Hawkes-Cowands House"}]
[null,{"$f":"+'Qual, Excl & Assum'!B3","v":"DATE: 25TH SEPTEMBER 2025"}]
[]
[null,"Structural Steelwork & Timberwork",{"$nulls":4},"RATES",{"$nulls":3},"TOTALS"]
[]
[null,"Description","Quantity","Unit","Rate","Total","Labour","Materials","L Markup","M Markup","Labour","Materials","L Markup","M Markup"]
[{"$f":"IF(F8<>\"\",(LARGE(A$7:A7,1)+1),\"\")","v":""},{"$nulls":8},{"$f":"IF(D8=0,\" \",(G8+H8)*(Details!$C$4))","v":" "},{"$nulls":3},{"$f":"IF(D8=0,\" \",(J8*C8))","v":" "}]
[{"$f":"IF(F9<>\"\",(LARGE(A$7:A8,1)+1),\"\")","v":""},"STRUCTURAL STEELWORK",{"$nulls":23},{"$f":"IF(F9<>\"\",(LARGE(A$7:A8,1)+1),\"\")","v":""},"STRUCTURAL STEELWORK"]
[{"$f":"IF(F10<>\"\",(LARGE(A$7:A9,1)+1),\"\")","v":""},"STEEL BEAM",{"$nulls":23},{"$f":"IF(F10<>\"\",(LARGE(A$7:A9,1)+1),\"\")","v":""},{"$nulls":13},"KG/M"]
[1,"152x152x23 UC",18.77,"m",{"$f":"G11+H11","v":{"v":33.2,"d":"£33.20"}},{"$f":"E11*C11","v":{"v":623.164,"d":"£623.16"}},{"v":13.4,"d":"£13.40"},{"v":19.8,"d":"£19.80"},{"$f":"IF(D11=0,\" \",(G11)*(Details!$C$4+Details!$C$8))","v":{"v":2.0100000000000002,"d":"£2.01"}},{"$f":"IF(D11=0,\" \",(H11)*(Details!$C$6+Details!$C$8))","v":{"v":2.9700000000000006,"d":"£2.97"}},{"$f":"+G11*C11","v":{"v":251.518,"d":"£251.52"}},{"$f":"+H11*C11","v":{"v":371.646,"d":"£371.65"}},{"$f":"IF(D11=0,\" \",(I11*C11))","v":{"v":37.727700000000006,"d":"£37.73"}},{"$f":"IF(D11=0,\" \",(J11*C11))","v":{"v":55.74690000000001,"d":"£55.75"}},{"$nulls":11},1,null,null,"m",{"$f":"G11+H11+J11+I11","v":{"v":38.18,"d":"£38.18"}},{"$f":"E11*C11","v":{"v":623.164,"d":"£623.16"}},{"$f":"O11*1.75*Details!$M$36","v":{"v":0,"d":"£0.00"}},{"$f":"O11*3+500/1000*O11*C11","v":{"v":0,"d":"£0.00"}},{"$f":"IF(D11=0,\" \",(G11)*(Details!$C$4+Details!$C$8))","v":{"v":2.0100000000000002,"d":"£2.01"}},{"$f":"IF(D11=0,\" \",(H11)*(Details!$C$6+Details!$C$8))","v":{"v":2.9700000000000006,"d":"£2.97"}},{"$f":"+G11*C11","v":{"v":251.518,"d":"£251.52"}},{"$f":"+H11*C11","v":{"v":371.646,"d":"£371.65"}},{"$f":"IF(D11=0,\" \",(I11*C11))","v":{"v":37.727700000000006,"d":"£37.73"}},{"$f":"IF(D11=0,\" \",(J11*C11))","v":{"v":55.74690000000001,"d":"£55.75"}},0]
[]
[2,"203x133x30 UB",{"v":6.8,"d":"6.80"},"m",{"$f":"G13+H13","v":{"v":39.2,"d":"£39.20"}},{"$f":"E13*C13","v":{"v":266.56,"d":"£266.56"}},{"v":15.8,"d":"£15.80"},{"v":23.4,"d":"£23.40"},{"$f":"IF(D13=0,\" \",(G13)*(Details!$C$4+Details!$C$8))","v":{"v":2.3700000000000006,"d":"£2.37"}},{"$f":"IF(D13=0,\" \",(H13)*(Details!$C$6+Details!$C$8))","v":{"v":3.5100000000000002,"d":"£3.51"}},{"$f":"+G13*C13","v":{"v":107.44,"d":"£107.44"}},{"$f":"+H13*C13","v":{"v":159.11999999999998,"d":"£159.12"}},{"$f":"IF(D13=0,\" \",(I13*C13))","v":{"v":16.116000000000003,"d":"£16.12"}},{"$f":"IF(D13=0,\" \",(J13*C13))","v":{"v":23.868000000000002,"d":"£23.87"}},{"$nulls":11},{"$f":"IF(F13<>\"\",(LARGE(A$7:A11,1)+1),\"\")","v":2}]
[]
[3,"230x102x23 UB",4.61,"m",{"v":41.7,"d":"£41.70"},{"$f":"E15*C15","v":{"v":192.23700000000002,"d":"£192.24"}},{"v":16.2,"d":"£16.20"},{"v":25.5,"d":"£25.50"},{"$f":"IF(D15=0,\" \",(G15)*(Details!$C$4+Details!$C$8))","v":{"v":2.43,"d":"£2.43"}},{"$f":"IF(D15=0,\" \",(H15)*(Details!$C$6+Details!$C$8))","v":{"v":3.8250000000000006,"d":"£3.83"}},{"$f":"+G15*C15","v":{"v":74.682,"d":"£74.68"}},{"$f":"+H15*C15","v":{"v":117.555,"d":"£117.56"}},{"$f":"IF(D15=0,\" \",(I15*C15))","v":{"v":11.202300000000001,"d":"£11.20"}},{"$f":"IF(D15=0,\" \",(J15*C15))","v":{"v":17.633250000000004,"d":"£17.63"}}]
[]
[4,"2no. 230x102x23 UB",4.23,"m",{"v":41.7,"d":"£41.70"},{"$f":"E17*C17","v":{"v":176.39100000000002,"d":"£176.39"}},{"v":16.2,"d":"£16.20"},{"v":25.5,"d":"£25.50"},{"$f":"IF(D17=0,\" \",(G17)*(Details!$C$4+Details!$C$8))","v":{"v":2.43,"d":"£2.43"}},{"$f":"IF(D17=0,\" \",(H17)*(Details!$C$6+Details!$C$8))","v":{"v":3.8250000000000006,"d":"£3.83"}},{"$f":"+G17*C17","v":{"v":68.52600000000001,"d":"£68.53"}},{"$f":"+H17*C17","v":{"v":107.86500000000001,"d":"£107.87"}},{"$f":"IF(D17=0,\" \",(I17*C17))","v":{"v":10.278900000000002,"d":"£10.28"}},{"$f":"IF(D17=0,\" \",(J17*C17))","v":{"v":16.179750000000006,"d":"£16.18"}}]
[]
[null,"STEEL POST"]
[5,"90x90x5 SHS",{"v":1,"d":"1.00"},"no",{"$f":"G20+H20","v":{"v":162,"d":"£162.00"}},{"$f":"E20*C20","v":{"v":162,"d":"£162.00"}},{"v":60,"d":"£60.00"},{"v":102,"d":"£102.00"},{"$f":"IF(D20=0,\" \",(G20)*(Details!$C$4+Details!$C$8))","v":{"v":9.000000000000002,"d":"£9.00"}},{"$f":"IF(D20=0,\" \",(H20)*(Details!$C$6+Details!$C$8))","v":{"v":15.300000000000002,"d":"£15.30"}},{"$f":"+G20*C20","v":{"v":60,"d":"£60.00"}},{"$f":"+H20*C20","v":{"v":102,"d":"£102.00"}},{"$f":"IF(D20=0,\" \",(I20*C20))","v":{"v":9.000000000000002,"d":"£9.00"}},{"$f":"IF(D20=0,\" \",(J20*C20))","v":{"v":15.300000000000002,"d":"£15.30"}}]
[{"$f":"IF(F21<>\"\",(LARGE(A$7:A20,1)+1),\"\")","v":""}]
[{"$f":"IF(F22<>\"\",(LARGE(A$7:A21,1)+1),\"\")","v":""},{"$nulls":14},"Check"]
[{"$nulls":4},"Sub Total",{"$f":"SUM(F10:F21)","v":{"v":1420.352,"d":"£1,420.35"}},{"$nulls":3},{"$f":"IF(D23=0,\" \",(G23+H23)*(Details!$C$4+Details!$C$6))","v":" "},{"$f":"SUM(K5:K22)","v":{"v":562.1659999999999,"d":"£562.17"}},{"$f":"SUM(L5:L22)","v":{"v":858.1859999999999,"d":"£858.19"}},{"$f":"SUM(M5:M22)","v":{"v":84.32490000000003,"d":"£84.32"}},{"$f":"SUM(N5:N22)","v":{"v":128.72790000000003,"d":"£128.73"}},null,{"$f":"+F23-K23-L23-N23-M23","v":{"v":-213.05279999999982,"d":"-£213.05"}}]
[{"$f":"IF(D24=0,\" \",(LARGE(A$8:A23,1)+1))","v":" "},{"$nulls":8},{"$f":"IF(D24=0,\" \",(G24+H24)*(Details!$C$4+Details!$C$6))","v":" "}]

{"sheet":"Roof","index":8,"n_rows":55,"n_cols":16,"rows_kept":55,"merged":[[4,6,4,9],[4,10,4,13]]}
[]
[null,{"$f":"+'Qual, Excl & Assum'!B2","v":"PROJECT: Mr & Mrs Hawkes-Cowands House"}]
[null,{"$f":"+'Qual, Excl & Assum'!B3","v":"DATE: 25TH SEPTEMBER 2025"}]
[]
[null,"Roof",{"$nulls":4},"RATES",{"$nulls":3},"TOTALS"]
[]
[null,"Description","Quantity","Unit","Rate","Total","Labour","Materials","L Markup","M Markup","Labour","Materials","L Markup","M Markup"]
[{"$nulls":13},{"$f":"IF(D8=0,\" \",(J8*C8))","v":" "}]
[null,"RL 01 - Flat Roof Build-Up"]
[1,"2mm Standing Seam Roof Finish (Bronze)",{"v":32,"d":"32.00"},"m2",{"$f":"G10+H10","v":{"v":49.8,"d":"£49.80"}},{"$f":"E10*C10","v":{"v":1593.6,"d":"£1,593.60"}},{"v":20,"d":"£20.00"},{"v":29.8,"d":"£29.80"},{"$f":"IF(D10=0,\" \",(G10)*(Details!$C$4+Details!$C$8))","v":{"v":3.0000000000000004,"d":"£3.00"}},{"$f":"IF(D10=0,\" \",(H10)*(Details!$C$6+Details!$C$8))","v":{"v":4.470000000000001,"d":"£4.47"}},{"$f":"+G10*C10","v":{"v":640,"d":"£640.00"}},{"$f":"+H10*C10","v":{"v":953.6,"d":"£953.60"}},{"$f":"IF(D10=0,\" \",(I10*C10))","v":{"v":96.00000000000001,"d":"£96.00"}},{"$f":"IF(D10=0,\" \",(J10*C10))","v":{"v":143.04000000000002,"d":"£143.04"}}]
[]
[2,"18mm Plywood Roof Decking",{"v":32,"d":"32.00"},"m2",{"$f":"G12+H12","v":{"v":25.4,"d":"£25.40"}},{"$f":"E12*C12","v":{"v":812.8,"d":"£812.80"}},{"v":10,"d":"£10.00"},{"v":15.4,"d":"£15.40"},{"$f":"IF(D12=0,\" \",(G12)*(Details!$C$4+Details!$C$8))","v":{"v":1.5000000000000002,"d":"£1.50"}},{"$f":"IF(D12=0,\" \",(H12)*(Details!$C$6+Details!$C$8))","v":{"v":2.3100000000000005,"d":"£2.31"}},{"$f":"+G12*C12","v":{"v":320,"d":"£320.00"}},{"$f":"+H12*C12","v":{"v":492.8,"d":"£492.80"}},{"$f":"IF(D12=0,\" \",(I12*C12))","v":{"v":48.00000000000001,"d":"£48.00"}},{"$f":"IF(D12=0,\" \",(J12*C12))","v":{"v":73.92000000000002,"d":"£73.92"}}]
[]
[3,"150mm Celotex XR4000 Insulation",{"v":32,"d":"32.00"},"m2",{"v":21.4,"d":"£21.40"},{"v":684.8,"d":"£684.80"},{"v":8,"d":"£8.00"},{"v":13.4,"d":"£13.40"},{"$f":"IF(D14=0,\" \",(G14)*(Details!$C$4+Details!$C$8))","v":{"v":1.2000000000000002,"d":"£1.20"}},{"$f":"IF(D14=0,\" \",(H14)*(Details!$C$6+Details!$C$8))","v":{"v":2.0100000000000002,"d":"£2.01"}},{"$f":"+G14*C14","v":{"v":256,"d":"£256.00"}},{"$f":"+H14*C14","v":{"v":428.8,"d":"£428.80"}},{"$f":"IF(D14=0,\" \",(I14*C14))","v":{"v":38.400000000000006,"d":"£38.40"}},{"$f":"IF(D14=0,\" \",(J14*C14))","v":{"v":64.32000000000001,"d":"£64.32"}}]
[]
[4,"Vapour Control Barrier",{"v":32,"d":"32.00"},"m2",{"v":8.4,"d":"£8.40"},{"v":268.8,"d":"£268.80"},{"v":3,"d":"£3.00"},{"v":5.4,"d":"£5.40"},{"$f":"IF(D16=0,\" \",(G16)*(Details!$C$4+Details!$C$8))","v":{"v":0.45000000000000007,"d":"£0.45"}},{"$f":"IF(D16=0,\" \",(H16)*(Details!$C$6+Details!$C$8))","v":{"v":0.8100000000000002,"d":"£0.81"}},{"$f":"+G16*C16","v":{"v":96,"d":"£96.00"}},{"$f":"+H16*C16","v":{"v":172.8,"d":"£172.80"}},{"$f":"IF(D16=0,\" \",(I16*C16))","v":{"v":14.400000000000002,"d":"£14.40"}},{"$f":"IF(D16=0,\" \",(J16*C16))","v":{"v":25.920000000000005,"d":"£25.92"}}]
[]
[5,"12mm WBP Plywood",{"v":32,"d":"32.00"},"m2",{"v":23.2,"d":"£23.20"},{"v":742.4,"d":"£742.40"},{"v":10,"d":"£10.00"},{"v":13.2,"d":"£13.20"},{"$f":"IF(D18=0,\" \",(G18)*(Details!$C$4+Details!$C$8))","v":{"v":1.5000000000000002,"d":"£1.50"}},{"$f":"IF(D18=0,\" \",(H18)*(Details!$C$6+Details!$C$8))","v":{"v":1.9800000000000002,"d":"£1.98"}},{"$f":"+G18*C18","v":{"v":320,"d":"£320.00"}},{"$f":"+H18*C18","v":{"v":422.4,"d":"£422.40"}},{"$f":"IF(D18=0,\" \",(I18*C18))","v":{"v":48.00000000000001,"d":"£48.00"}},{"$f":"IF(D18=0,\" \",(J18*C18))","v":{"v":63.36000000000001,"d":"£63.36"}}]
[]
[{"$f":"IF(F20<>\"\",(LARGE(A$4:A18,1)+1),\"\")","v":6},"40mm Timber Firrings (1:80 Fall)",{"v":32,"d":"32.00"},"m2",{"v":54.8,"d":"£54.80"},{"v":1753.6,"d":"£1,753.60"},{"v":20,"d":"£20.00"},{"v":34.8,"d":"£34.80"},{"$f":"IF(D20=0,\" \",(G20)*(Details!$C$4+Details!$C$8))","v":{"v":3.0000000000000004,"d":"£3.00"}},{"$f":"IF(D20=0,\" \",(H20)*(Details!$C$6+Details!$C$8))","v":{"v":5.220000000000001,"d":"£5.22"}},{"$f":"+G20*C20","v":{"v":640,"d":"£640.00"}},{"$f":"+H20*C20","v":{"v":1113.6,"d":"£1,113.60"}},{"$f":"IF(D20=0,\" \",(I20*C20))","v":{"v":96.00000000000001,"d":"£96.00"}},{"$f":"IF(D20=0,\" \",(J20*C20))","v":{"v":167.04000000000002,"d":"£167.04"}}]
[{"$f":"IF(F21<>\"\",(LARGE(A$4:A20,1)+1),\"\")","v":""}]
[null,"RL 01 - Pitched Roof Build-Up"]
[{"$f":"IF(F23<>\"\",(LARGE(A$4:A22,1)+1),\"\")","v":""}]
[7,"2mm Standing Seam Roof Finish (Bronze)",{"v":13,"d":"13.00"},"m2",{"$f":"G24+H24","v":{"v":49.8,"d":"£49.80"}},{"$f":"E24*C24","v":{"v":647.4,"d":"£647.40"}},{"v":20,"d":"£20.00"},{"v":29.8,"d":"£29.80"},{"$f":"IF(D24=0,\" \",(G24)*(Details!$C$4+Details!$C$8))","v":{"v":3.0000000000000004,"d":"£3.00"}},{"$f":"IF(D24=0,\" \",(H24)*(Details!$C$6+Details!$C$8))","v":{"v":4.470000000000001,"d":"£4.47"}},{"$f":"+G24*C24","v":{"v":260,"d":"£260.00"}},{"$f":"+H24*C24","v":{"v":387.40000000000003,"d":"£387.40"}},{"$f":"IF(D24=0,\" \",(I24*C24))","v":{"v":39.00000000000001,"d":"£39.00"}},{"$f":"IF(D24=0,\" \",(J24*C24))","v":{"v":58.11000000000001,"d":"£58.11"}}]
[]
[{"$f":"IF(F26<>\"\",(LARGE(A$4:A24,1)+1),\"\")","v":8},"25x38mm Timber SW Battens",{"v":13,"d":"13.00"},"m2",{"v":47.9,"d":"£47.90"},{"v":622.6999999999999,"d":"£622.70"},{"v":15.5,"d":"£15.50"},{"v":32.4,"d":"£32.40"},{"$f":"IF(D26=0,\" \",(G26)*(Details!$C$4+Details!$C$8))","v":{"v":2.325,"d":"£2.33"}},{"$f":"IF(D26=0,\" \",(H26)*(Details!$C$6+Details!$C$8))","v":{"v":4.86,"d":"£4.86"}},{"$f":"+G26*C26","v":{"v":201.5,"d":"£201.50"}},{"$f":"+H26*C26","v":{"v":421.2,"d":"£421.20"}},{"$f":"IF(D26=0,\" \",(I26*C26))","v":{"v":30.225,"d":"£30.23"}},{"$f":"IF(D26=0,\" \",(J26*C26))","v":{"v":63.18000000000001,"d":"£63.18"}}]
[]
[10,"18mm Plywood Roof Decking",{"v":13,"d":"13.00"},"m2",{"v":25.4,"d":"£25.40"},{"v":330.2,"d":"£330.20"},{"v":10,"d":"£10.00"},{"v":15.4,"d":"£15.40"},{"$f":"IF(D28=0,\" \",(G28)*(Details!$C$4+Details!$C$8))","v":{"v":1.5000000000000002,"d":"£1.50"}},{"$f":"IF(D28=0,\" \",(H28)*(Details!$C$6+Details!$C$8))","v":{"v":2.3100000000000005,"d":"£2.31"}},{"$f":"+G28*C28","v":{"v":130,"d":"£130.00"}},{"$f":"+H28*C28","v":{"v":200.20000000000002,"d":"£200.20"}},{"$f":"IF(D28=0,\" \",(I28*C28))","v":{"v":19.500000000000004,"d":"£19.50"}},{"$f":"IF(D28=0,\" \",(J28*C28))","v":{"v":30.03000000000001,"d":"£30.03"}}]
[]
[{"$f":"IF(F30<>\"\",(LARGE(A$4:A28,1)+1),\"\")","v":11},"100mm Loft Roll b/w Joist",{"v":13,"d":"13.00"},"m2",{"v":21.4,"d":"£21.40"},{"v":278.2,"d":"£278.20"},{"v":8,"d":"£8.00"},{"v":13.4,"d":"£13.40"},{"$f":"IF(D30=0,\" \",(G30)*(Details!$C$4+Details!$C$8))","v":{"v":1.2000000000000002,"d":"£1.20"}},{"$f":"IF(D30=0,\" \",(H30)*(Details!$C$6+Details!$C$8))","v":{"v":2.0100000000000002,"d":"£2.01"}},{"$f":"+G30*C30","v":{"v":104,"d":"£104.00"}},{"$f":"+H30*C30","v":{"v":174.20000000000002,"d":"£174.20"}},{"$f":"IF(D30=0,\" \",(I30*C30))","v":{"v":15.600000000000001,"d":"£15.60"}},{"$f":"IF(D30=0,\" \",(J30*C30))","v":{"v":26.130000000000003,"d":"£26.13"}}]
[]
[12,"200mm Loft Roll Over Joist",{"v":13,"d":"13.00"},"m2",{"v":33.3,"d":"£33.30"},{"v":432.9,"d":"£432.90"},{"v":13.5,"d":"£13.50"},{"v":19.8,"d":"£19.80"},{"$f":"IF(D32=0,\" \",(G32)*(Details!$C$4+Details!$C$8))","v":{"v":2.0250000000000004,"d":"£2.03"}},{"$f":"IF(D32=0,\" \",(H32)*(Details!$C$6+Details!$C$8))","v":{"v":2.9700000000000006,"d":"£2.97"}},{"$f":"+G32*C32","v":{"v":175.5,"d":"£175.50"}},{"$f":"+H32*C32","v":{"v":257.40000000000003,"d":"£257.40"}},{"$f":"IF(D32=0,\" \",(I32*C32))","v":{"v":26.325000000000003,"d":"£26.33"}},{"$f":"IF(D32=0,\" \",(J32*C32))","v":{"v":38.61000000000001,"d":"£38.61"}}]
[]
[{"$f":"IF(F34<>\"\",(LARGE(A$4:A32,1)+1),\"\")","v":13},"Vapour Control Barrier",{"v":13,"d":"13.00"},"m2",{"v":8.4,"d":"£8.40"},{"v":109.2,"d":"£109.20"},{"v":3,"d":"£3.00"},{"v":5.4,"d":"£5.40"},{"$f":"IF(D34=0,\" \",(G34)*(Details!$C$4+Details!$C$8))","v":{"v":0.45000000000000007,"d":"£0.45"}},{"$f":"IF(D34=0,\" \",(H34)*(Details!$C$6+Details!$C$8))","v":{"v":0.8100000000000002,"d":"£0.81"}},{"$f":"+G34*C34","v":{"v":39,"d":"£39.00"}},{"$f":"+H34*C34","v":{"v":70.2,"d":"£70.20"}},{"$f":"IF(D34=0,\" \",(I34*C34))","v":{"v":5.8500000000000005,"d":"£5.85"}},{"$f":"IF(D34=0,\" \",(J34*C34))","v":{"v":10.530000000000003,"d":"£10.53"}}]
[]
[{"$f":"IF(F36<>\"\",(LARGE(A$4:A35,1)+1),\"\")","v":""},"SOFFITS AND FASCIAS"]
[{"$f":"IF(F37<>\"\",(LARGE(A$4:A36,1)+1),\"\")","v":""}]
[{"$f":"IF(F38<>\"\",(LARGE(A$4:A37,1)+1),\"\")","v":14},"Soffit",{"v":7.4,"d":"7.40"},"m",{"$f":"G38+H38","v":{"v":8.4,"d":"£8.40"}},{"$f":"E38*C38","v":{"v":62.160000000000004,"d":"£62.16"}},{"v":3,"d":"£3.00"},{"v":5.4,"d":"£5.40"},{"$f":"IF(D38=0,\" \",(G38)*(Details!$C$4+Details!$C$8))","v":{"v":0.45000000000000007,"d":"£0.45"}},{"$f":"IF(D38=0,\" \",(H38)*(Details!$C$6+Details!$C$8))","v":{"v":0.8100000000000002,"d":"£0.81"}},{"$f":"+G38*C38","v":{"v":22.200000000000003,"d":"£22.20"}},{"$f":"+H38*C38","v":{"v":39.96000000000001,"d":"£39.96"}},{"$f":"IF(D38=0,\" \",(I38*C38))","v":{"v":3.3300000000000005,"d":"£3.33"}},{"$f":"IF(D38=0,\" \",(J38*C38))","v":{"v":5.9940000000000015,"d":"£5.99"}}]
[{"$f":"IF(F39<>\"\",(LARGE(A$4:A38,1)+1),\"\")","v":""},{"$nulls":7},{"$f":"IF(D39=0,\" \",(G39)*(Details!$C$4+Details!$C$8))","v":" "},{"$f":"IF(D39=0,\" \",(H39)*(Details!$C$6+Details!$C$8))","v":" "}]
[{"$f":"IF(F40<>\"\",(LARGE(A$4:A39,1)+1),\"\")","v":15},"Fascia",{"v":7.4,"d":"7.40"},"m",{"$f":"G40+H40","v":{"v":7.8,"d":"£7.80"}},"£109.20",{"v":3,"d":"£3.00"},{"v":4.8,"d":"£4.80"},{"$f":"IF(D40=0,\" \",(G40)*(Details!$C$4+Details!$C$8))","v":{"v":0.45000000000000007,"d":"£0.45"}},{"$f":"IF(D40=0,\" \",(H40)*(Details!$C$6+Details!$C$8))","v":{"v":0.7200000000000001,"d":"£0.72"}},{"$f":"+G40*C40","v":{"v":22.200000000000003,"d":"£22.20"}},{"$f":"+H40*C40","v":{"v":35.52,"d":"£35.52"}},{"$f":"IF(D40=0,\" \",(I40*C40))","v":{"v":3.3300000000000005,"d":"£3.33"}},{"$f":"IF(D40=0,\" \",(J40*C40))","v":{"v":5.328000000000001,"d":"£5.33"}}]
[{"$f":"IF(F41<>\"\",(LARGE(A$4:A40,1)+1),\"\")","v":""},{"$nulls":7},{"$f":"IF(D41=0,\" \",(G41)*(Details!$C$4+Details!$C$8))","v":" "},{"$f":"IF(D41=0,\" \",(H41)*(Details!$C$6+Details!$C$8))","v":" "}]
[{"$f":"IF(F42<>\"\",(LARGE(A$4:A41,1)+1),\"\")","v":""},"RAINWATER GOODS - UPVC",{"$nulls":6},{"$f":"IF(D42=0,\" \",(G42)*(Details!$C$4+Details!$C$8))","v":" "},{"$f":"IF(D42=0,\" \",(H42)*(Details!$C$6+Details!$C$8))","v":" "}]
[{"$f":"IF(F43<>\"\",(LARGE(A$4:A42,1)+1),\"\")","v":""},{"$nulls":7},{"$f":"IF(D43=0,\" \",(G43)*(Details!$C$4+Details!$C$8))","v":" "},{"$f":"IF(D43=0,\" \",(H43)*(Details!$C$6+Details!$C$8))","v":" "}]
[{"$f":"IF(F44<>\"\",(LARGE(A$4:A43,1)+1),\"\")","v":16},"(100mm Dia) Half-Round Gutter w/ Clips",{"v":3,"d":"3.00"},"M",{"$f":"G44+H44","v":{"v":45.3,"d":"£45.30"}},"£109.20",{"v":15.5,"d":"£15.50"},{"v":29.8,"d":"£29.80"},{"$f":"IF(D44=0,\" \",(G44)*(Details!$C$4+Details!$C$8))","v":{"v":2.325,"d":"£2.33"}},{"$f":"IF(D44=0,\" \",(H44)*(Details!$C$6+Details!$C$8))","v":{"v":4.470000000000001,"d":"£4.47"}},{"$f":"+G44*C44","v":{"v":46.5,"d":"£46.50"}},{"$f":"+H44*C44","v":{"v":89.4,"d":"£89.40"}},{"$f":"IF(D44=0,\" \",(I44*C44))","v":{"v":6.9750000000000005,"d":"£6.98"}},{"$f":"IF(D44=0,\" \",(J44*C44))","v":{"v":13.410000000000002,"d":"£13.41"}}]
[{"$f":"IF(F45<>\"\",(LARGE(A$4:A44,1)+1),\"\")","v":""},{"$nulls":7},{"$f":"IF(D45=0,\" \",(G45)*(Details!$C$4+Details!$C$8))","v":" "},{"$f":"IF(D45=0,\" \",(H45)*(Details!$C$6+Details!$C$8))","v":" "},{"$nulls":3}," "]
[{"$f":"IF(F46<>\"\",(LARGE(A$4:A45,1)+1),\"\")","v":17},"(90mm Dia) Downpipe",2.44,"M",{"v":40.9,"d":"£40.90"},"£109.20",{"v":14.2,"d":"£14.20"},{"v":26.7,"d":"£26.70"},{"$f":"IF(D46=0,\" \",(G46)*(Details!$C$4+Details!$C$8))","v":{"v":2.1300000000000003,"d":"£2.13"}},{"$f":"IF(D46=0,\" \",(H46)*(Details!$C$6+Details!$C$8))","v":{"v":4.005000000000001,"d":"£4.01"}},{"$f":"+G46*C46","v":{"v":34.647999999999996,"d":"£34.65"}},{"$f":"+H46*C46","v":{"v":65.148,"d":"£65.15"}},{"$f":"IF(D46=0,\" \",(I46*C46))","v":{"v":5.1972000000000005,"d":"£5.20"}},{"$f":"IF(D46=0,\" \",(J46*C46))","v":{"v":9.772200000000002,"d":"£9.77"}}]
[{"$f":"IF(F47<>\"\",(LARGE(A$4:A46,1)+1),\"\")","v":""},{"$nulls":7},{"$f":"IF(D47=0,\" \",(G47)*(Details!$C$4+Details!$C$8))","v":" "},{"$f":"IF(D47=0,\" \",(H47)*(Details!$C$6+Details!$C$8))","v":" "},{"$nulls":3}," "]
[{"$f":"IF(F48<>\"\",(LARGE(A$4:A47,1)+1),\"\")","v":""},"LEAD FLASHING",{"$nulls":6},{"$f":"IF(D48=0,\" \",(G48)*(Details!$C$4+Details!$C$8))","v":" "},{"$f":"IF(D48=0,\" \",(H48)*(Details!$C$6+Details!$C$8))","v":" "},{"$nulls":3}," "]
[{"$f":"IF(F49<>\"\",(LARGE(A$4:A48,1)+1),\"\")","v":""},{"$nulls":7},{"$f":"IF(D49=0,\" \",(G49)*(Details!$C$4+Details!$C$8))","v":" "},{"$f":"IF(D49=0,\" \",(H49)*(Details!$C$6+Details!$C$8))","v":" "},{"$nulls":3}," "]
[18,"Code 4 Lead Flashing @ Rooflight",9.89,"m",{"$f":"G50+H50","v":{"v":7.4,"d":"£7.40"}},"£109.20",{"v":3,"d":"£3.00"},{"v":4.4,"d":"£4.40"},{"$f":"IF(D50=0,\" \",(G50)*(Details!$C$4+Details!$C$8))","v":{"v":0.45000000000000007,"d":"£0.45"}},{"$f":"IF(D50=0,\" \",(H50)*(Details!$C$6+Details!$C$8))","v":{"v":0.6600000000000001,"d":"£0.66"}},{"$f":"+G50*C50","v":{"v":29.67,"d":"£29.67"}},{"$f":"+H50*C50","v":{"v":43.516000000000005,"d":"£43.52"}},{"$f":"IF(D50=0,\" \",(I50*C50))","v":{"v":4.450500000000001,"d":"£4.45"}},{"$f":"IF(D50=0,\" \",(J50*C50))","v":{"v":6.527400000000002,"d":"£6.53"}}]
[]
[19,"Code 4 Lead Flashing @ Building",8.26,"m",{"$f":"G52+H52","v":{"v":7.4,"d":"£7.40"}},"£109.20",{"v":3,"d":"£3.00"},{"v":4.4,"d":"£4.40"},{"$f":"IF(D52=0,\" \",(G52)*(Details!$C$4+Details!$C$8))","v":{"v":0.45000000000000007,"d":"£0.45"}},{"$f":"IF(D52=0,\" \",(H52)*(Details!$C$6+Details!$C$8))","v":{"v":0.6600000000000001,"d":"£0.66"}},{"$f":"+G52*C52","v":{"v":24.78,"d":"£24.78"}},{"$f":"+H52*C52","v":{"v":36.344,"d":"£36.34"}},{"$f":"IF(D52=0,\" \",(I52*C52))","v":{"v":3.7170000000000005,"d":"£3.72"}},{"$f":"IF(D52=0,\" \",(J52*C52))","v":{"v":5.451600000000001,"d":"£5.45"}}]
[{"$f":"IF(F53<>\"\",(LARGE(A$7:A52,1)+1),\"\")","v":""},{"$nulls":7},{"$f":"IF(D53=0,\" \",(G53)*(Details!$C$4+Details!$C$8))","v":" "},{"$f":"IF(D53=0,\" \",(H53)*(Details!$C$6+Details!$C$8))","v":" "},{"$nulls":5},"Check"]
[{"$nulls":4},"Sub Total",{"$f":"SUM(F1:F53)","v":{"v":8338.759999999998,"d":"£8,338.76"}},{"$nulls":3},{"$f":"IF(D54=0,\" \",(G54+H54)*(Details!$C$4+Details!$C$6))","v":" "},{"$f":"SUM(K5:K53)","v":{"v":3361.998,"d":"£3,362.00"}},{"$f":"SUM(L5:L53)","v":{"v":5404.487999999999,"d":"£5,404.49"}},{"$f":"SUM(M5:M53)","v":{"v":504.2997000000001,"d":"£504.30"}},{"$f":"SUM(N5:N53)","v":{"v":810.6732000000001,"d":"£810.67"}},null,{"$f":"+F54-K54-L54-N54-M54","v":{"v":-1742.6989000000008,"d":"-£1,742.70"}}]
[{"$f":"IF(F55<>\"\",(LARGE(A$7:A54,1)+1),\"\")","v":""},{"$nulls":8},{"$f":"IF(D55=0,\" \",(G55+H55)*(Details!$C$4+Details!$C$6))","v":" "}]

{"sheet":"Windows, Doors & Rooflights","index":9,"n_rows":35,"n_cols":21,"rows_kept":35,"merged":[[5,8,5,11],[5,12,5,15]]}
[{"$nulls":20},{"v":1,"d":"1.00"}]
[null,{"$f":"+Roof!B2","v":"PROJECT: Mr & Mrs Hawkes-Cowands House"},{"$nulls":15},"UPVC","UPVC"]
[null,{"$f":"+Roof!B3","v":"DATE: 25TH SEPTEMBER 2025"},{"$nulls":15},"Doors","Windows","Rooflights"]
[{"$nulls":17},{"$f":"IF($R$2=\"Multiple\", \"Input\",\n    IF($R$2=\"UPVC\",$U$1*750,0)\n    +IF($R$2=\"Aluminium\",$U$1*1250,0)\n    +IF($R$2=\"Timber\",$U$1*1250,0)\n    +IF($R$2=\"Composite\",$U$1*1500,0)\n    +IF($R$2=\"Crittall\",$U$1*2000,0)\n)","v":{"v":750,"d":"£750.00"}},{"$f":"IF($S$2=\"Multiple\", \"Input\",\n    IF($S$2=\"UPVC\",$U$1*250,0)\n    +IF($S$2=\"Aluminium\",$U$1*600,0)\n    +IF($S$2=\"Timber\",$U$1*550,0)\n    +IF($S$2=\"Composite\",$U$1*450,0)\n    +IF($S$2=\"Crittall\",$U$1*1250,0)\n)","v":{"v":250,"d":"£250.00"}},{"v":800,"d":"800.00"}]
[{"$nulls":17},{"$f":"IF($R$2=\"Multiple\", \"Input\", \"\")","v":""},{"$f":"IF($S$2=\"Multiple\", \"Input\", \"\")","v":""}]
[null,"External Windows, Doors and Rooflights",{"$nulls":6},"RATES",{"$nulls":3},"TOTALS"]
[]
[null,"Description",null,null,"Quantity","Unit","Rate","Total","Labour","Materials","L Markup","M Markup","Labour","Materials","L Markup","M Markup"]
[null,null,"Approx.","Approx.",{"$nulls":11},{"$f":"IF(F9=0,\" \",(L9*E9))","v":" "}]
[]
[]
[]
[null,"EXTERNAL DOORS","Width (mm)","Height (mm)",{"$nulls":11}," "]
[{"$nulls":15}," "]
[1,"Exterior Door",1420,2225,{"v":5,"d":"5.00"},"no.",{"$f":"I15+J15","v":{"v":1225,"d":"£1,225.00"}},{"$f":"G15*E15","v":{"v":6125,"d":"£6,125.00"}},{"v":280,"d":"£280.00"},{"v":945,"d":"£945.00"},{"$f":"IF(F15=0,\" \",(I15)*(Details!$C$4+Details!$C$8))","v":{"v":42.00000000000001,"d":"£42.00"}},{"$f":"IF(F15=0,\" \",(J15)*(Details!$C$6+Details!$C$8))","v":{"v":141.75000000000003,"d":"£141.75"}},{"$f":"+I15*E15","v":{"v":1400,"d":"£1,400.00"}},{"$f":"+J15*E15","v":{"v":4725,"d":"£4,725.00"}},{"$f":"IF(F15=0,\" \",(K15*E15))","v":{"v":210.00000000000003,"d":"£210.00"}},{"$f":"IF(F15=0,\" \",(L15*E15))","v":{"v":708.7500000000001,"d":"£708.75"}}]
[]
[{"$f":"IF(F17<>\"\",(LARGE(A$8:A16,1)+1),\"\")","v":2},"Interior Door",685,2100,{"v":4,"d":"4.00"},"no.",{"$f":"I17+J17","v":{"v":740,"d":"£740.00"}},{"$f":"G17*E17","v":{"v":2960,"d":"£2,960.00"}},{"v":200,"d":"£200.00"},{"v":540,"d":"£540.00"},{"$f":"IF(F17=0,\" \",(I17)*(Details!$C$4+Details!$C$8))","v":{"v":30.000000000000004,"d":"£30.00"}},{"$f":"IF(F17=0,\" \",(J17)*(Details!$C$6+Details!$C$8))","v":{"v":81.00000000000001,"d":"£81.00"}},{"$f":"+I17*E17","v":{"v":800,"d":"£800.00"}},{"$f":"+J17*E17","v":{"v":2160,"d":"£2,160.00"}},{"$f":"IF(F17=0,\" \",(K17*E17))","v":{"v":120.00000000000001,"d":"£120.00"}},{"$f":"IF(F17=0,\" \",(L17*E17))","v":{"v":324.00000000000006,"d":"£324.00"}}]
[{"$f":"IF(F18<>\"\",(LARGE(A$8:A17,1)+1),\"\")","v":""}]
[{"$f":"IF(F19<>\"\",(LARGE(A$8:A18,1)+1),\"\")","v":3},"Interior Door",760,2100,{"v":3,"d":"3.00"},"no.",{"v":810,"d":"£810.00"},{"$f":"G19*E19","v":{"v":2430,"d":"£2,430.00"}},{"v":220,"d":"£220.00"},{"v":590,"d":"£590.00"},{"$f":"IF(F19=0,\" \",(I19)*(Details!$C$4+Details!$C$8))","v":{"v":33.00000000000001,"d":"£33.00"}},{"$f":"IF(F19=0,\" \",(J19)*(Details!$C$6+Details!$C$8))","v":{"v":88.50000000000001,"d":"£88.50"}},{"$f":"+I19*E19","v":{"v":660,"d":"£660.00"}},{"$f":"+J19*E19","v":{"v":1770,"d":"£1,770.00"}},{"$f":"IF(F19=0,\" \",(K19*E19))","v":{"v":99.00000000000003,"d":"£99.00"}},{"$f":"IF(F19=0,\" \",(L19*E19))","v":{"v":265.50000000000006,"d":"£265.50"}}]
[{"$f":"IF(F20<>\"\",(LARGE(A$8:A19,1)+1),\"\")","v":""}]
[4,"Interior Door",825,2100,{"v":1,"d":"1.00"},"no.",{"v":850,"d":"£850.00"},{"$f":"G21*E21","v":{"v":850,"d":"£850.00"}},{"v":220,"d":"£220.00"},{"v":630,"d":"£630.00"},{"$f":"IF(F21=0,\" \",(I21)*(Details!$C$4+Details!$C$8))","v":{"v":33.00000000000001,"d":"£33.00"}},{"$f":"IF(F21=0,\" \",(J21)*(Details!$C$6+Details!$C$8))","v":{"v":94.50000000000001,"d":"£94.50"}},{"$f":"+I21*E21","v":{"v":220,"d":"£220.00"}},{"$f":"+J21*E21","v":{"v":630,"d":"£630.00"}},{"$f":"IF(F21=0,\" \",(K21*E21))","v":{"v":33.00000000000001,"d":"£33.00"}},{"$f":"IF(F21=0,\" \",(L21*E21))","v":{"v":94.50000000000001,"d":"£94.50"}}]
[]
[5,"Interior Door (Double Door)",1065,2100,{"v":1,"d":"1.00"},"no.",{"v":1300,"d":"£1,300.00"},{"$f":"G23*E23","v":{"v":1300,"d":"£1,300.00"}},{"v":280,"d":"£280.00"},{"v":1020,"d":"£1,020.00"},{"$f":"IF(F23=0,\" \",(I23)*(Details!$C$4+Details!$C$8))","v":{"v":42.00000000000001,"d":"£42.00"}},{"$f":"IF(F23=0,\" \",(J23)*(Details!$C$6+Details!$C$8))","v":{"v":153.00000000000003,"d":"£153.00"}},{"$f":"+I23*E23","v":{"v":280,"d":"£280.00"}},{"$f":"+J23*E23","v":{"v":1020,"d":"£1,020.00"}},{"$f":"IF(F23=0,\" \",(K23*E23))","v":{"v":42.00000000000001,"d":"£42.00"}},{"$f":"IF(F23=0,\" \",(L23*E23))","v":{"v":153.00000000000003,"d":"£153.00"}}]
[]
[6,"Interior Door (Pocket Door)",760,2100,{"v":1,"d":"1.00"},"no.",{"v":1200,"d":"£1,200.00"},{"$f":"G25*E25","v":{"v":1200,"d":"£1,200.00"}},{"v":260,"d":"£260.00"},{"v":940,"d":"£940.00"},{"$f":"IF(F25=0,\" \",(I25)*(Details!$C$4+Details!$C$8))","v":{"v":39.00000000000001,"d":"£39.00"}},{"$f":"IF(F25=0,\" \",(J25)*(Details!$C$6+Details!$C$8))","v":{"v":141.00000000000003,"d":"£141.00"}},{"$f":"+I25*E25","v":{"v":260,"d":"£260.00"}},{"$f":"+J25*E25","v":{"v":940,"d":"£940.00"}},{"$f":"IF(F25=0,\" \",(K25*E25))","v":{"v":39.00000000000001,"d":"£39.00"}},{"$f":"IF(F25=0,\" \",(L25*E25))","v":{"v":141.00000000000003,"d":"£141.00"}}]
[]
[{"$f":"IF(F27<>\"\",(LARGE(A$8:A26,1)+1),\"\")","v":""}]
[{"$f":"IF(F28<>\"\",(LARGE(A$8:A27,1)+1),\"\")","v":""},"ROOFLIGHTS","Width (mm)","Length (mm)",{"$nulls":6},{"$f":"IF(F28=0,\" \",(I28)*(Details!$C$4+Details!$C$8))","v":" "},{"$f":"IF(F28=0,\" \",(J28)*(Details!$C$6+Details!$C$8))","v":" "},null,null,{"$f":"IF(F28=0,\" \",(K28*E28))","v":" "},{"$f":"IF(F28=0,\" \",(L28*E28))","v":" "}]
[{"$f":"IF(F29<>\"\",(LARGE(A$8:A28,1)+1),\"\")","v":""}]
[{"$f":"IF(F30<>\"\",(LARGE(A$8:A29,1)+1),\"\")","v":7},"Double Glazed  Roof Light",1230,3800,{"v":1,"d":"1.00"},"no.",{"$f":"I30+J30","v":{"v":2280,"d":"£2,280.00"}},{"$f":"G30*E30","v":{"v":2280,"d":"£2,280.00"}},{"v":300,"d":"£300.00"},{"v":1980,"d":"£1,980.00"},{"$f":"IF(F30=0,\" \",(I30)*(Details!$C$4+Details!$C$8))","v":{"v":45.00000000000001,"d":"£45.00"}},{"$f":"IF(F30=0,\" \",(J30)*(Details!$C$6+Details!$C$8))","v":{"v":297.00000000000006,"d":"£297.00"}},{"$f":"+I30*E30","v":{"v":300,"d":"£300.00"}},{"$f":"+J30*E30","v":{"v":1980,"d":"£1,980.00"}},{"$f":"IF(F30=0,\" \",(K30*E30))","v":{"v":45.00000000000001,"d":"£45.00"}},{"$f":"IF(F30=0,\" \",(L30*E30))","v":{"v":297.00000000000006,"d":"£297.00"}}]
[{"$f":"IF(F31<>\"\",(LARGE(A$8:A30,1)+1),\"\")","v":""}]
[{"$f":"IF(F32<>\"\",(LARGE(A$8:A31,1)+1),\"\")","v":""},{"$nulls":16},{"$f":"+H34-M34-N34-P34-O34","v":{"v":-2571.7500000000005,"d":"-£2,571.75"}}]
[{"$f":"IF(F33<>\"\",(LARGE(A$8:A32,1)+1),\"\")","v":""},{"$nulls":9},{"$f":"IF(F33=0,\" \",(I33)*(Details!$C$4+Details!$C$8))","v":" "},{"$f":"IF(F33=0,\" \",(J33)*(Details!$C$6+Details!$C$8))","v":" "}]
[{"$f":"IF(F34=0,\" \",(LARGE(A$13:A33,1)+1))","v":" "},{"$nulls":5},"Sub Total",{"$f":"SUM(H1:H33)","v":{"v":17145,"d":"£17,145.00"}},{"$nulls":3},{"$f":"IF(F34=0,\" \",(I34+J34)*(Details!$C$4+Details!$C$6))","v":" "},{"$f":"SUM(M4:M33)","v":{"v":3920,"d":"£3,920.00"}},{"$f":"SUM(N4:N33)","v":{"v":13225,"d":"£13,225.00"}},{"$f":"SUM(O4:O33)","v":{"v":588.0000000000001,"d":"£588.00"}},{"$f":"SUM(P9:P33)","v":{"v":1983.7500000000002,"d":"£1,983.75"}}]
[{"$nulls":11},{"$f":"IF(F35=0,\" \",(I35+J35)*(Details!$C$4+Details!$C$6))","v":" "}]

{"sheet":"Partitions","index":10,"n_rows":101,"n_cols":16,"rows_kept":101,"merged":[[4,6,4,9],[4,10,4,13]]}
[]
[null,{"$f":"+'Qual, Excl & Assum'!B2","v":"PROJECT: Mr & Mrs Hawkes-Cowands House"}]
[null,{"$f":"+'Qual, Excl & Assum'!B3","v":"DATE: 25TH SEPTEMBER 2025"}]
[]
[null,"Internal Walls and Partitions",{"$nulls":4},"RATES",{"$nulls":3},"TOTALS"]
[]
[null,"Description","Quantity","Unit","Rate","Total","Labour","Materials","L Markup","M Markup","Labour","Materials","L Markup","M Markup"]
[{"$nulls":13},{"$f":"IF(D8=0,\" \",(J8*C8))","v":" "}]
[null,"STUDWORK PARTITIONS"]
[]
[1,"WL-INT01 - Internal Timber Wall (2450mm H)"]
[]
[2,"89x38mm Carcass Timber Stud Wall @ 400mm Ctrs",12.25,"m2",{"$f":"G13+H13","v":{"v":39.9,"d":"£39.90"}},{"$f":"E13*C13","v":{"v":488.775,"d":"£488.78"}},{"v":13.4,"d":"£13.40"},{"v":26.5,"d":"£26.50"},{"$f":"IF(D13=0,\" \",(G13)*(Details!$C$4+Details!$C$8))","v":{"v":2.0100000000000002,"d":"£2.01"}},{"$f":"IF(D13=0,\" \",(H13)*(Details!$C$6+Details!$C$8))","v":{"v":3.9750000000000005,"d":"£3.98"}},{"$f":"+G13*C13","v":{"v":164.15,"d":"£164.15"}},{"$f":"+H13*C13","v":{"v":324.625,"d":"£324.63"}},{"$f":"IF(D13=0,\" \",(I13*C13))","v":{"v":24.622500000000002,"d":"£24.62"}},{"$f":"IF(D13=0,\" \",(J13*C13))","v":{"v":48.69375000000001,"d":"£48.69"}}]
[]
[3,"Timber Head Plate",{"v":10,"d":"10.00"},"m",{"$f":"G15+H15","v":{"v":22.4,"d":"£22.40"}},{"$f":"E15*C15","v":{"v":224,"d":"£224.00"}},{"v":9,"d":"£9.00"},{"v":13.4,"d":"£13.40"},{"$f":"IF(D15=0,\" \",(G15)*(Details!$C$4+Details!$C$8))","v":{"v":1.35,"d":"£1.35"}},{"$f":"IF(D15=0,\" \",(H15)*(Details!$C$6+Details!$C$8))","v":{"v":2.0100000000000002,"d":"£2.01"}},{"$f":"+G15*C15","v":{"v":90,"d":"£90.00"}},{"$f":"+H15*C15","v":{"v":134,"d":"£134.00"}},{"$f":"IF(D15=0,\" \",(I15*C15))","v":{"v":13.5,"d":"£13.50"}},{"$f":"IF(D15=0,\" \",(J15*C15))","v":{"v":20.1,"d":"£20.10"}}]
[]
[{"$f":"IF(F17<>\"\",(LARGE(A$7:A15,1)+1),\"\")","v":4},"Timber Sole Plate",{"v":5,"d":"5.00"},"m",{"v":22.4,"d":"£22.40"},{"v":112,"d":"£112.00"},{"v":9,"d":"£9.00"},{"v":13.4,"d":"£13.40"},{"$f":"IF(D17=0,\" \",(G17)*(Details!$C$4+Details!$C$8))","v":{"v":1.35,"d":"£1.35"}},{"$f":"IF(D17=0,\" \",(H17)*(Details!$C$6+Details!$C$8))","v":{"v":2.0100000000000002,"d":"£2.01"}},{"v":45,"d":"£45.00"},{"v":67,"d":"£67.00"},{"v":6.75,"d":"£6.75"},{"v":10.05,"d":"£10.05"}]
[]
[{"$f":"IF(F19<>\"\",(LARGE(A$7:A17,1)+1),\"\")","v":5},"50mm Rockwool Acoustic Insulation b/w Stud",12.25,"m2",{"v":19.4,"d":"£19.40"},{"v":237.64999999999998,"d":"£237.65"},{"v":8,"d":"£8.00"},{"v":11.4,"d":"£11.40"},{"$f":"IF(D19=0,\" \",(G19)*(Details!$C$4+Details!$C$8))","v":{"v":1.2000000000000002,"d":"£1.20"}},{"$f":"IF(D19=0,\" \",(H19)*(Details!$C$6+Details!$C$8))","v":{"v":1.7100000000000004,"d":"£1.71"}},{"v":98,"d":"£98.00"},{"v":139.65,"d":"£139.65"},{"v":14.700000000000003,"d":"£14.70"},{"v":20.947500000000005,"d":"£20.95"}]
[{"$f":"IF(F20<>\"\",(LARGE(A$7:A19,1)+1),\"\")","v":""}]
[{"$f":"IF(F21<>\"\",(LARGE(A$7:A20,1)+1),\"\")","v":""},"WL-INT02 - Internal Timber Wall (2450mm H)"]
[]
[{"$f":"IF(F23<>\"\",(LARGE(A$7:A21,1)+1),\"\")","v":6},"89x38mm Carcass Timber Stud Wall @ 400mm Ctrs",{"v":9.8,"d":"9.80"},"m2",{"$f":"G23+H23","v":{"v":39.9,"d":"£39.90"}},{"$f":"E23*C23","v":{"v":391.02000000000004,"d":"£391.02"}},{"v":13.4,"d":"£13.40"},{"v":26.5,"d":"£26.50"},{"$f":"IF(D23=0,\" \",(G23)*(Details!$C$4+Details!$C$8))","v":{"v":2.0100000000000002,"d":"£2.01"}},{"$f":"IF(D23=0,\" \",(H23)*(Details!$C$6+Details!$C$8))","v":{"v":3.9750000000000005,"d":"£3.98"}},{"$f":"+G23*C23","v":{"v":131.32000000000002,"d":"£131.32"}},{"$f":"+H23*C23","v":{"v":259.70000000000005,"d":"£259.70"}},{"$f":"IF(D23=0,\" \",(I23*C23))","v":{"v":19.698000000000004,"d":"£19.70"}},{"$f":"IF(D23=0,\" \",(J23*C23))","v":{"v":38.955000000000005,"d":"£38.96"}}]
[]
[{"$f":"IF(F25<>\"\",(LARGE(A$7:A23,1)+1),\"\")","v":7},"Timber Head Plate",{"v":8,"d":"8.00"},"m",{"v":22.4,"d":"£22.40"},{"v":179.2,"d":"£179.20"},{"v":9,"d":"£9.00"},{"v":13.4,"d":"£13.40"},{"$f":"IF(D25=0,\" \",(G25)*(Details!$C$4+Details!$C$8))","v":{"v":1.35,"d":"£1.35"}},{"$f":"IF(D25=0,\" \",(H25)*(Details!$C$6+Details!$C$8))","v":{"v":2.0100000000000002,"d":"£2.01"}},{"v":72,"d":"£72.00"},{"v":107.2,"d":"£107.20"},{"v":10.8,"d":"£10.80"},{"v":16.080000000000002,"d":"£16.08"}]
[]
[{"$f":"IF(F27<>\"\",(LARGE(A$7:A25,1)+1),\"\")","v":8},"Timber Sole Plate",{"v":4,"d":"4.00"},"m",{"v":22.4,"d":"£22.40"},{"v":89.6,"d":"£89.60"},{"v":9,"d":"£9.00"},{"v":13.4,"d":"£13.40"},{"$f":"IF(D27=0,\" \",(G27)*(Details!$C$4+Details!$C$8))","v":{"v":1.35,"d":"£1.35"}},{"$f":"IF(D27=0,\" \",(H27)*(Details!$C$6+Details!$C$8))","v":{"v":2.0100000000000002,"d":"£2.01"}},{"v":36,"d":"£36.00"},{"v":53.6,"d":"£53.60"},{"v":5.4,"d":"£5.40"},{"v":8.040000000000001,"d":"£8.04"}]
[]
[{"$f":"IF(F29<>\"\",(LARGE(A$7:A27,1)+1),\"\")","v":9},"50mm Rockwool Acoustic Insulation b/w Stud",{"v":9.8,"d":"9.80"},"m2",{"v":19.4,"d":"£19.40"},{"v":190.12,"d":"£190.12"},{"v":8,"d":"£8.00"},{"v":11.4,"d":"£11.40"},{"$f":"IF(D29=0,\" \",(G29)*(Details!$C$4+Details!$C$8))","v":{"v":1.2000000000000002,"d":"£1.20"}},{"$f":"IF(D29=0,\" \",(H29)*(Details!$C$6+Details!$C$8))","v":{"v":1.7100000000000004,"d":"£1.71"}},{"v":78.4,"d":"£78.40"},{"v":111.72000000000001,"d":"£111.72"},{"v":11.760000000000003,"d":"£11.76"},{"v":16.758000000000006,"d":"£16.76"}]
[]
[{"$f":"IF(F31<>\"\",(LARGE(A$7:A29,1)+1),\"\")","v":10},"9mm OSB Sheathing Board",{"v":9.8,"d":"9.80"},"m2",{"v":23.200000000000003,"d":"£23.20"},{"v":227.36000000000004,"d":"£227.36"},{"v":10.8,"d":"£10.80"},{"v":12.4,"d":"£12.40"},{"$f":"IF(D31=0,\" \",(G31)*(Details!$C$4+Details!$C$8))","v":{"v":1.6200000000000003,"d":"£1.62"}},{"$f":"IF(D31=0,\" \",(H31)*(Details!$C$6+Details!$C$8))","v":{"v":1.8600000000000003,"d":"£1.86"}},{"v":105.84000000000002,"d":"£105.84"},{"v":121.52000000000001,"d":"£121.52"},{"v":15.876000000000005,"d":"£15.88"},{"v":18.228000000000005,"d":"£18.23"}]
[{"$f":"IF(F32<>\"\",(LARGE(A$7:A31,1)+1),\"\")","v":""}]
[{"$f":"IF(F33<>\"\",(LARGE(A$7:A32,1)+1),\"\")","v":""},"WL-INT03 - Internal Timber Wall (2450mm H)"]
[]
[{"$f":"IF(F35<>\"\",(LARGE(A$7:A33,1)+1),\"\")","v":11},"89x38mm Carcass Timber Stud Wall @ 400mm Ctrs",31.85,"m2",{"$f":"G35+H35","v":{"v":39.9,"d":"£39.90"}},{"$f":"E35*C35","v":{"v":1270.815,"d":"£1,270.82"}},{"v":13.4,"d":"£13.40"},{"v":26.5,"d":"£26.50"},{"$f":"IF(D35=0,\" \",(G35)*(Details!$C$4+Details!$C$8))","v":{"v":2.0100000000000002,"d":"£2.01"}},{"$f":"IF(D35=0,\" \",(H35)*(Details!$C$6+Details!$C$8))","v":{"v":3.9750000000000005,"d":"£3.98"}},{"$f":"+G35*C35","v":{"v":426.79,"d":"£426.79"}},{"$f":"+H35*C35","v":{"v":844.0250000000001,"d":"£844.03"}},{"$f":"IF(D35=0,\" \",(I35*C35))","v":{"v":64.01850000000002,"d":"£64.02"}},{"$f":"IF(D35=0,\" \",(J35*C35))","v":{"v":126.60375000000002,"d":"£126.60"}}]
[]
[{"$f":"IF(F37<>\"\",(LARGE(A$7:A35,1)+1),\"\")","v":12},"Timber Head Plate",{"v":26,"d":"26.00"},"m",{"v":22.4,"d":"£22.40"},{"v":582.4,"d":"£582.40"},{"v":9,"d":"£9.00"},{"v":13.4,"d":"£13.40"},{"$f":"IF(D37=0,\" \",(G37)*(Details!$C$4+Details!$C$8))","v":{"v":1.35,"d":"£1.35"}},{"$f":"IF(D37=0,\" \",(H37)*(Details!$C$6+Details!$C$8))","v":{"v":2.0100000000000002,"d":"£2.01"}},{"v":234,"d":"£234.00"},{"v":348.40000000000003,"d":"£348.40"},{"v":35.1,"d":"£35.10"},{"v":52.260000000000005,"d":"£52.26"}]
[]
[{"$f":"IF(F39<>\"\",(LARGE(A$7:A37,1)+1),\"\")","v":13},"Timber Sole Plate",{"v":13,"d":"13.00"},"m",{"v":22.4,"d":"£22.40"},{"v":291.2,"d":"£291.20"},{"v":9,"d":"£9.00"},{"v":13.4,"d":"£13.40"},{"$f":"IF(D39=0,\" \",(G39)*(Details!$C$4+Details!$C$8))","v":{"v":1.35,"d":"£1.35"}},{"$f":"IF(D39=0,\" \",(H39)*(Details!$C$6+Details!$C$8))","v":{"v":2.0100000000000002,"d":"£2.01"}},{"v":117,"d":"£117.00"},{"v":174.20000000000002,"d":"£174.20"},{"v":17.55,"d":"£17.55"},{"v":26.130000000000003,"d":"£26.13"}]
[]
[{"$f":"IF(F41<>\"\",(LARGE(A$7:A39,1)+1),\"\")","v":14},"50mm Rockwool Acoustic Insulation b/w Stud",31.85,"m2",{"v":19.4,"d":"£19.40"},{"v":617.89,"d":"£617.89"},{"v":8,"d":"£8.00"},{"v":11.4,"d":"£11.40"},{"$f":"IF(D41=0,\" \",(G41)*(Details!$C$4+Details!$C$8))","v":{"v":1.2000000000000002,"d":"£1.20"}},{"$f":"IF(D41=0,\" \",(H41)*(Details!$C$6+Details!$C$8))","v":{"v":1.7100000000000004,"d":"£1.71"}},{"v":254.8,"d":"£254.80"},{"v":363.09000000000003,"d":"£363.09"},{"v":38.220000000000006,"d":"£38.22"},{"v":54.46350000000002,"d":"£54.46"}]
[]
[{"$f":"IF(F43<>\"\",(LARGE(A$7:A41,1)+1),\"\")","v":15},"9mm OSB Sheathing Board On BS",31.85,"m2",{"v":23.200000000000003,"d":"£23.20"},{"v":738.9200000000001,"d":"£738.92"},{"v":10.8,"d":"£10.80"},{"v":12.4,"d":"£12.40"},{"$f":"IF(D43=0,\" \",(G43)*(Details!$C$4+Details!$C$8))","v":{"v":1.6200000000000003,"d":"£1.62"}},{"$f":"IF(D43=0,\" \",(H43)*(Details!$C$6+Details!$C$8))","v":{"v":1.8600000000000003,"d":"£1.86"}},{"v":343.98,"d":"£343.98"},{"v":394.94000000000005,"d":"£394.94"},{"v":51.597000000000016,"d":"£51.60"},{"v":59.241000000000014,"d":"£59.24"}]
[{"$f":"IF(F44<>\"\",(LARGE(A$7:A43,1)+1),\"\")","v":""}]
[{"$f":"IF(F45<>\"\",(LARGE(A$7:A44,1)+1),\"\")","v":""},"WL-INT07 - Internal Timber Wall (2450mm H)"]
[]
[{"$f":"IF(F47<>\"\",(LARGE(A$7:A45,1)+1),\"\")","v":16},"50x38mm Timber Stud Wall @ 400mm Ctrs",2.94,"m2",{"$f":"G47+H47","v":{"v":35.2,"d":"£35.20"}},{"$f":"E47*C47","v":{"v":103.488,"d":"£103.49"}},{"v":11.8,"d":"£11.80"},{"v":23.4,"d":"£23.40"},{"$f":"IF(D47=0,\" \",(G47)*(Details!$C$4+Details!$C$8))","v":{"v":1.7700000000000005,"d":"£1.77"}},{"$f":"IF(D47=0,\" \",(H47)*(Details!$C$6+Details!$C$8))","v":{"v":3.5100000000000002,"d":"£3.51"}},{"$f":"+G47*C47","v":{"v":34.692,"d":"£34.69"}},{"$f":"+H47*C47","v":{"v":68.79599999999999,"d":"£68.80"}},{"$f":"IF(D47=0,\" \",(I47*C47))","v":{"v":5.203800000000001,"d":"£5.20"}},{"$f":"IF(D47=0,\" \",(J47*C47))","v":{"v":10.3194,"d":"£10.32"}}]
[]
[{"$f":"IF(F49<>\"\",(LARGE(A$7:A47,1)+1),\"\")","v":17},"Timber Head Plate",{"v":2.4,"d":"2.40"},"m",{"$f":"G49+H49","v":{"v":19.8,"d":"£19.80"}},{"v":47.52,"d":"£47.52"},{"v":8,"d":"£8.00"},{"v":11.8,"d":"£11.80"},{"$f":"IF(D49=0,\" \",(G49)*(Details!$C$4+Details!$C$8))","v":{"v":1.2000000000000002,"d":"£1.20"}},{"$f":"IF(D49=0,\" \",(H49)*(Details!$C$6+Details!$C$8))","v":{"v":1.7700000000000005,"d":"£1.77"}},{"v":19.2,"d":"£19.20"},{"v":28.32,"d":"£28.32"},{"v":2.8800000000000003,"d":"£2.88"},{"v":4.248000000000001,"d":"£4.25"}]
[]
[{"$f":"IF(F51<>\"\",(LARGE(A$7:A49,1)+1),\"\")","v":18},"Timber Sole Plate",{"v":1.2,"d":"1.20"},"m",{"$f":"G51+H51","v":{"v":19.2,"d":"£19.20"}},{"v":23.04,"d":"£23.04"},{"v":8,"d":"£8.00"},{"v":11.2,"d":"£11.20"},{"$f":"IF(D51=0,\" \",(G51)*(Details!$C$4+Details!$C$8))","v":{"v":1.2000000000000002,"d":"£1.20"}},{"$f":"IF(D51=0,\" \",(H51)*(Details!$C$6+Details!$C$8))","v":{"v":1.6800000000000002,"d":"£1.68"}},{"v":9.6,"d":"£9.60"},{"v":13.44,"d":"£13.44"},{"v":1.4400000000000002,"d":"£1.44"},{"v":2.016,"d":"£2.02"}]
[]
[{"$f":"IF(F53<>\"\",(LARGE(A$7:A51,1)+1),\"\")","v":19},"30mm Rockwool Acoustic Insulation b/w Stud",2.94,"m2",{"$f":"G53+H53","v":{"v":19.2,"d":"£19.20"}},{"v":56.448,"d":"£56.45"},{"v":8,"d":"£8.00"},{"v":11.2,"d":"£11.20"},{"$f":"IF(D53=0,\" \",(G53)*(Details!$C$4+Details!$C$8))","v":{"v":1.2000000000000002,"d":"£1.20"}},{"$f":"IF(D53=0,\" \",(H53)*(Details!$C$6+Details!$C$8))","v":{"v":1.6800000000000002,"d":"£1.68"}},{"v":23.52,"d":"£23.52"},{"v":32.928,"d":"£32.93"},{"v":3.5280000000000005,"d":"£3.53"},{"v":4.9392000000000005,"d":"£4.94"}]
[{"$f":"IF(F54<>\"\",(LARGE(A$7:A53,1)+1),\"\")","v":""}]
[{"$f":"IF(F55<>\"\",(LARGE(A$7:A54,1)+1),\"\")","v":""},"MASONRY WALL"]
[]
[{"$f":"IF(F57<>\"\",(LARGE(A$7:A55,1)+1),\"\")","v":""},"WL-EXT04 - External Infill Wall (1500mm H)"]
[]
[{"$f":"IF(F59<>\"\",(LARGE(A$7:A57,1)+1),\"\")","v":20},"108mm Cream Facing Imperial Brick",{"v":0.8999999999999999,"d":"0.90"},"m2",{"$f":"G59+H59","v":{"v":87.3,"d":"£87.30"}},{"$f":"E59*C59","v":{"v":78.57,"d":"£78.57"}},{"v":30.5,"d":"£30.50"},{"v":56.8,"d":"£56.80"},{"$f":"IF(D59=0,\" \",(G59)*(Details!$C$4+Details!$C$8))","v":{"v":4.575000000000001,"d":"£4.58"}},{"$f":"IF(D59=0,\" \",(H59)*(Details!$C$6+Details!$C$8))","v":{"v":8.520000000000001,"d":"£8.52"}},{"$f":"+G59*C59","v":{"v":27.449999999999996,"d":"£27.45"}},{"$f":"+H59*C59","v":{"v":51.11999999999999,"d":"£51.12"}},{"$f":"IF(D59=0,\" \",(I59*C59))","v":{"v":4.117500000000001,"d":"£4.12"}},{"$f":"IF(D59=0,\" \",(J59*C59))","v":{"v":7.668,"d":"£7.67"}}]
[]
[{"$f":"IF(F61<>\"\",(LARGE(A$7:A59,1)+1),\"\")","v":21},"100mm Medium Desity Blockwork",{"v":0.8999999999999999,"d":"0.90"},"m2",{"$f":"G61+H61","v":{"v":74.9,"d":"£74.90"}},{"v":67.41,"d":"£67.41"},{"v":26.5,"d":"£26.50"},{"v":48.4,"d":"£48.40"},{"$f":"IF(D61=0,\" \",(G61)*(Details!$C$4+Details!$C$8))","v":{"v":3.9750000000000005,"d":"£3.98"}},{"$f":"IF(D61=0,\" \",(H61)*(Details!$C$6+Details!$C$8))","v":{"v":7.260000000000001,"d":"£7.26"}},{"v":23.849999999999998,"d":"£23.85"},{"v":43.559999999999995,"d":"£43.56"},{"v":3.5775,"d":"£3.58"},{"v":6.534,"d":"£6.53"}]
[{"$f":"IF(F62<>\"\",(LARGE(A$7:A61,1)+1),\"\")","v":""}]
[{"$f":"IF(F63<>\"\",(LARGE(A$7:A62,1)+1),\"\")","v":""},"WL-INT06 - Internal Masonry Wall (2200mm H)"]
[]
[{"$f":"IF(F65<>\"\",(LARGE(A$7:A63,1)+1),\"\")","v":22},"150mm Thick Blockwork Wall",{"v":2.2,"d":"2.20"},"m2",{"$f":"G65+H65","v":{"v":102.3,"d":"£102.30"}},{"$f":"E65*C65","v":{"v":225.06,"d":"£225.06"}},{"v":34.5,"d":"£34.50"},{"v":67.8,"d":"£67.80"},{"$f":"IF(D65=0,\" \",(G65)*(Details!$C$4+Details!$C$8))","v":{"v":5.175000000000001,"d":"£5.18"}},{"$f":"IF(D65=0,\" \",(H65)*(Details!$C$6+Details!$C$8))","v":{"v":10.170000000000002,"d":"£10.17"}},{"$f":"+G65*C65","v":{"v":75.9,"d":"£75.90"}},{"$f":"+H65*C65","v":{"v":149.16,"d":"£149.16"}},{"$f":"IF(D65=0,\" \",(I65*C65))","v":{"v":11.385000000000003,"d":"£11.39"}},{"$f":"IF(D65=0,\" \",(J65*C65))","v":{"v":22.374000000000006,"d":"£22.37"}}]
[{"$f":"IF(F66<>\"\",(LARGE(A$7:A64,1)+1),\"\")","v":""}]
[{"$f":"IF(F67<>\"\",(LARGE(A$7:A65,1)+1),\"\")","v":""},"WALLBOARD"]
[{"$f":"IF(F68<>\"\",(LARGE(A$7:A66,1)+1),\"\")","v":""}]
[{"$f":"IF(F69<>\"\",(LARGE(A$7:A67,1)+1),\"\")","v":23},"15mm British Gypsum Board",{"v":129,"d":"129.00"},"m2",{"$f":"G69+H69","v":{"v":19.4,"d":"£19.40"}},{"$f":"E69*C69","v":{"v":2502.6,"d":"£2,502.60"}},{"v":8,"d":"£8.00"},{"v":11.4,"d":"£11.40"},{"$f":"IF(D69=0,\" \",(G69)*(Details!$C$4+Details!$C$8))","v":{"v":1.2000000000000002,"d":"£1.20"}},{"$f":"IF(D69=0,\" \",(H69)*(Details!$C$6+Details!$C$8))","v":{"v":1.7100000000000004,"d":"£1.71"}},{"$f":"+G69*C69","v":{"v":1032,"d":"£1,032.00"}},{"$f":"+H69*C69","v":{"v":1470.6000000000001,"d":"£1,470.60"}},{"$f":"IF(D69=0,\" \",(I69*C69))","v":{"v":154.8,"d":"£154.80"}},{"$f":"IF(D69=0,\" \",(J69*C69))","v":{"v":220.59000000000006,"d":"£220.59"}}]
[]
[{"$f":"IF(F71<>\"\",(LARGE(A$7:A68,1)+1),\"\")","v":23},"15mm British Gypsum Board (Fireline)",{"v":27,"d":"27.00"},"m2",{"$f":"G71+H71","v":{"v":19.8,"d":"£19.80"}},{"v":534.6,"d":"£534.60"},{"v":8,"d":"£8.00"},{"v":11.8,"d":"£11.80"},{"$f":"IF(D71=0,\" \",(G71)*(Details!$C$4+Details!$C$8))","v":{"v":1.2000000000000002,"d":"£1.20"}},{"$f":"IF(D71=0,\" \",(H71)*(Details!$C$6+Details!$C$8))","v":{"v":1.7700000000000005,"d":"£1.77"}},{"v":216,"d":"£216.00"},{"v":318.6,"d":"£318.60"},{"v":32.400000000000006,"d":"£32.40"},{"v":47.79000000000001,"d":"£47.79"}]
[]
[{"$f":"IF(F73<>\"\",(LARGE(A$7:A69,1)+1),\"\")","v":24},"12.5mm British Gypsum Board (Dot & Dabs)",{"v":46,"d":"46.00"},"m2",{"$f":"G73+H73","v":{"v":18.6,"d":"£18.60"}},{"v":855.6,"d":"£855.60"},{"v":8,"d":"£8.00"},{"v":10.6,"d":"£10.60"},{"$f":"IF(D73=0,\" \",(G73)*(Details!$C$4+Details!$C$8))","v":{"v":1.2000000000000002,"d":"£1.20"}},{"$f":"IF(D73=0,\" \",(H73)*(Details!$C$6+Details!$C$8))","v":{"v":1.59,"d":"£1.59"}},{"v":368,"d":"£368.00"},{"v":487.59999999999997,"d":"£487.60"},{"v":55.20000000000001,"d":"£55.20"},{"v":73.14,"d":"£73.14"}]
[{"$f":"IF(F74<>\"\",(LARGE(A$7:A71,1)+1),\"\")","v":""}]
[{"$f":"IF(F75<>\"\",(LARGE(A$7:A73,1)+1),\"\")","v":""},"CEILINGBOARD",{"$nulls":6},{"$f":"IF(D75=0,\" \",(G75)*(Details!$C$4+Details!$C$8))","v":" "},{"$f":"IF(D75=0,\" \",(H75)*(Details!$C$6+Details!$C$8))","v":" "},null,null,{"$f":"IF(D75=0,\" \",(I75*C75))","v":" "},{"$f":"IF(D75=0,\" \",(J75*C75))","v":" "}]
[{"$f":"IF(F76<>\"\",(LARGE(A$7:A74,1)+1),\"\")","v":""}]
[{"$f":"IF(F77<>\"\",(LARGE(A$7:A75,1)+1),\"\")","v":25},"12.5mm plasterboard",{"v":195,"d":"195.00"},"m2",{"$f":"G77+H77","v":{"v":18.5,"d":"£18.50"}},{"$f":"E77*C77","v":{"v":3607.5,"d":"£3,607.50"}},{"v":8,"d":"£8.00"},{"v":10.5,"d":"£10.50"},{"$f":"IF(D77=0,\" \",(G77)*(Details!$C$4+Details!$C$8))","v":{"v":1.2000000000000002,"d":"£1.20"}},{"$f":"IF(D77=0,\" \",(H77)*(Details!$C$6+Details!$C$8))","v":{"v":1.5750000000000002,"d":"£1.58"}},{"$f":"+G77*C77","v":{"v":1560,"d":"£1,560.00"}},{"$f":"+H77*C77","v":{"v":2047.5,"d":"£2,047.50"}},{"$f":"IF(D77=0,\" \",(I77*C77))","v":{"v":234.00000000000003,"d":"£234.00"}},{"$f":"IF(D77=0,\" \",(J77*C77))","v":{"v":307.12500000000006,"d":"£307.13"}}]
[{"$f":"IF(F78<>\"\",(LARGE(A$7:A76,1)+1),\"\")","v":""}]
[{"$f":"IF(F79<>\"\",(LARGE(A$7:A77,1)+1),\"\")","v":26},"12.5mm 'MR' plasterboard",{"v":19,"d":"19.00"},"m2",{"$f":"G79+H79+J79+I79","v":{"v":21.62,"d":"£21.62"}},{"$f":"E79*C79","v":{"v":410.78000000000003,"d":"£410.78"}},{"v":8,"d":"£8.00"},{"v":10.8,"d":"£10.80"},{"$f":"IF(D79=0,\" \",(G79)*(Details!$C$4+Details!$C$8))","v":{"v":1.2000000000000002,"d":"£1.20"}},{"$f":"IF(D79=0,\" \",(H79)*(Details!$C$6+Details!$C$8))","v":{"v":1.6200000000000003,"d":"£1.62"}},{"$f":"+G79*C79","v":{"v":152,"d":"£152.00"}},{"$f":"+H79*C79","v":{"v":205.20000000000002,"d":"£205.20"}},{"$f":"IF(D79=0,\" \",(I79*C79))","v":{"v":22.800000000000004,"d":"£22.80"}},{"$f":"IF(D79=0,\" \",(J79*C79))","v":{"v":30.780000000000005,"d":"£30.78"}}]
[{"$f":"IF(F80<>\"\",(LARGE(A$7:A78,1)+1),\"\")","v":""}]
[{"$f":"IF(F81<>\"\",(LARGE(A$7:A79,1)+1),\"\")","v":""},"SKIM ON PLASTER BOARD",{"$nulls":6},{"$f":"IF(D81=0,\" \",(G81)*(Details!$C$4+Details!$C$8))","v":" "},{"$f":"IF(D81=0,\" \",(H81)*(Details!$C$6+Details!$C$8))","v":" "},null,null,{"$f":"IF(D81=0,\" \",(I81*C81))","v":" "},{"$f":"IF(D81=0,\" \",(J81*C81))","v":" "}]
[{"$f":"IF(F82<>\"\",(LARGE(A$7:A80,1)+1),\"\")","v":""}]
[{"$f":"IF(F83<>\"\",(LARGE(A$7:A81,1)+1),\"\")","v":27},"Walls; 3mm skim finish (Including @ Existing Walls)",{"v":156,"d":"156.00"},"m2",{"$f":"G83+H83","v":{"v":8.9,"d":"£8.90"}},{"$f":"E83*C83","v":{"v":1388.4,"d":"£1,388.40"}},{"v":3.5,"d":"£3.50"},{"v":5.4,"d":"£5.40"},{"$f":"IF(D83=0,\" \",(G83)*(Details!$C$4+Details!$C$8))","v":{"v":0.5250000000000001,"d":"£0.53"}},{"$f":"IF(D83=0,\" \",(H83)*(Details!$C$6+Details!$C$8))","v":{"v":0.8100000000000002,"d":"£0.81"}},{"$f":"+G83*C83","v":{"v":546,"d":"£546.00"}},{"$f":"+H83*C83","v":{"v":842.4000000000001,"d":"£842.40"}},{"$f":"IF(D83=0,\" \",(I83*C83))","v":{"v":81.90000000000002,"d":"£81.90"}},{"$f":"IF(D83=0,\" \",(J83*C83))","v":{"v":126.36000000000003,"d":"£126.36"}}]
[{"$f":"IF(F84<>\"\",(LARGE(A$7:A82,1)+1),\"\")","v":""}]
[{"$f":"IF(F85<>\"\",(LARGE(A$7:A83,1)+1),\"\")","v":28},"Walls; 2.5mm skim finish (Including @ Existing Walls)",{"v":46,"d":"46.00"},"m2",{"$f":"G85+H85+J85+I85","v":{"v":8.280000000000001,"d":"£8.28"}},{"$f":"E85*C85","v":{"v":380.88000000000005,"d":"£380.88"}},{"v":2.8,"d":"£2.80"},{"v":4.4,"d":"£4.40"},{"$f":"IF(D85=0,\" \",(G85)*(Details!$C$4+Details!$C$8))","v":{"v":0.42000000000000004,"d":"£0.42"}},{"$f":"IF(D85=0,\" \",(H85)*(Details!$C$6+Details!$C$8))","v":{"v":0.6600000000000001,"d":"£0.66"}},{"$f":"+G85*C85","v":{"v":128.79999999999998,"d":"£128.80"}},{"$f":"+H85*C85","v":{"v":202.4,"d":"£202.40"}},{"$f":"IF(D85=0,\" \",(I85*C85))","v":{"v":19.32,"d":"£19.32"}},{"$f":"IF(D85=0,\" \",(J85*C85))","v":{"v":30.360000000000007,"d":"£30.36"}}]
[{"$f":"IF(F86<>\"\",(LARGE(A$7:A84,1)+1),\"\")","v":""}]
[{"$f":"IF(F87<>\"\",(LARGE(A$7:A85,1)+1),\"\")","v":29},"Ceilings; 3mm skim finish",{"v":214,"d":"214.00"},"m2",{"$f":"G87+H87+J87+I87","v":{"v":10.235000000000001,"d":"£10.24"}},{"$f":"E87*C87","v":{"v":2190.2900000000004,"d":"£2,190.29"}},{"v":3.5,"d":"£3.50"},{"v":5.4,"d":"£5.40"},{"$f":"IF(D87=0,\" \",(G87)*(Details!$C$4+Details!$C$8))","v":{"v":0.5250000000000001,"d":"£0.53"}},{"$f":"IF(D87=0,\" \",(H87)*(Details!$C$6+Details!$C$8))","v":{"v":0.8100000000000002,"d":"£0.81"}},{"$f":"+G87*C87","v":{"v":749,"d":"£749.00"}},{"$f":"+H87*C87","v":{"v":1155.6000000000001,"d":"£1,155.60"}},{"$f":"IF(D87=0,\" \",(I87*C87))","v":{"v":112.35000000000002,"d":"£112.35"}},{"$f":"IF(D87=0,\" \",(J87*C87))","v":{"v":173.34000000000003,"d":"£173.34"}}]
[{"$f":"IF(F88<>\"\",(LARGE(A$7:A86,1)+1),\"\")","v":""}]
[{"$f":"IF(F89<>\"\",(LARGE(A$7:A87,1)+1),\"\")","v":""},"SKIM ON PLASTER"]
[{"$f":"IF(F90<>\"\",(LARGE(A$7:A88,1)+1),\"\")","v":""}]
[{"$f":"IF(F91<>\"\",(LARGE(A$7:A89,1)+1),\"\")","v":30},"Walls; 3mm skim finish (Including @ Existing Walls)",{"v":202,"d":"202.00"},"m2",{"$f":"G91+H91+J91+I91","v":{"v":10.235000000000001,"d":"£10.24"}},{"$f":"E91*C91","v":{"v":2067.4700000000003,"d":"£2,067.47"}},{"v":3.5,"d":"£3.50"},{"v":5.4,"d":"£5.40"},{"$f":"IF(D91=0,\" \",(G91)*(Details!$C$4+Details!$C$8))","v":{"v":0.5250000000000001,"d":"£0.53"}},{"$f":"IF(D91=0,\" \",(H91)*(Details!$C$6+Details!$C$8))","v":{"v":0.8100000000000002,"d":"£0.81"}},{"$f":"+G91*C91","v":{"v":707,"d":"£707.00"}},{"$f":"+H91*C91","v":{"v":1090.8000000000002,"d":"£1,090.80"}},{"$f":"IF(D91=0,\" \",(I91*C91))","v":{"v":106.05000000000003,"d":"£106.05"}},{"$f":"IF(D91=0,\" \",(J91*C91))","v":{"v":163.62000000000003,"d":"£163.62"}}]
[{"$f":"IF(F92<>\"\",(LARGE(A$7:A90,1)+1),\"\")","v":""}]
[{"$f":"IF(F93<>\"\",(LARGE(A$7:A91,1)+1),\"\")","v":""},"BOXING WORKS"]
[{"$f":"IF(F94<>\"\",(LARGE(A$7:A92,1)+1),\"\")","v":""}]
[{"$f":"IF(F95<>\"\",(LARGE(A$7:A93,1)+1),\"\")","v":31},"Boxing in works (Provisional Sum)",{"v":1,"d":"1.00"},"Item",{"$f":"G95+H95","v":{"v":400,"d":"£400.00"}},{"$f":"E95*C95","v":{"v":400,"d":"£400.00"}},{"v":200,"d":"£200.00"},{"v":200,"d":"£200.00"},{"$f":"IF(D95=0,\" \",(G95)*(Details!$C$4+Details!$C$8))","v":{"v":30.000000000000004,"d":"£30.00"}},{"$f":"IF(D95=0,\" \",(H95)*(Details!$C$6+Details!$C$8))","v":{"v":30.000000000000004,"d":"£30.00"}},{"$f":"+G95*C95","v":{"v":200,"d":"£200.00"}},{"$f":"+H95*C95","v":{"v":200,"d":"£200.00"}},{"$f":"IF(D95=0,\" \",(I95*C95))","v":{"v":30.000000000000004,"d":"£30.00"}},{"$f":"IF(D95=0,\" \",(J95*C95))","v":{"v":30.000000000000004,"d":"£30.00"}}]
[{"$f":"IF(F96<>\"\",(LARGE(A$7:A95,1)+1),\"\")","v":""}]
[{"$f":"IF(F97<>\"\",(LARGE(A$7:A96,1)+1),\"\")","v":""}]
[{"$f":"IF(F98<>\"\",(LARGE(A$7:A97,1)+1),\"\")","v":""}]
[{"$f":"IF(F99<>\"\",(LARGE(A$7:A98,1)+1),\"\")","v":""},{"$nulls":8},{"$f":"IF(D99=0,\" \",(G99+H99)*(Details!$C$4+Details!$C$6))","v":" "},{"$nulls":5},"Check"]
[{"$nulls":4},"Sub Total",{"$f":"SUM(F1:F99)","v":{"v":20580.606000000003,"d":"£20,580.61"}},{"$nulls":3},{"$f":"IF(D100=0,\" \",(G100+H100)*(Details!$C$4+Details!$C$6))","v":" "},{"$f":"SUM(K4:K99)","v":{"v":8070.2919999999995,"d":"£8,070.29"}},{"$f":"SUM(L4:L99)","v":{"v":11851.694,"d":"£11,851.69"}},{"$f":"SUM(M4:M99)","v":{"v":1210.5438000000001,"d":"£1,210.54"}},{"$f":"SUM(N4:N99)","v":{"v":1777.7541000000003,"d":"£1,777.75"}},null,{"$f":"+F100-K100-L100-N100-M100","v":{"v":-2329.677899999996,"d":"-£2,329.68"}}]
[{"$f":"IF(F101<>\"\",(LARGE(A$7:A100,1)+1),\"\")","v":""},{"$nulls":8},{"$f":"IF(D101=0,\" \",(G101+H101)*(Details!$C$4+Details!$C$6))","v":" "}]

{"sheet":"Joinery","index":11,"n_rows":122,"n_cols":16,"rows_kept":122,"merged":[[4,6,4,9],[4,10,4,13]]}
[]
[null,{"$f":"+'Qual, Excl & Assum'!B2","v":"PROJECT: Mr & Mrs Hawkes-Cowands House"}]
[null,{"$f":"+'Qual, Excl & Assum'!B3","v":"DATE: 25TH SEPTEMBER 2025"}]
[]
[null,"Joinery",{"$nulls":4},"RATES",{"$nulls":3},"TOTALS"]
[]
[null,"Description","Quantity","Unit","Rate","Total","Labour","Materials","L Markup","M Markup","Labour","Materials","L Markup","M Markup"]
[{"$nulls":13},{"$f":"IF(D8=0,\" \",(J8*C8))","v":" "}]
[null,"SINGLE DOOR"]
[]
[1,"Install single door",{"v":8,"d":"8.00"},"no.",{"$f":"G11+H11","v":{"v":200,"d":"£200.00"}},{"$f":"E11*C11","v":{"v":1600,"d":"£1,600.00"}},{"v":200,"d":"£200.00"},{"v":0,"d":"£0.00"},{"$f":"IF(D11=0,\" \",(G11)*(Details!$C$4+Details!$C$8))","v":{"v":30.000000000000004,"d":"£30.00"}},{"$f":"IF(D11=0,\" \",(H11)*(Details!$C$6+Details!$C$8))","v":{"v":0,"d":"£0.00"}},{"$f":"+G11*C11","v":{"v":1600,"d":"£1,600.00"}},{"$f":"+H11*C11","v":{"v":0,"d":"£0.00"}},{"$f":"IF(D11=0,\" \",(I11*C11))","v":{"v":240.00000000000003,"d":"£240.00"}},{"$f":"IF(D11=0,\" \",(J11*C11))","v":{"v":0,"d":"£0.00"}}]
[]
[{"$f":"IF(F13<>\"\",(LARGE(A$10:A12,1)+1),\"\")","v":2},"Supply single door",{"$f":"C11","v":{"v":8,"d":"8.00"}},"no.",{"$f":"G13+H13","v":{"v":540,"d":"£540.00"}},{"$f":"E13*C13","v":{"v":4320,"d":"£4,320.00"}},{"v":0,"d":"£0.00"},{"v":540,"d":"£540.00"},{"$f":"IF(D13=0,\" \",(G13)*(Details!$C$4+Details!$C$8))","v":{"v":0,"d":"£0.00"}},{"$f":"IF(D13=0,\" \",(H13)*(Details!$C$6+Details!$C$8))","v":{"v":81.00000000000001,"d":"£81.00"}},{"$f":"+G13*C13","v":{"v":0,"d":"£0.00"}},{"$f":"+H13*C13","v":{"v":4320,"d":"£4,320.00"}},{"$f":"IF(D13=0,\" \",(I13*C13))","v":{"v":0,"d":"£0.00"}},{"$f":"IF(D13=0,\" \",(J13*C13))","v":{"v":648.0000000000001,"d":"£648.00"}}]
[{"$f":"IF(F14<>\"\",(LARGE(A$10:A13,1)+1),\"\")","v":""}]
[{"$f":"IF(F15<>\"\",(LARGE(A$10:A14,1)+1),\"\")","v":3},"Install ironmongery",{"$f":"C11","v":{"v":8,"d":"8.00"}},"no.",{"v":80,"d":"£80.00"},{"$f":"E15*C15","v":{"v":640,"d":"£640.00"}},{"v":80,"d":"£80.00"},{"v":0,"d":"£0.00"},{"$f":"IF(D15=0,\" \",(G15)*(Details!$C$4+Details!$C$8))","v":{"v":12.000000000000002,"d":"£12.00"}},{"$f":"IF(D15=0,\" \",(H15)*(Details!$C$6+Details!$C$8))","v":{"v":0,"d":"£0.00"}},{"$f":"+G15*C15","v":{"v":640,"d":"£640.00"}},{"$f":"+H15*C15","v":{"v":0,"d":"£0.00"}},{"$f":"IF(D15=0,\" \",(I15*C15))","v":{"v":96.00000000000001,"d":"£96.00"}},{"$f":"IF(D15=0,\" \",(J15*C15))","v":{"v":0,"d":"£0.00"}}]
[{"$f":"IF(F16<>\"\",(LARGE(A$10:A15,1)+1),\"\")","v":""}]
[{"$f":"IF(F17<>\"\",(LARGE(A$10:A16,1)+1),\"\")","v":4},"Supply ironmongery",{"$f":"C15","v":{"v":8,"d":"8.00"}},"no.",{"v":135,"d":"£135.00"},{"$f":"E17*C17","v":{"v":1080,"d":"£1,080.00"}},{"v":0,"d":"£0.00"},{"v":135,"d":"£135.00"},{"$f":"IF(D17=0,\" \",(G17)*(Details!$C$4+Details!$C$8))","v":{"v":0,"d":"£0.00"}},{"$f":"IF(D17=0,\" \",(H17)*(Details!$C$6+Details!$C$8))","v":{"v":20.250000000000004,"d":"£20.25"}},{"$f":"+G17*C17","v":{"v":0,"d":"£0.00"}},{"$f":"+H17*C17","v":{"v":1080,"d":"£1,080.00"}},{"$f":"IF(D17=0,\" \",(I17*C17))","v":{"v":0,"d":"£0.00"}},{"$f":"IF(D17=0,\" \",(J17*C17))","v":{"v":162.00000000000003,"d":"£162.00"}}]
[{"$f":"IF(F18<>\"\",(LARGE(A$10:A17,1)+1),\"\")","v":""}]
[{"$f":"IF(F19<>\"\",(LARGE(A$10:A18,1)+1),\"\")","v":5},"Door frame",{"$f":"C15","v":{"v":8,"d":"8.00"}},"no.",{"v":260,"d":"£260.00"},{"$f":"E19*C19","v":{"v":2080,"d":"£2,080.00"}},{"v":80,"d":"£80.00"},{"v":180,"d":"£180.00"},{"$f":"IF(D19=0,\" \",(G19)*(Details!$C$4+Details!$C$8))","v":{"v":12.000000000000002,"d":"£12.00"}},{"$f":"IF(D19=0,\" \",(H19)*(Details!$C$6+Details!$C$8))","v":{"v":27.000000000000004,"d":"£27.00"}},{"$f":"+G19*C19","v":{"v":640,"d":"£640.00"}},{"$f":"+H19*C19","v":{"v":1440,"d":"£1,440.00"}},{"$f":"IF(D19=0,\" \",(I19*C19))","v":{"v":96.00000000000001,"d":"£96.00"}},{"$f":"IF(D19=0,\" \",(J19*C19))","v":{"v":216.00000000000003,"d":"£216.00"}}]
[{"$f":"IF(F20<>\"\",(LARGE(A$10:A19,1)+1),\"\")","v":""}]
[{"$f":"IF(F21<>\"\",(LARGE(A$10:A20,1)+1),\"\")","v":""},"SINGLE DOOR - Sliding",{"$nulls":11},{"$f":"IF(D21=0,\" \",(J21*C21))","v":" "}]
[{"$f":"IF(F22<>\"\",(LARGE(A$10:A21,1)+1),\"\")","v":""}]
[{"$f":"IF(F23<>\"\",(LARGE(A$10:A22,1)+1),\"\")","v":6},"Install single door",{"v":1,"d":"1.00"},"no.",{"$f":"G23+H23","v":{"v":200,"d":"£200.00"}},{"$f":"E23*C23","v":{"v":200,"d":"£200.00"}},{"v":200,"d":"£200.00"},{"v":0,"d":"£0.00"},{"$f":"IF(D23=0,\" \",(G23)*(Details!$C$4+Details!$C$8))","v":{"v":30.000000000000004,"d":"£30.00"}},{"$f":"IF(D23=0,\" \",(H23)*(Details!$C$6+Details!$C$8))","v":{"v":0,"d":"£0.00"}},{"$f":"+G23*C23","v":{"v":200,"d":"£200.00"}},{"$f":"+H23*C23","v":{"v":0,"d":"£0.00"}},{"$f":"IF(D23=0,\" \",(I23*C23))","v":{"v":30.000000000000004,"d":"£30.00"}},{"$f":"IF(D23=0,\" \",(J23*C23))","v":{"v":0,"d":"£0.00"}}]
[{"$f":"IF(F24<>\"\",(LARGE(A$10:A23,1)+1),\"\")","v":""}]
[{"$f":"IF(F25<>\"\",(LARGE(A$10:A24,1)+1),\"\")","v":7},"Supply single door",{"$f":"C23","v":{"v":1,"d":"1.00"}},"no.",{"v":590,"d":"£590.00"},{"$f":"E25*C25","v":{"v":590,"d":"£590.00"}},{"v":0,"d":"£0.00"},{"v":590,"d":"£590.00"},{"$f":"IF(D25=0,\" \",(G25)*(Details!$C$4+Details!$C$8))","v":{"v":0,"d":"£0.00"}},{"$f":"IF(D25=0,\" \",(H25)*(Details!$C$6+Details!$C$8))","v":{"v":88.50000000000001,"d":"£88.50"}},{"$f":"+G25*C25","v":{"v":0,"d":"£0.00"}},{"$f":"+H25*C25","v":{"v":590,"d":"£590.00"}},{"$f":"IF(D25=0,\" \",(I25*C25))","v":{"v":0,"d":"£0.00"}},{"$f":"IF(D25=0,\" \",(J25*C25))","v":{"v":88.50000000000001,"d":"£88.50"}}]
[{"$f":"IF(F26<>\"\",(LARGE(A$10:A25,1)+1),\"\")","v":""}]
[{"$f":"IF(F27<>\"\",(LARGE(A$10:A26,1)+1),\"\")","v":8},"Install ironmongery",{"$f":"C23","v":{"v":1,"d":"1.00"}},"no.",{"v":80,"d":"£80.00"},{"$f":"E27*C27","v":{"v":80,"d":"£80.00"}},{"v":80,"d":"£80.00"},{"v":0,"d":"£0.00"},{"$f":"IF(D27=0,\" \",(G27)*(Details!$C$4+Details!$C$8))","v":{"v":12.000000000000002,"d":"£12.00"}},{"$f":"IF(D27=0,\" \",(H27)*(Details!$C$6+Details!$C$8))","v":{"v":0,"d":"£0.00"}},{"$f":"+G27*C27","v":{"v":80,"d":"£80.00"}},{"$f":"+H27*C27","v":{"v":0,"d":"£0.00"}},{"$f":"IF(D27=0,\" \",(I27*C27))","v":{"v":12.000000000000002,"d":"£12.00"}},{"$f":"IF(D27=0,\" \",(J27*C27))","v":{"v":0,"d":"£0.00"}}]
[{"$f":"IF(F28<>\"\",(LARGE(A$10:A27,1)+1),\"\")","v":""}]
[{"$f":"IF(F29<>\"\",(LARGE(A$10:A28,1)+1),\"\")","v":9},"Supply ironmongery",{"$f":"C27","v":{"v":1,"d":"1.00"}},"no.",{"v":135,"d":"£135.00"},{"$f":"E29*C29","v":{"v":135,"d":"£135.00"}},{"v":0,"d":"£0.00"},{"v":135,"d":"£135.00"},{"$f":"IF(D29=0,\" \",(G29)*(Details!$C$4+Details!$C$8))","v":{"v":0,"d":"£0.00"}},{"$f":"IF(D29=0,\" \",(H29)*(Details!$C$6+Details!$C$8))","v":{"v":20.250000000000004,"d":"£20.25"}},{"$f":"+G29*C29","v":{"v":0,"d":"£0.00"}},{"$f":"+H29*C29","v":{"v":135,"d":"£135.00"}},{"$f":"IF(D29=0,\" \",(I29*C29))","v":{"v":0,"d":"£0.00"}},{"$f":"IF(D29=0,\" \",(J29*C29))","v":{"v":20.250000000000004,"d":"£20.25"}}]
[{"$f":"IF(F30<>\"\",(LARGE(A$10:A29,1)+1),\"\")","v":""}]
[{"$f":"IF(F31<>\"\",(LARGE(A$10:A30,1)+1),\"\")","v":10},"Door frame",{"$f":"C23","v":{"v":1,"d":"1.00"}},"no.",{"v":260,"d":"£260.00"},{"$f":"E31*C31","v":{"v":260,"d":"£260.00"}},{"v":80,"d":"£80.00"},{"v":180,"d":"£180.00"},{"$f":"IF(D31=0,\" \",(G31)*(Details!$C$4+Details!$C$8))","v":{"v":12.000000000000002,"d":"£12.00"}},{"$f":"IF(D31=0,\" \",(H31)*(Details!$C$6+Details!$C$8))","v":{"v":27.000000000000004,"d":"£27.00"}},{"$f":"+G31*C31","v":{"v":80,"d":"£80.00"}},{"$f":"+H31*C31","v":{"v":180,"d":"£180.00"}},{"$f":"IF(D31=0,\" \",(I31*C31))","v":{"v":12.000000000000002,"d":"£12.00"}},{"$f":"IF(D31=0,\" \",(J31*C31))","v":{"v":27.000000000000004,"d":"£27.00"}}]
[{"$f":"IF(F32<>\"\",(LARGE(A$10:A31,1)+1),\"\")","v":""}]
[{"$f":"IF(F33<>\"\",(LARGE(A$10:A32,1)+1),\"\")","v":11},"Intumescent strip",{"$f":"+C31*5","v":{"v":5,"d":"5.00"}},"m",{"v":7.2,"d":"£7.20"},{"$f":"E33*C33","v":{"v":36,"d":"£36.00"}},{"v":3,"d":"£3.00"},{"v":4.2,"d":"£4.20"},{"$f":"IF(D33=0,\" \",(G33)*(Details!$C$4+Details!$C$8))","v":{"v":0.45000000000000007,"d":"£0.45"}},{"$f":"IF(D33=0,\" \",(H33)*(Details!$C$6+Details!$C$8))","v":{"v":0.6300000000000001,"d":"£0.63"}},{"$f":"+G33*C33","v":{"v":15,"d":"£15.00"}},{"$f":"+H33*C33","v":{"v":21,"d":"£21.00"}},{"$f":"IF(D33=0,\" \",(I33*C33))","v":{"v":2.2500000000000004,"d":"£2.25"}},{"$f":"IF(D33=0,\" \",(J33*C33))","v":{"v":3.1500000000000004,"d":"£3.15"}}]
[{"$f":"IF(F34<>\"\",(LARGE(A$10:A33,1)+1),\"\")","v":""}]
[{"$f":"IF(F35<>\"\",(LARGE(A$10:A34,1)+1),\"\")","v":""},"DOUBLE DOOR",{"$nulls":11},{"$f":"IF(D35=0,\" \",(J35*C35))","v":" "}]
[{"$f":"IF(F36<>\"\",(LARGE(A$10:A35,1)+1),\"\")","v":""}]
[{"$f":"IF(F37<>\"\",(LARGE(A$10:A36,1)+1),\"\")","v":12},"Install double door",{"v":1,"d":"1.00"},"no.",{"$f":"G37+H37","v":{"v":280,"d":"£280.00"}},{"$f":"E37*C37","v":{"v":280,"d":"£280.00"}},{"v":280,"d":"£280.00"},{"v":0,"d":"£0.00"},{"$f":"IF(D37=0,\" \",(G37)*(Details!$C$4+Details!$C$8))","v":{"v":42.00000000000001,"d":"£42.00"}},{"$f":"IF(D37=0,\" \",(H37)*(Details!$C$6+Details!$C$8))","v":{"v":0,"d":"£0.00"}},{"$f":"+G37*C37","v":{"v":280,"d":"£280.00"}},{"$f":"+H37*C37","v":{"v":0,"d":"£0.00"}},{"$f":"IF(D37=0,\" \",(I37*C37))","v":{"v":42.00000000000001,"d":"£42.00"}},{"$f":"IF(D37=0,\" \",(J37*C37))","v":{"v":0,"d":"£0.00"}}]
[{"$f":"IF(F38<>\"\",(LARGE(A$10:A37,1)+1),\"\")","v":""}]
[{"$f":"IF(F39<>\"\",(LARGE(A$10:A38,1)+1),\"\")","v":13},"Supply double door",{"$f":"C37","v":{"v":1,"d":"1.00"}},"no.",{"v":1320,"d":"£1,320.00"},{"$f":"E39*C39","v":{"v":1320,"d":"£1,320.00"}},{"v":0,"d":"£0.00"},{"v":1320,"d":"£1,320.00"},{"$f":"IF(D39=0,\" \",(G39)*(Details!$C$4+Details!$C$8))","v":{"v":0,"d":"£0.00"}},{"$f":"IF(D39=0,\" \",(H39)*(Details!$C$6+Details!$C$8))","v":{"v":198.00000000000003,"d":"£198.00"}},{"$f":"+G39*C39","v":{"v":0,"d":"£0.00"}},{"$f":"+H39*C39","v":{"v":1320,"d":"£1,320.00"}},{"$f":"IF(D39=0,\" \",(I39*C39))","v":{"v":0,"d":"£0.00"}},{"$f":"IF(D39=0,\" \",(J39*C39))","v":{"v":198.00000000000003,"d":"£198.00"}}]
[{"$f":"IF(F40<>\"\",(LARGE(A$10:A39,1)+1),\"\")","v":""}]
[{"$f":"IF(F41<>\"\",(LARGE(A$10:A40,1)+1),\"\")","v":14},"Install ironmongery",{"$f":"C37","v":{"v":1,"d":"1.00"}},"no.",{"v":80,"d":"£80.00"},{"$f":"E41*C41","v":{"v":80,"d":"£80.00"}},{"v":80,"d":"£80.00"},{"v":0,"d":"£0.00"},{"$f":"IF(D41=0,\" \",(G41)*(Details!$C$4+Details!$C$8))","v":{"v":12.000000000000002,"d":"£12.00"}},{"$f":"IF(D41=0,\" \",(H41)*(Details!$C$6+Details!$C$8))","v":{"v":0,"d":"£0.00"}},{"$f":"+G41*C41","v":{"v":80,"d":"£80.00"}},{"$f":"+H41*C41","v":{"v":0,"d":"£0.00"}},{"$f":"IF(D41=0,\" \",(I41*C41))","v":{"v":12.000000000000002,"d":"£12.00"}},{"$f":"IF(D41=0,\" \",(J41*C41))","v":{"v":0,"d":"£0.00"}}]
[{"$f":"IF(F42<>\"\",(LARGE(A$10:A41,1)+1),\"\")","v":""}]
[{"$f":"IF(F43<>\"\",(LARGE(A$10:A42,1)+1),\"\")","v":15},"Supply ironmongery",{"$f":"C41","v":{"v":1,"d":"1.00"}},"no.",{"v":135,"d":"£135.00"},{"$f":"E43*C43","v":{"v":135,"d":"£135.00"}},{"v":0,"d":"£0.00"},{"v":135,"d":"£135.00"},{"$f":"IF(D43=0,\" \",(G43)*(Details!$C$4+Details!$C$8))","v":{"v":0,"d":"£0.00"}},{"$f":"IF(D43=0,\" \",(H43)*(Details!$C$6+Details!$C$8))","v":{"v":20.250000000000004,"d":"£20.25"}},{"$f":"+G43*C43","v":{"v":0,"d":"£0.00"}},{"$f":"+H43*C43","v":{"v":135,"d":"£135.00"}},{"$f":"IF(D43=0,\" \",(I43*C43))","v":{"v":0,"d":"£0.00"}},{"$f":"IF(D43=0,\" \",(J43*C43))","v":{"v":20.250000000000004,"d":"£20.25"}}]
[{"$f":"IF(F44<>\"\",(LARGE(A$10:A43,1)+1),\"\")","v":""}]
[{"$f":"IF(F45<>\"\",(LARGE(A$10:A44,1)+1),\"\")","v":16},"Door frame",{"$f":"C41","v":{"v":1,"d":"1.00"}},"no.",{"v":260,"d":"£260.00"},{"$f":"E45*C45","v":{"v":260,"d":"£260.00"}},{"v":80,"d":"£80.00"},{"v":180,"d":"£180.00"},{"$f":"IF(D45=0,\" \",(G45)*(Details!$C$4+Details!$C$8))","v":{"v":12.000000000000002,"d":"£12.00"}},{"$f":"IF(D45=0,\" \",(H45)*(Details!$C$6+Details!$C$8))","v":{"v":27.000000000000004,"d":"£27.00"}},{"$f":"+G45*C45","v":{"v":80,"d":"£80.00"}},{"$f":"+H45*C45","v":{"v":180,"d":"£180.00"}},{"$f":"IF(D45=0,\" \",(I45*C45))","v":{"v":12.000000000000002,"d":"£12.00"}},{"$f":"IF(D45=0,\" \",(J45*C45))","v":{"v":27.000000000000004,"d":"£27.00"}}]
[{"$f":"IF(F46<>\"\",(LARGE(A$10:A45,1)+1),\"\")","v":""}]
[{"$f":"IF(F47<>\"\",(LARGE(A$10:A46,1)+1),\"\")","v":""}]
[{"$f":"IF(F48<>\"\",(LARGE(A$10:A47,1)+1),\"\")","v":""},"ARCHITRAVES ",{"$nulls":6},{"$f":"IF(D48=0,\" \",(G48)*(Details!$C$4+Details!$C$8))","v":" "},{"$f":"IF(D48=0,\" \",(H48)*(Details!$C$6+Details!$C$8))","v":" "},null,null,{"$f":"IF(D48=0,\" \",(I48*C48))","v":" "},{"$f":"IF(D48=0,\" \",(J48*C48))","v":" "}]
[{"$f":"IF(F49<>\"\",(LARGE(A$10:A48,1)+1),\"\")","v":""},{"$nulls":12}," "]
[{"$f":"IF(F50<>\"\",(LARGE(A$10:A49,1)+1),\"\")","v":17},"Architraves (Install only; client to supply)",{"v":100,"d":"100.00"},"m",{"$f":"G50+H50","v":{"v":8,"d":"£8.00"}},{"$f":"E50*C50","v":{"v":800,"d":"£800.00"}},{"v":8,"d":"£8.00"},{"v":0,"d":"£0.00"},{"$f":"IF(D50=0,\" \",(G50)*(Details!$C$4+Details!$C$8))","v":{"v":1.2000000000000002,"d":"£1.20"}},{"$f":"IF(D50=0,\" \",(H50)*(Details!$C$6+Details!$C$8))","v":{"v":0,"d":"£0.00"}},{"$f":"+G50*C50","v":{"v":800,"d":"£800.00"}},{"$f":"+H50*C50","v":{"v":0,"d":"£0.00"}},{"$f":"IF(D50=0,\" \",(I50*C50))","v":{"v":120.00000000000001,"d":"£120.00"}},{"$f":"IF(D50=0,\" \",(J50*C50))","v":{"v":0,"d":"£0.00"}}]
[{"$f":"IF(F51<>\"\",(LARGE(A$10:A50,1)+1),\"\")","v":""}]
[{"$f":"IF(F52<>\"\",(LARGE(A$10:A51,1)+1),\"\")","v":""},"SKIRTING",{"$nulls":6},{"$f":"IF(D52=0,\" \",(G52)*(Details!$C$4+Details!$C$8))","v":" "},{"$f":"IF(D52=0,\" \",(H52)*(Details!$C$6+Details!$C$8))","v":" "},null,null,{"$f":"IF(D52=0,\" \",(I52*C52))","v":" "},{"$f":"IF(D52=0,\" \",(J52*C52))","v":" "}]
[{"$f":"IF(F53<>\"\",(LARGE(A$10:A52,1)+1),\"\")","v":""}]
[{"$f":"IF(F54<>\"\",(LARGE(A$10:A53,1)+1),\"\")","v":18},"Skirtings (install only; client to supply)",{"v":67,"d":"67.00"},"m",{"$f":"G54+H54","v":{"v":8.8,"d":"£8.80"}},{"$f":"E54*C54","v":{"v":589.6,"d":"£589.60"}},{"v":8.8,"d":"£8.80"},{"v":0,"d":"£0.00"},{"$f":"IF(D54=0,\" \",(G54)*(Details!$C$4+Details!$C$8))","v":{"v":1.3200000000000003,"d":"£1.32"}},{"$f":"IF(D54=0,\" \",(H54)*(Details!$C$6+Details!$C$8))","v":{"v":0,"d":"£0.00"}},{"$f":"+G54*C54","v":{"v":589.6,"d":"£589.60"}},{"$f":"+H54*C54","v":{"v":0,"d":"£0.00"}},{"$f":"IF(D54=0,\" \",(I54*C54))","v":{"v":88.44000000000003,"d":"£88.44"}},{"$f":"IF(D54=0,\" \",(J54*C54))","v":{"v":0,"d":"£0.00"}}]
[{"$f":"IF(F55<>\"\",(LARGE(A$10:A54,1)+1),\"\")","v":""}]
[{"$f":"IF(F56<>\"\",(LARGE(A$10:A55,1)+1),\"\")","v":""}]
[{"$f":"IF(F57<>\"\",(LARGE(A$10:A56,1)+1),\"\")","v":""},"SPECIALIST JOINERY"]
[{"$f":"IF(F58<>\"\",(LARGE(A$10:A57,1)+1),\"\")","v":""}]
[{"$f":"IF(F59<>\"\",(LARGE(A$10:A58,1)+1),\"\")","v":19},"(600mmD x 840mmH x 150mmW) Pull-Out Chopping Boards",{"v":1,"d":"1.00"},"no",{"$f":"G59+H59","v":{"v":1390,"d":"£1,390.00"}},{"$f":"E59*C59","v":{"v":1390,"d":"£1,390.00"}},{"v":265,"d":"£265.00"},{"v":1125,"d":"£1,125.00"},{"$f":"IF(D59=0,\" \",(G59)*(Details!$C$4+Details!$C$8))","v":{"v":39.75000000000001,"d":"£39.75"}},{"$f":"IF(D59=0,\" \",(H59)*(Details!$C$6+Details!$C$8))","v":{"v":168.75000000000003,"d":"£168.75"}},{"$f":"+G59*C59","v":{"v":265,"d":"£265.00"}},{"$f":"+H59*C59","v":{"v":1125,"d":"£1,125.00"}},{"$f":"IF(D59=0,\" \",(I59*C59))","v":{"v":39.75000000000001,"d":"£39.75"}},{"$f":"IF(D59=0,\" \",(J59*C59))","v":{"v":168.75000000000003,"d":"£168.75"}}]
[]
[{"$f":"IF(F61<>\"\",(LARGE(A$10:A59,1)+1),\"\")","v":20},"(600mmD x 2390mmH) Kitchen Full Height Cabinet w/ Shelving System",1.05,"m",{"v":1285,"d":"£1,285.00"},{"$f":"E61*C61","v":{"v":1349.25,"d":"£1,349.25"}},{"v":338,"d":"£338.00"},{"v":947,"d":"£947.00"},{"$f":"IF(D61=0,\" \",(G61)*(Details!$C$4+Details!$C$8))","v":{"v":50.70000000000001,"d":"£50.70"}},{"$f":"IF(D61=0,\" \",(H61)*(Details!$C$6+Details!$C$8))","v":{"v":142.05,"d":"£142.05"}},{"$f":"+G61*C61","v":{"v":354.90000000000003,"d":"£354.90"}},{"$f":"+H61*C61","v":{"v":994.35,"d":"£994.35"}},{"$f":"IF(D61=0,\" \",(I61*C61))","v":{"v":53.235000000000014,"d":"£53.24"}},{"$f":"IF(D61=0,\" \",(J61*C61))","v":{"v":149.15250000000003,"d":"£149.15"}}]
[]
[{"$f":"IF(F63<>\"\",(LARGE(A$10:A61,1)+1),\"\")","v":21},"(300mmD x 1575mmH) Kitchen Upper Cabinet w/ 3no. Shelve",0.57,"m",{"v":1107,"d":"£1,107.00"},{"v":630.9899999999999,"d":"£630.99"},{"v":272,"d":"£272.00"},{"v":835,"d":"£835.00"},{"$f":"IF(D63=0,\" \",(G63)*(Details!$C$4+Details!$C$8))","v":{"v":40.800000000000004,"d":"£40.80"}},{"$f":"IF(D63=0,\" \",(H63)*(Details!$C$6+Details!$C$8))","v":{"v":125.25000000000001,"d":"£125.25"}},{"v":155.04,"d":"£155.04"},{"v":475.94999999999993,"d":"£475.95"},{"v":23.256,"d":"£23.26"},{"v":71.3925,"d":"£71.39"}]
[]
[{"$f":"IF(F65<>\"\",(LARGE(A$10:A63,1)+1),\"\")","v":22},"(300mmD x 1575mmH) Kitchen Upper Cabinet For Fridge & Freezer",1.23,"m",{"v":1107,"d":"£1,107.00"},{"v":1361.61,"d":"£1,361.61"},{"v":272,"d":"£272.00"},{"v":835,"d":"£835.00"},{"$f":"IF(D65=0,\" \",(G65)*(Details!$C$4+Details!$C$8))","v":{"v":40.800000000000004,"d":"£40.80"}},{"$f":"IF(D65=0,\" \",(H65)*(Details!$C$6+Details!$C$8))","v":{"v":125.25000000000001,"d":"£125.25"}},{"v":334.56,"d":"£334.56"},{"v":1027.05,"d":"£1,027.05"},{"v":50.184000000000005,"d":"£50.18"},{"v":154.0575,"d":"£154.06"}]
[]
[{"$f":"IF(F67<>\"\",(LARGE(A$10:A65,1)+1),\"\")","v":23},"(300mmD x 785mmH) Kitchen Upper Cabinet w/ 1no. Shelve",1.19,"m",{"v":736,"d":"£736.00"},{"v":875.8399999999999,"d":"£875.84"},{"v":188,"d":"£188.00"},{"v":548,"d":"£548.00"},{"$f":"IF(D67=0,\" \",(G67)*(Details!$C$4+Details!$C$8))","v":{"v":28.200000000000003,"d":"£28.20"}},{"$f":"IF(D67=0,\" \",(H67)*(Details!$C$6+Details!$C$8))","v":{"v":82.20000000000002,"d":"£82.20"}},{"v":223.72,"d":"£223.72"},{"v":652.12,"d":"£652.12"},{"v":33.558,"d":"£33.56"},{"v":97.81800000000001,"d":"£97.82"}]
[]
[{"$f":"IF(F69<>\"\",(LARGE(A$10:A67,1)+1),\"\")","v":24},"(600mmD x 490mmH) Kitchen Lower Cabinet",{"v":0.9,"d":"0.90"},"m",{"v":662,"d":"£662.00"},{"v":595.8000000000001,"d":"£595.80"},{"v":178,"d":"£178.00"},{"v":484,"d":"£484.00"},{"$f":"IF(D69=0,\" \",(G69)*(Details!$C$4+Details!$C$8))","v":{"v":26.700000000000003,"d":"£26.70"}},{"$f":"IF(D69=0,\" \",(H69)*(Details!$C$6+Details!$C$8))","v":{"v":72.60000000000001,"d":"£72.60"}},{"v":160.20000000000002,"d":"£160.20"},{"v":435.6,"d":"£435.60"},{"v":24.030000000000005,"d":"£24.03"},{"v":65.34,"d":"£65.34"}]
[]
[{"$f":"IF(F71<>\"\",(LARGE(A$10:A69,1)+1),\"\")","v":25},"(600mmD x 785mmH) Utility Lower Cabinet w/ 1no. Shelve",2.21,"m",{"v":879,"d":"£879.00"},{"v":1942.59,"d":"£1,942.59"},{"v":224,"d":"£224.00"},{"v":655,"d":"£655.00"},{"$f":"IF(D71=0,\" \",(G71)*(Details!$C$4+Details!$C$8))","v":{"v":33.60000000000001,"d":"£33.60"}},{"$f":"IF(D71=0,\" \",(H71)*(Details!$C$6+Details!$C$8))","v":{"v":98.25000000000001,"d":"£98.25"}},{"v":495.03999999999996,"d":"£495.04"},{"v":1447.55,"d":"£1,447.55"},{"v":74.25600000000001,"d":"£74.26"},{"v":217.13250000000002,"d":"£217.13"}]
[]
[{"$f":"IF(F73<>\"\",(LARGE(A$10:A71,1)+1),\"\")","v":26},"(600mmD x 785mmH) Kitchen Lower Cabinet w/ 1no. Shelve",4.38,"m",{"v":909,"d":"£909.00"},{"v":3981.42,"d":"£3,981.42"},{"v":224,"d":"£224.00"},{"v":685,"d":"£685.00"},{"$f":"IF(D73=0,\" \",(G73)*(Details!$C$4+Details!$C$8))","v":{"v":33.60000000000001,"d":"£33.60"}},{"$f":"IF(D73=0,\" \",(H73)*(Details!$C$6+Details!$C$8))","v":{"v":102.75000000000001,"d":"£102.75"}},{"v":981.12,"d":"£981.12"},{"v":3000.2999999999997,"d":"£3,000.30"},{"v":147.16800000000003,"d":"£147.17"},{"v":450.0450000000001,"d":"£450.05"}]
[]
[{"$f":"IF(F75<>\"\",(LARGE(A$10:A73,1)+1),\"\")","v":27},"(600mmD x 785mmH) Kitchen Island Lower Cabinet w/ 1no. Shelve",1.79,"m",{"v":909,"d":"£909.00"},{"v":1627.1100000000001,"d":"£1,627.11"},{"v":224,"d":"£224.00"},{"v":685,"d":"£685.00"},{"$f":"IF(D75=0,\" \",(G75)*(Details!$C$4+Details!$C$8))","v":{"v":33.60000000000001,"d":"£33.60"}},{"$f":"IF(D75=0,\" \",(H75)*(Details!$C$6+Details!$C$8))","v":{"v":102.75000000000001,"d":"£102.75"}},{"v":400.96000000000004,"d":"£400.96"},{"v":1226.15,"d":"£1,226.15"},{"v":60.14400000000002,"d":"£60.14"},{"v":183.92250000000004,"d":"£183.92"}]
[]
[{"$f":"IF(F77<>\"\",(LARGE(A$10:A75,1)+1),\"\")","v":28},"(300mm Deep) Open Shelves @ Utility",6.57,"m",{"v":180.4,"d":"£180.40"},{"v":1185.228,"d":"£1,185.23"},{"v":72.4,"d":"£72.40"},{"v":108,"d":"£108.00"},{"$f":"IF(D77=0,\" \",(G77)*(Details!$C$4+Details!$C$8))","v":{"v":10.860000000000003,"d":"£10.86"}},{"$f":"IF(D77=0,\" \",(H77)*(Details!$C$6+Details!$C$8))","v":{"v":16.200000000000003,"d":"£16.20"}},{"v":475.66800000000006,"d":"£475.67"},{"v":709.5600000000001,"d":"£709.56"},{"v":71.35020000000003,"d":"£71.35"},{"v":106.43400000000003,"d":"£106.43"}]
[]
[{"$f":"IF(F79<>\"\",(LARGE(A$10:A77,1)+1),\"\")","v":29},"(600mm Deep) Tilted Shoe Shelves",2.55,"m",{"v":218.5,"d":"£218.50"},{"v":557.175,"d":"£557.18"},{"v":86.5,"d":"£86.50"},{"v":132,"d":"£132.00"},{"$f":"IF(D79=0,\" \",(G79)*(Details!$C$4+Details!$C$8))","v":{"v":12.975000000000001,"d":"£12.98"}},{"$f":"IF(D79=0,\" \",(H79)*(Details!$C$6+Details!$C$8))","v":{"v":19.800000000000004,"d":"£19.80"}},{"v":220.575,"d":"£220.58"},{"v":336.59999999999997,"d":"£336.60"},{"v":33.08625,"d":"£33.09"},{"v":50.49000000000001,"d":"£50.49"}]
[]
[{"$f":"IF(F81<>\"\",(LARGE(A$10:A79,1)+1),\"\")","v":30},"(600mm Deep) Open Shelves @ Dressing Room",6.46,"m",{"v":218.5,"d":"£218.50"},{"v":1411.51,"d":"£1,411.51"},{"v":86.5,"d":"£86.50"},{"v":132,"d":"£132.00"},{"$f":"IF(D81=0,\" \",(G81)*(Details!$C$4+Details!$C$8))","v":{"v":12.975000000000001,"d":"£12.98"}},{"$f":"IF(D81=0,\" \",(H81)*(Details!$C$6+Details!$C$8))","v":{"v":19.800000000000004,"d":"£19.80"}},{"v":558.79,"d":"£558.79"},{"v":852.72,"d":"£852.72"},{"v":83.81850000000001,"d":"£83.82"},{"v":127.90800000000003,"d":"£127.91"}]
[]
[{"$f":"IF(F83<>\"\",(LARGE(A$10:A81,1)+1),\"\")","v":31},"(600mmD x 785mmH) Kitchen Lower Drawers (3no.)",0.81,"m",{"v":909,"d":"£909.00"},{"v":736.2900000000001,"d":"£736.29"},{"v":224,"d":"£224.00"},{"v":685,"d":"£685.00"},{"$f":"IF(D83=0,\" \",(G83)*(Details!$C$4+Details!$C$8))","v":{"v":33.60000000000001,"d":"£33.60"}},{"$f":"IF(D83=0,\" \",(H83)*(Details!$C$6+Details!$C$8))","v":{"v":102.75000000000001,"d":"£102.75"}},{"v":181.44,"d":"£181.44"},{"v":554.85,"d":"£554.85"},{"v":27.216000000000008,"d":"£27.22"},{"v":83.22750000000002,"d":"£83.23"}]
[]
[{"$f":"IF(F85<>\"\",(LARGE(A$10:A83,1)+1),\"\")","v":32},"(600mmD x 215mmH) Dressing Room Drawers (2no.)",5.62,"m",{"v":550,"d":"£550.00"},{"v":3091,"d":"£3,091.00"},{"v":132,"d":"£132.00"},{"v":418,"d":"£418.00"},{"$f":"IF(D85=0,\" \",(G85)*(Details!$C$4+Details!$C$8))","v":{"v":19.800000000000004,"d":"£19.80"}},{"$f":"IF(D85=0,\" \",(H85)*(Details!$C$6+Details!$C$8))","v":{"v":62.70000000000001,"d":"£62.70"}},{"v":741.84,"d":"£741.84"},{"v":2349.16,"d":"£2,349.16"},{"v":111.27600000000002,"d":"£111.28"},{"v":352.3740000000001,"d":"£352.37"}]
[]
[{"$f":"IF(F87<>\"\",(LARGE(A$10:A85,1)+1),\"\")","v":33},"(300mm Deep) Outdoor Cupboard",{"v":1.1,"d":"1.10"},"m",{"v":501,"d":"£501.00"},{"v":551.1,"d":"£551.10"},{"v":167,"d":"£167.00"},{"v":334,"d":"£334.00"},{"$f":"IF(D87=0,\" \",(G87)*(Details!$C$4+Details!$C$8))","v":{"v":25.050000000000004,"d":"£25.05"}},{"$f":"IF(D87=0,\" \",(H87)*(Details!$C$6+Details!$C$8))","v":{"v":50.10000000000001,"d":"£50.10"}},{"v":183.70000000000002,"d":"£183.70"},{"v":367.40000000000003,"d":"£367.40"},{"v":27.555000000000007,"d":"£27.56"},{"v":55.110000000000014,"d":"£55.11"}]
[]
[{"$f":"IF(F89<>\"\",(LARGE(A$10:A87,1)+1),\"\")","v":34},"(350mm Deep) Cupboard Joinery",1.01,"m",{"v":570,"d":"£570.00"},{"v":575.7,"d":"£575.70"},{"v":198,"d":"£198.00"},{"v":372,"d":"£372.00"},{"$f":"IF(D89=0,\" \",(G89)*(Details!$C$4+Details!$C$8))","v":{"v":29.700000000000003,"d":"£29.70"}},{"$f":"IF(D89=0,\" \",(H89)*(Details!$C$6+Details!$C$8))","v":{"v":55.80000000000001,"d":"£55.80"}},{"v":199.98,"d":"£199.98"},{"v":375.72,"d":"£375.72"},{"v":29.997000000000003,"d":"£30.00"},{"v":56.35800000000001,"d":"£56.36"}]
[]
[{"$f":"IF(F91<>\"\",(LARGE(A$10:A89,1)+1),\"\")","v":35},"(450mm Deep) Full Height Storage Cupboard",1.42,"m",{"v":662,"d":"£662.00"},{"v":940.04,"d":"£940.04"},{"v":224,"d":"£224.00"},{"v":438,"d":"£438.00"},{"$f":"IF(D91=0,\" \",(G91)*(Details!$C$4+Details!$C$8))","v":{"v":33.60000000000001,"d":"£33.60"}},{"$f":"IF(D91=0,\" \",(H91)*(Details!$C$6+Details!$C$8))","v":{"v":65.7,"d":"£65.70"}},{"v":318.08,"d":"£318.08"},{"v":621.9599999999999,"d":"£621.96"},{"v":47.71200000000001,"d":"£47.71"},{"v":93.294,"d":"£93.29"}]
[]
[{"$f":"IF(F93<>\"\",(LARGE(A$10:A91,1)+1),\"\")","v":36},"(600mm Deep) Full Height Buil-In Cupbaord",1.92,"m",{"v":784,"d":"£784.00"},{"v":1505.28,"d":"£1,505.28"},{"v":256,"d":"£256.00"},{"v":528,"d":"£528.00"},{"$f":"IF(D93=0,\" \",(G93)*(Details!$C$4+Details!$C$8))","v":{"v":38.400000000000006,"d":"£38.40"}},{"$f":"IF(D93=0,\" \",(H93)*(Details!$C$6+Details!$C$8))","v":{"v":79.20000000000002,"d":"£79.20"}},{"v":491.52,"d":"£491.52"},{"v":1013.76,"d":"£1,013.76"},{"v":73.72800000000001,"d":"£73.73"},{"v":152.06400000000002,"d":"£152.06"}]
[]
[{"$f":"IF(F95<>\"\",(LARGE(A$10:A93,1)+1),\"\")","v":37},"(300mm Deep) Cupboard To Be Formed Within Existing Chimney Stack",1.23,"m",{"$f":"G95+H95","v":{"v":511,"d":"£511.00"}},{"v":628.53,"d":"£628.53"},{"v":187,"d":"£187.00"},{"v":324,"d":"£324.00"},{"$f":"IF(D95=0,\" \",(G95)*(Details!$C$4+Details!$C$8))","v":{"v":28.050000000000004,"d":"£28.05"}},{"$f":"IF(D95=0,\" \",(H95)*(Details!$C$6+Details!$C$8))","v":{"v":48.60000000000001,"d":"£48.60"}},{"v":230.01,"d":"£230.01"},{"v":398.52,"d":"£398.52"},{"v":34.50150000000001,"d":"£34.50"},{"v":59.77800000000001,"d":"£59.78"}]
[{"$f":"IF(F96<>\"\",(LARGE(A$10:A95,1)+1),\"\")","v":""}]
[{"$f":"IF(F97<>\"\",(LARGE(A$10:A96,1)+1),\"\")","v":""},"Option A"]
[]
[{"$f":"IF(F99<>\"\",(LARGE(A$10:A97,1)+1),\"\")","v":38},"(450mmD x 285mmH) Drawers (2no.)",1.24,"m",{"$f":"G99+H99","v":{"v":479,"d":"£479.00"}},{"$f":"E99*C99","v":{"v":593.96,"d":"£593.96"}},{"v":155,"d":"£155.00"},{"v":324,"d":"£324.00"},{"$f":"IF(D99=0,\" \",(G99)*(Details!$C$4+Details!$C$8))","v":{"v":23.250000000000004,"d":"£23.25"}},{"$f":"IF(D99=0,\" \",(H99)*(Details!$C$6+Details!$C$8))","v":{"v":48.60000000000001,"d":"£48.60"}},{"$f":"+G99*C99","v":{"v":192.2,"d":"£192.20"}},{"$f":"+H99*C99","v":{"v":401.76,"d":"£401.76"}},{"$f":"IF(D99=0,\" \",(I99*C99))","v":{"v":28.830000000000005,"d":"£28.83"}},{"$f":"IF(D99=0,\" \",(J99*C99))","v":{"v":60.26400000000001,"d":"£60.26"}}]
[]
[{"$f":"IF(F101<>\"\",(LARGE(A$10:A99,1)+1),\"\")","v":39},"(450mmD x 1690mmH) Full Height Cabinet w/ Shelving System",1.24,"m",{"$f":"G101+H101","v":{"v":1112,"d":"£1,112.00"}},{"v":1378.8799999999999,"d":"£1,378.88"},{"v":324,"d":"£324.00"},{"v":788,"d":"£788.00"},{"$f":"IF(D101=0,\" \",(G101)*(Details!$C$4+Details!$C$8))","v":{"v":48.60000000000001,"d":"£48.60"}},{"$f":"IF(D101=0,\" \",(H101)*(Details!$C$6+Details!$C$8))","v":{"v":118.20000000000002,"d":"£118.20"}},{"v":401.76,"d":"£401.76"},{"v":977.12,"d":"£977.12"},{"v":60.26400000000001,"d":"£60.26"},{"v":146.568,"d":"£146.57"}]
[]
[{"$f":"IF(F103<>\"\",(LARGE(A$10:A101,1)+1),\"\")","v":40},"(450mmD x 2600mmL x 1170mmH) Freestanding Timber Bench With Timber Backrest",{"v":1,"d":"1.00"},"no",{"v":1763,"d":"£1,763.00"},{"v":1763,"d":"£1,763.00"},{"v":438,"d":"£438.00"},{"v":1325,"d":"£1,325.00"},{"$f":"IF(D103=0,\" \",(G103)*(Details!$C$4+Details!$C$8))","v":{"v":65.7,"d":"£65.70"}},{"$f":"IF(D103=0,\" \",(H103)*(Details!$C$6+Details!$C$8))","v":{"v":198.75000000000003,"d":"£198.75"}},{"v":438,"d":"£438.00"},{"v":1325,"d":"£1,325.00"},{"v":65.7,"d":"£65.70"},{"v":198.75000000000003,"d":"£198.75"}]
[{"$f":"IF(F104<>\"\",(LARGE(A$10:A103,1)+1),\"\")","v":""}]
[{"$f":"IF(F105<>\"\",(LARGE(A$10:A104,1)+1),\"\")","v":""},"Option B"]
[]
[{"$f":"IF(F107<>\"\",(LARGE(A$10:A105,1)+1),\"\")","v":41},"(450mmD x 285mmH) Drawers (2no.)",1.24,"m",{"$f":"G107+H107","v":{"v":479,"d":"£479.00"}},{"$f":"E107*C107","v":{"v":593.96,"d":"£593.96"}},{"v":155,"d":"£155.00"},{"v":324,"d":"£324.00"},{"$f":"IF(D107=0,\" \",(G107)*(Details!$C$4+Details!$C$8))","v":{"v":23.250000000000004,"d":"£23.25"}},{"$f":"IF(D107=0,\" \",(H107)*(Details!$C$6+Details!$C$8))","v":{"v":48.60000000000001,"d":"£48.60"}},{"$f":"+G107*C107","v":{"v":192.2,"d":"£192.20"}},{"$f":"+H107*C107","v":{"v":401.76,"d":"£401.76"}},{"$f":"IF(D107=0,\" \",(I107*C107))","v":{"v":28.830000000000005,"d":"£28.83"}},{"$f":"IF(D107=0,\" \",(J107*C107))","v":{"v":60.26400000000001,"d":"£60.26"}}]
[]
[{"$f":"IF(F109<>\"\",(LARGE(A$10:A107,1)+1),\"\")","v":42},"(450mmD x 1690mmH) Full Height Cabinet w/ Shelving System",1.24,"m",{"v":1112,"d":"£1,112.00"},{"v":1378.8799999999999,"d":"£1,378.88"},{"v":324,"d":"£324.00"},{"v":788,"d":"£788.00"},{"$f":"IF(D109=0,\" \",(G109)*(Details!$C$4+Details!$C$8))","v":{"v":48.60000000000001,"d":"£48.60"}},{"$f":"IF(D109=0,\" \",(H109)*(Details!$C$6+Details!$C$8))","v":{"v":118.20000000000002,"d":"£118.20"}},{"v":401.76,"d":"£401.76"},{"v":977.12,"d":"£977.12"},{"v":60.26400000000001,"d":"£60.26"},{"v":146.568,"d":"£146.57"}]
[{"$f":"IF(F110<>\"\",(LARGE(A$10:A108,1)+1),\"\")","v":""}]
[{"$f":"IF(F111<>\"\",(LARGE(A$10:A109,1)+1),\"\")","v":43},"(450mmD x 2750mmL x 400mmH) Freestanding Bench",{"v":1,"d":"1.00"},"no",{"v":1889,"d":"£1,889.00"},{"$f":"E111*C111","v":{"v":1889,"d":"£1,889.00"}},{"v":467,"d":"£467.00"},{"v":1422,"d":"£1,422.00"},{"$f":"IF(D111=0,\" \",(G111)*(Details!$C$4+Details!$C$8))","v":{"v":70.05000000000001,"d":"£70.05"}},{"$f":"IF(D111=0,\" \",(H111)*(Details!$C$6+Details!$C$8))","v":{"v":213.30000000000004,"d":"£213.30"}},{"$f":"+G111*C111","v":{"v":467,"d":"£467.00"}},{"$f":"+H111*C111","v":{"v":1422,"d":"£1,422.00"}},{"$f":"IF(D111=0,\" \",(I111*C111))","v":{"v":70.05000000000001,"d":"£70.05"}},{"$f":"IF(D111=0,\" \",(J111*C111))","v":{"v":213.30000000000004,"d":"£213.30"}}]
[{"$f":"IF(F112<>\"\",(LARGE(A$10:A110,1)+1),\"\")","v":""}]
[{"$f":"IF(F113<>\"\",(LARGE(A$10:A111,1)+1),\"\")","v":44},"(450mmD x 285mmH) Drawers (5no.) Below Bench",{"v":2.7,"d":"2.70"},"m",{"v":479,"d":"£479.00"},{"$f":"E113*C113","v":{"v":1293.3000000000002,"d":"£1,293.30"}},{"v":155,"d":"£155.00"},{"v":324,"d":"£324.00"},{"$f":"IF(D113=0,\" \",(G113)*(Details!$C$4+Details!$C$8))","v":{"v":23.250000000000004,"d":"£23.25"}},{"$f":"IF(D113=0,\" \",(H113)*(Details!$C$6+Details!$C$8))","v":{"v":48.60000000000001,"d":"£48.60"}},{"$f":"+G113*C113","v":{"v":418.5,"d":"£418.50"}},{"$f":"+H113*C113","v":{"v":874.8000000000001,"d":"£874.80"}},{"$f":"IF(D113=0,\" \",(I113*C113))","v":{"v":62.77500000000001,"d":"£62.78"}},{"$f":"IF(D113=0,\" \",(J113*C113))","v":{"v":131.22000000000003,"d":"£131.22"}}]
[{"$f":"IF(F114<>\"\",(LARGE(A$10:A112,1)+1),\"\")","v":""}]
[{"$f":"IF(F115<>\"\",(LARGE(A$10:A113,1)+1),\"\")","v":""},"GLASS WORK"]
[{"$f":"IF(F116<>\"\",(LARGE(A$10:A114,1)+1),\"\")","v":""}]
[{"$f":"IF(F117<>\"\",(LARGE(A$10:A115,1)+1),\"\")","v":45},"45mm Thick Exterior Glazing Partition (2200mm H)",{"v":11,"d":"11.00"},"m2",{"$f":"G117+H117","v":{"v":133.3,"d":"£133.30"}},{"$f":"E117*C117","v":{"v":1466.3000000000002,"d":"£1,466.30"}},{"v":45.5,"d":"£45.50"},{"v":87.8,"d":"£87.80"},{"$f":"IF(D117=0,\" \",(G117)*(Details!$C$4+Details!$C$8))","v":{"v":6.825000000000001,"d":"£6.83"}},{"$f":"IF(D117=0,\" \",(H117)*(Details!$C$6+Details!$C$8))","v":{"v":13.170000000000002,"d":"£13.17"}},{"$f":"+G117*C117","v":{"v":500.5,"d":"£500.50"}},{"$f":"+H117*C117","v":{"v":965.8,"d":"£965.80"}},{"$f":"IF(D117=0,\" \",(I117*C117))","v":{"v":75.07500000000002,"d":"£75.08"}},{"$f":"IF(D117=0,\" \",(J117*C117))","v":{"v":144.87,"d":"£144.87"}}]
[]
[46,"(900mmW x 2200mmH) Single Leaf Glazing Door",{"v":1,"d":"1.00"},"no",{"v":1170,"d":"£1,170.00"},{"v":1170,"d":"£1,170.00"},{"v":200,"d":"£200.00"},{"v":970,"d":"£970.00"},{"$f":"IF(D119=0,\" \",(G119)*(Details!$C$4+Details!$C$8))","v":{"v":30.000000000000004,"d":"£30.00"}},{"$f":"IF(D119=0,\" \",(H119)*(Details!$C$6+Details!$C$8))","v":{"v":145.50000000000003,"d":"£145.50"}},{"v":200,"d":"£200.00"},{"v":970,"d":"£970.00"},{"v":30.000000000000004,"d":"£30.00"},{"v":145.50000000000003,"d":"£145.50"}]
[{"$f":"IF(F120<>\"\",(LARGE(A$10:A117,1)+1),\"\")","v":""}]
[{"$nulls":4},"Sub Total",{"$f":"SUM(F1:F119)","v":{"v":50949.34299999999,"d":"£50,949.34"}},{"$nulls":3},{"$f":"IF(D121=0,\" \",(G121+H121)*(Details!$C$4+Details!$C$6))","v":" "},{"$f":"SUM(K4:K58)","v":{"v":5084.6,"d":"£5,084.60"}},{"$f":"SUM(L4:L119)","v":{"v":35680.68000000001,"d":"£35,680.68"}},{"$f":"SUM(M4:M119)","v":{"v":2290.299450000001,"d":"£2,290.30"}},{"$f":"SUM(N4:N119)","v":{"v":5352.102000000003,"d":"£5,352.10"}},null,{"$f":"+F121-K121-L121-N121-M121","v":{"v":2541.661549999984,"d":"£2,541.66"}}]
[{"$f":"IF(F122<>\"\",(LARGE(A$7:A121,1)+1),\"\")","v":""},{"$nulls":8},{"$f":"IF(D122=0,\" \",(G122+H122)*(Details!$C$4+Details!$C$6))","v":" "}]

{"sheet":"Decoration","index":12,"n_rows":28,"n_cols":16,"rows_kept":28,"merged":[[4,6,4,9],[4,10,4,13]]}
[]
[null,{"$f":"+'Qual, Excl & Assum'!B2","v":"PROJECT: Mr & Mrs Hawkes-Cowands House"}]
[null,{"$f":"+'Qual, Excl & Assum'!B3","v":"DATE: 25TH SEPTEMBER 2025"}]
[]
[null,"Decoration",{"$nulls":4},"RATES",{"$nulls":3},"TOTALS"]
[]
[null,"Description","Quantity","Unit","Rate","Total","Labour","Materials","L Markup","M Markup","Labour","Materials","L Markup","M Markup"]
[{"$nulls":13},{"$f":"IF(D8=0,\" \",(J8*C8))","v":" "}]
[1,"1 mist coat and 2 final coats of matt emulsion",{"v":416,"d":"416.00"},"m2",{"$f":"G9+H9","v":{"v":19.4,"d":"£19.40"}},{"$f":"E9*C9","v":{"v":8070.4,"d":"£8,070.40"}},{"v":8,"d":"£8.00"},{"v":11.4,"d":"£11.40"},{"$f":"IF(D9=0,\" \",(G9)*(Details!$C$4+Details!$C$8))","v":{"v":1.2000000000000002,"d":"£1.20"}},{"$f":"IF(D9=0,\" \",(H9)*(Details!$C$6+Details!$C$8))","v":{"v":1.7100000000000004,"d":"£1.71"}},{"$f":"+G9*C9","v":{"v":3328,"d":"£3,328.00"}},{"$f":"+H9*C9","v":{"v":4742.400000000001,"d":"£4,742.40"}},{"$f":"IF(D9=0,\" \",(I9*C9))","v":{"v":499.20000000000005,"d":"£499.20"}},{"$f":"IF(D9=0,\" \",(J9*C9))","v":{"v":711.3600000000001,"d":"£711.36"}}]
[]
[{"$f":"IF(F11<>\"\",(LARGE(A$7:A10,1)+1),\"\")","v":2},"1 coat of primer and 1 coat of eggshell gloss to skirting and architraves ",{"$f":"+Joinery!C54+Joinery!C50","v":{"v":167,"d":"167.00"}},"m",{"$f":"G11+H11","v":{"v":18.8,"d":"£18.80"}},{"$f":"E11*C11","v":{"v":3139.6,"d":"£3,139.60"}},{"v":8,"d":"£8.00"},{"v":10.8,"d":"£10.80"},{"$f":"IF(D11=0,\" \",(G11)*(Details!$C$4+Details!$C$8))","v":{"v":1.2000000000000002,"d":"£1.20"}},{"$f":"IF(D11=0,\" \",(H11)*(Details!$C$6+Details!$C$8))","v":{"v":1.6200000000000003,"d":"£1.62"}},{"$f":"+G11*C11","v":{"v":1336,"d":"£1,336.00"}},{"$f":"+H11*C11","v":{"v":1803.6000000000001,"d":"£1,803.60"}},{"$f":"IF(D11=0,\" \",(I11*C11))","v":{"v":200.40000000000003,"d":"£200.40"}},{"$f":"IF(D11=0,\" \",(J11*C11))","v":{"v":270.5400000000001,"d":"£270.54"}}]
[{"$f":"IF(F12<>\"\",(LARGE(A$7:A11,1)+1),\"\")","v":""}]
[{"$f":"IF(F13<>\"\",(LARGE(A$7:A12,1)+1),\"\")","v":3},"1 coat of primer and 1 coat of eggshell gloss to doors",{"v":10,"d":"10.00"},"no.",{"v":140,"d":"£140.00"},{"v":1400,"d":"£1,400.00"},{"v":45,"d":"£45.00"},{"v":95,"d":"£95.00"},{"$f":"IF(D13=0,\" \",(G13)*(Details!$C$4+Details!$C$8))","v":{"v":6.750000000000001,"d":"£6.75"}},{"$f":"IF(D13=0,\" \",(H13)*(Details!$C$6+Details!$C$8))","v":{"v":14.250000000000002,"d":"£14.25"}},{"$f":"+G13*C13","v":{"v":450,"d":"£450.00"}},{"$f":"+H13*C13","v":{"v":950,"d":"£950.00"}},{"$f":"IF(D13=0,\" \",(I13*C13))","v":{"v":67.50000000000001,"d":"£67.50"}},{"$f":"IF(D13=0,\" \",(J13*C13))","v":{"v":142.50000000000003,"d":"£142.50"}}]
[{"$f":"IF(F14<>\"\",(LARGE(A$7:A13,1)+1),\"\")","v":""}]
[{"$f":"IF(F15<>\"\",(LARGE(A$7:A14,1)+1),\"\")","v":""},"ELEVATION WORK"]
[{"$f":"IF(F16<>\"\",(LARGE(A$7:A15,1)+1),\"\")","v":""}]
[{"$f":"IF(F17<>\"\",(LARGE(A$7:A16,1)+1),\"\")","v":4},"Door Stone Head",6.91,"m",{"$f":"G17+H17","v":{"v":21.4,"d":"£21.40"}},{"$f":"E17*C17","v":{"v":147.874,"d":"£147.87"}},{"v":8,"d":"£8.00"},{"v":13.4,"d":"£13.40"},{"$f":"IF(D17=0,\" \",(G17)*(Details!$C$4+Details!$C$8))","v":{"v":1.2000000000000002,"d":"£1.20"}},{"$f":"IF(D17=0,\" \",(H17)*(Details!$C$6+Details!$C$8))","v":{"v":2.0100000000000002,"d":"£2.01"}},{"$f":"+G17*C17","v":{"v":55.28,"d":"£55.28"}},{"$f":"+H17*C17","v":{"v":92.59400000000001,"d":"£92.59"}},{"$f":"IF(D17=0,\" \",(I17*C17))","v":{"v":8.292000000000002,"d":"£8.29"}},{"$f":"IF(D17=0,\" \",(J17*C17))","v":{"v":13.889100000000003,"d":"£13.89"}}]
[]
[{"$f":"IF(F19<>\"\",(LARGE(A$7:A17,1)+1),\"\")","v":5},"Cavity Closers",41.96,"m",{"$f":"G19+H19","v":{"v":16.3,"d":"£16.30"}},{"v":683.9480000000001,"d":"£683.95"},{"v":6.5,"d":"£6.50"},{"v":9.8,"d":"£9.80"},{"$f":"IF(D19=0,\" \",(G19)*(Details!$C$4+Details!$C$8))","v":{"v":0.9750000000000001,"d":"£0.98"}},{"$f":"IF(D19=0,\" \",(H19)*(Details!$C$6+Details!$C$8))","v":{"v":1.4700000000000004,"d":"£1.47"}},{"v":272.74,"d":"£272.74"},{"v":411.208,"d":"£411.21"},{"v":40.911,"d":"£40.91"},{"v":61.68120000000002,"d":"£61.68"}]
[]
[{"$f":"IF(F21<>\"\",(LARGE(A$7:A19,1)+1),\"\")","v":6},"Roof Edge Trim",13.91,"m",{"v":5.2,"d":"£5.20"},{"v":72.33200000000001,"d":"£72.33"},{"v":2,"d":"£2.00"},{"v":3.2,"d":"£3.20"},{"$f":"IF(D21=0,\" \",(G21)*(Details!$C$4+Details!$C$8))","v":{"v":0.30000000000000004,"d":"£0.30"}},{"$f":"IF(D21=0,\" \",(H21)*(Details!$C$6+Details!$C$8))","v":{"v":0.4800000000000001,"d":"£0.48"}},{"v":27.82,"d":"£27.82"},{"v":44.512,"d":"£44.51"},{"v":4.173000000000001,"d":"£4.17"},{"v":6.676800000000001,"d":"£6.68"}]
[]
[{"$f":"IF(F23<>\"\",(LARGE(A$7:A21,1)+1),\"\")","v":7},"Door Stone Threshold",8.76,"m",{"v":29.3,"d":"£29.30"},{"v":256.668,"d":"£256.67"},{"v":11.5,"d":"£11.50"},{"v":17.8,"d":"£17.80"},{"$f":"IF(D23=0,\" \",(G23)*(Details!$C$4+Details!$C$8))","v":{"v":1.7250000000000003,"d":"£1.73"}},{"$f":"IF(D23=0,\" \",(H23)*(Details!$C$6+Details!$C$8))","v":{"v":2.6700000000000004,"d":"£2.67"}},{"v":100.74,"d":"£100.74"},{"v":155.928,"d":"£155.93"},{"v":15.111000000000002,"d":"£15.11"},{"v":23.389200000000002,"d":"£23.39"}]
[]
[{"$f":"IF(F25<>\"\",(LARGE(A$7:A23,1)+1),\"\")","v":8},"(225mm High) Brick Soldier Course",13.33,"m",{"v":33.2,"d":"£33.20"},{"v":442.55600000000004,"d":"£442.56"},{"v":13.4,"d":"£13.40"},{"v":19.8,"d":"£19.80"},{"$f":"IF(D25=0,\" \",(G25)*(Details!$C$4+Details!$C$8))","v":{"v":2.0100000000000002,"d":"£2.01"}},{"$f":"IF(D25=0,\" \",(H25)*(Details!$C$6+Details!$C$8))","v":{"v":2.9700000000000006,"d":"£2.97"}},{"v":178.622,"d":"£178.62"},{"v":263.934,"d":"£263.93"},{"v":26.793300000000002,"d":"£26.79"},{"v":39.59010000000001,"d":"£39.59"}]
[]
[{"$f":"IF(F27<>\"\",(LARGE(A$7:A13,1)+1),\"\")","v":""},{"$nulls":8},{"$f":"IF(D27=0,\" \",(G27+H27)*(Details!$C$4+Details!$C$6))","v":" "},{"$nulls":5},"Check"]
[{"$nulls":4},"Sub Total",{"$f":"SUM(F1:F27)","v":{"v":14213.378,"d":"£14,213.38"}},{"$nulls":3},{"$f":"IF(D28=0,\" \",(G28+H28)*(Details!$C$4+Details!$C$6))","v":" "},{"$f":"SUM(K1:K27)","v":{"v":5749.201999999999,"d":"£5,749.20"}},{"$f":"SUM(L1:L27)","v":{"v":8464.176,"d":"£8,464.18"}},{"$f":"SUM(M1:M27)","v":{"v":862.3803000000001,"d":"£862.38"}},{"$f":"SUM(N1:N27)","v":{"v":1269.6264000000006,"d":"£1,269.63"}},null,{"$f":"+F28-K28-L28-N28-M28","v":{"v":-2132.006699999999,"d":"-£2,132.01"}}]

{"sheet":"Floor finishes","index":13,"n_rows":22,"n_cols":16,"rows_kept":22,"merged":[[4,6,4,9],[4,10,4,13]]}
[]
[null,{"$f":"+'Qual, Excl & Assum'!B2","v":"PROJECT: Mr & Mrs Hawkes-Cowands House"}]
[null,{"$f":"+'Qual, Excl & Assum'!B3","v":"DATE: 25TH SEPTEMBER 2025"}]
[]
[null,"Floor Finishes",{"$nulls":4},"RATES",{"$nulls":3},"TOTALS"]
[]
[null,"Description","Quantity","Unit","Rate","Total","Labour","Materials","L Markup","M Markup","Labour","Materials","L Markup","M Markup"]
[{"$nulls":13},{"$f":"IF(D8=0,\" \",(J8*C8))","v":" "}]
[null,"TILING"]
[]
[1,"Carpet Floor",56.77,"m2",{"$f":"G11+H11","v":{"v":54.8,"d":"£54.80"}},{"$f":"E11*C11","v":{"v":3110.996,"d":"£3,111.00"}},{"v":20,"d":"£20.00"},{"v":34.8,"d":"£34.80"},{"$f":"IF(D11=0,\" \",(G11)*(Details!$C$4+Details!$C$8))","v":{"v":3.0000000000000004,"d":"£3.00"}},{"$f":"IF(D11=0,\" \",(H11)*(Details!$C$6+Details!$C$8))","v":{"v":5.220000000000001,"d":"£5.22"}},{"$f":"+G11*C11","v":{"v":1135.4,"d":"£1,135.40"}},{"$f":"+H11*C11","v":{"v":1975.596,"d":"£1,975.60"}},{"$f":"IF(D11=0,\" \",(I11*C11))","v":{"v":170.31000000000003,"d":"£170.31"}},{"$f":"IF(D11=0,\" \",(J11*C11))","v":{"v":296.33940000000007,"d":"£296.34"}}]
[]
[2,"Luxury Vinyl Tile Floor",15.91,"m2",{"$f":"G13+H13","v":{"v":74.25,"d":"£74.25"}},{"$f":"E13*C13","v":{"v":1181.3175,"d":"£1,181.32"}},{"v":26.45,"d":"£26.45"},{"v":47.8,"d":"£47.80"},{"$f":"IF(D13=0,\" \",(G13)*(Details!$C$4+Details!$C$8))","v":{"v":3.9675000000000007,"d":"£3.97"}},{"$f":"IF(D13=0,\" \",(H13)*(Details!$C$6+Details!$C$8))","v":{"v":7.170000000000001,"d":"£7.17"}},{"$f":"+G13*C13","v":{"v":420.8195,"d":"£420.82"}},{"$f":"+H13*C13","v":{"v":760.4979999999999,"d":"£760.50"}},{"$f":"IF(D13=0,\" \",(I13*C13))","v":{"v":63.12292500000001,"d":"£63.12"}},{"$f":"IF(D13=0,\" \",(J13*C13))","v":{"v":114.0747,"d":"£114.07"}}]
[]
[3,"Reuse Existing Flagstone Slab",15.44,"m2",{"v":88.19999999999999,"d":"£88.20"},{"v":1361.8079999999998,"d":"£1,361.81"},{"v":25.4,"d":"£25.40"},{"v":62.8,"d":"£62.80"},{"$f":"IF(D15=0,\" \",(G15)*(Details!$C$4+Details!$C$8))","v":{"v":3.8100000000000005,"d":"£3.81"}},{"$f":"IF(D15=0,\" \",(H15)*(Details!$C$6+Details!$C$8))","v":{"v":9.420000000000002,"d":"£9.42"}},{"v":392.176,"d":"£392.18"},{"v":969.632,"d":"£969.63"},{"v":58.82640000000001,"d":"£58.83"},{"v":145.44480000000001,"d":"£145.44"}]
[]
[4,"Porcelain Tile Floor",3.25,"m2",{"v":86.5,"d":"£86.50"},{"v":281.125,"d":"£281.13"},{"v":30,"d":"£30.00"},{"v":56.5,"d":"£56.50"},{"$f":"IF(D17=0,\" \",(G17)*(Details!$C$4+Details!$C$8))","v":{"v":4.500000000000001,"d":"£4.50"}},{"$f":"IF(D17=0,\" \",(H17)*(Details!$C$6+Details!$C$8))","v":{"v":8.475000000000001,"d":"£8.48"}},{"v":97.5,"d":"£97.50"},{"v":183.625,"d":"£183.63"},{"v":14.625000000000004,"d":"£14.63"},{"v":27.543750000000003,"d":"£27.54"}]
[]
[5,"Polished Concrete Microtopping (Suitable For Internal & External Use)",{"v":104.2,"d":"104.20"},"m2",{"v":82.4,"d":"£82.40"},{"v":8586.08,"d":"£8,586.08"},{"v":30,"d":"£30.00"},{"v":52.4,"d":"£52.40"},{"$f":"IF(D19=0,\" \",(G19)*(Details!$C$4+Details!$C$8))","v":{"v":4.500000000000001,"d":"£4.50"}},{"$f":"IF(D19=0,\" \",(H19)*(Details!$C$6+Details!$C$8))","v":{"v":7.860000000000001,"d":"£7.86"}},{"v":3126,"d":"£3,126.00"},{"v":5460.08,"d":"£5,460.08"},{"v":468.9000000000001,"d":"£468.90"},{"v":819.0120000000002,"d":"£819.01"}]
[{"$nulls":9},{"$f":"IF(D20=0,\" \",(G20+H20)*(Details!$C$4+Details!$C$6))","v":" "},{"$nulls":5},"Check"]
[{"$nulls":4},"Sub Total",{"$f":"SUM(F1:F20)","v":{"v":14521.3265,"d":"£14,521.33"}},{"$nulls":3},{"$f":"IF(D21=0,\" \",(G21+H21)*(Details!$C$4+Details!$C$6))","v":" "},{"$f":"SUM(K1:K20)","v":{"v":5171.8955000000005,"d":"£5,171.90"}},{"$f":"SUM(L1:L20)","v":{"v":9349.431,"d":"£9,349.43"}},{"$f":"SUM(M1:M20)","v":{"v":775.7843250000001,"d":"£775.78"}},{"$f":"SUM(N1:N20)","v":{"v":1402.4146500000002,"d":"£1,402.41"}},null,{"$f":"+F21-K21-L21-N21-M21","v":{"v":-2178.198975000002,"d":"-£2,178.20"}}]
[{"$f":"IF(F22<>\"\",(LARGE(A$7:A21,1)+1),\"\")","v":""},{"$nulls":8},{"$f":"IF(D22=0,\" \",(G22+H22)*(Details!$C$4+Details!$C$6))","v":" "}]

{"sheet":"Wall finishes","index":14,"n_rows":19,"n_cols":16,"rows_kept":19,"merged":[[4,6,4,9],[4,10,4,13]]}
[]
[null,{"$f":"+'Qual, Excl & Assum'!B2","v":"PROJECT: Mr & Mrs Hawkes-Cowands House"}]
[null,{"$f":"+'Qual, Excl & Assum'!B3","v":"DATE: 25TH SEPTEMBER 2025"}]
[]
[null,"Wall Finishes",{"$nulls":4},"RATES",{"$nulls":3},"TOTALS"]
[]
[null,"Description","Quantity","Unit","Rate","Total","Labour","Materials","L Markup","M Markup","Labour","Materials","L Markup","M Markup"]
[{"$nulls":13},{"$f":"IF(D8=0,\" \",(J8*C8))","v":" "}]
[null,"WALL TILING (PROVISIONAL QUANTITY)"]
[]
[1,"Install tiles to Bathrooms and ensuite, Supply tiles",{"v":24,"d":"24.00"},"m2",{"$f":"G11+H11","v":{"v":85.3,"d":"£85.30"}},{"$f":"E11*C11","v":{"v":2047.1999999999998,"d":"£2,047.20"}},{"v":26.5,"d":"£26.50"},{"v":58.8,"d":"£58.80"},{"$f":"IF(D11=0,\" \",(G11)*(Details!$C$4+Details!$C$8))","v":{"v":3.9750000000000005,"d":"£3.98"}},{"$f":"IF(D11=0,\" \",(H11)*(Details!$C$6+Details!$C$8))","v":{"v":8.82,"d":"£8.82"}},{"$f":"+G11*C11","v":{"v":636,"d":"£636.00"}},{"$f":"+H11*C11","v":{"v":1411.1999999999998,"d":"£1,411.20"}},{"$f":"IF(D11=0,\" \",(I11*C11))","v":{"v":95.4,"d":"£95.40"}},{"$f":"IF(D11=0,\" \",(J11*C11))","v":{"v":211.68,"d":"£211.68"}}]
[]
[]
[{"$f":"IF(F14<>\"\",(LARGE(A$7:A13,1)+1),\"\")","v":""}]
[{"$f":"IF(F15<>\"\",(LARGE(A$7:A14,1)+1),\"\")","v":""}]
[{"$f":"IF(F16<>\"\",(LARGE(A$7:A15,1)+1),\"\")","v":""}]
[{"$f":"IF(F17<>\"\",(LARGE(A$7:A16,1)+1),\"\")","v":""},{"$nulls":14},"Check"]
[{"$nulls":4},"Sub Total",{"$f":"SUM(F1:F17)","v":{"v":2047.1999999999998,"d":"£2,047.20"}},{"$nulls":3},{"$f":"IF(D18=0,\" \",(G18+H18)*(Details!$C$4+Details!$C$6))","v":" "},{"$f":"SUM(K1:K17)","v":{"v":636,"d":"£636.00"}},{"$f":"SUM(L1:L17)","v":{"v":1411.1999999999998,"d":"£1,411.20"}},{"$f":"SUM(M1:M17)","v":{"v":95.4,"d":"£95.40"}},{"$f":"SUM(N1:N17)","v":{"v":211.68,"d":"£211.68"}},null,{"$f":"+F18-K18-L18-N18-M18","v":{"v":-307.08000000000004,"d":"-£307.08"}}]
[{"$f":"IF(F19<>\"\",(LARGE(A$7:A18,1)+1),\"\")","v":""},{"$nulls":8},{"$f":"IF(D19=0,\" \",(G19+H19)*(Details!$C$4+Details!$C$6))","v":" "}]

{"sheet":"Kitchens & Bathrooms","index":15,"n_rows":59,"n_cols":16,"rows_kept":59,"merged":[[4,6,4,9],[4,10,4,13]]}
[]
[null,{"$f":"+'Qual, Excl & Assum'!B2","v":"PROJECT: Mr & Mrs Hawkes-Cowands House"}]
[null,{"$f":"+'Qual, Excl & Assum'!B3","v":"DATE: 25TH SEPTEMBER 2025"}]
[]
[null,"Kitchen & Bathrooms",{"$nulls":4},"RATES",{"$nulls":3},"TOTALS"]
[]
[null,"Description","Quantity","Unit","Rate","Total","Labour","Materials","L Markup","M Markup","Labour","Materials","L Markup","M Markup"]
[{"$nulls":13},{"$f":"IF(D8=0,\" \",(J8*C8))","v":" "}]
[null,"KITCHEN"]
[1,"Kitchen Worktop",6.72,"m2",{"$f":"G10+H10","v":{"v":219.8,"d":"£219.80"}},{"$f":"E10*C10","v":{"v":1477.056,"d":"£1,477.06"}},{"v":67.8,"d":"£67.80"},{"v":152,"d":"£152.00"},{"$f":"IF(D10=0,\" \",(G10)*(Details!$C$4+Details!$C$8))","v":{"v":10.170000000000002,"d":"£10.17"}},{"$f":"IF(D10=0,\" \",(H10)*(Details!$C$6+Details!$C$8))","v":{"v":22.800000000000004,"d":"£22.80"}},{"$f":"+G10*C10","v":{"v":455.616,"d":"£455.62"}},{"$f":"+H10*C10","v":{"v":1021.4399999999999,"d":"£1,021.44"}},{"$f":"IF(D10=0,\" \",(I10*C10))","v":{"v":68.34240000000001,"d":"£68.34"}},{"$f":"IF(D10=0,\" \",(J10*C10))","v":{"v":153.21600000000004,"d":"£153.22"}}]
[]
[{"$f":"IF(F12<>\"\",(LARGE(A$7:A10,1)+1),\"\")","v":2},"Dishwasher",{"v":1,"d":"1.00"},"no.",{"$f":"G12+H12","v":{"v":940,"d":"£940.00"}},{"$f":"E12*C12","v":{"v":940,"d":"£940.00"}},{"v":160,"d":"£160.00"},{"v":780,"d":"£780.00"},{"$f":"IF(D12=0,\" \",(G12)*(Details!$C$4+Details!$C$8))","v":{"v":24.000000000000004,"d":"£24.00"}},{"$f":"IF(D12=0,\" \",(H12)*(Details!$C$6+Details!$C$8))","v":{"v":117.00000000000001,"d":"£117.00"}},{"$f":"+G12*C12","v":{"v":160,"d":"£160.00"}},{"$f":"+H12*C12","v":{"v":780,"d":"£780.00"}},{"$f":"IF(D12=0,\" \",(I12*C12))","v":{"v":24.000000000000004,"d":"£24.00"}},{"$f":"IF(D12=0,\" \",(J12*C12))","v":{"v":117.00000000000001,"d":"£117.00"}}]
[]
[3,"Fridge",{"v":1,"d":"1.00"},"no.",{"v":860,"d":"£860.00"},{"v":860,"d":"£860.00"},{"v":140,"d":"£140.00"},{"v":720,"d":"£720.00"},{"$f":"IF(D14=0,\" \",(G14)*(Details!$C$4+Details!$C$8))","v":{"v":21.000000000000004,"d":"£21.00"}},{"$f":"IF(D14=0,\" \",(H14)*(Details!$C$6+Details!$C$8))","v":{"v":108.00000000000001,"d":"£108.00"}},{"$f":"+G14*C14","v":{"v":140,"d":"£140.00"}},{"$f":"+H14*C14","v":{"v":720,"d":"£720.00"}},{"$f":"IF(D14=0,\" \",(I14*C14))","v":{"v":21.000000000000004,"d":"£21.00"}},{"$f":"IF(D14=0,\" \",(J14*C14))","v":{"v":108.00000000000001,"d":"£108.00"}}]
[]
[4,"Freezer",{"v":1,"d":"1.00"},"no.",{"v":900,"d":"£900.00"},{"v":900,"d":"£900.00"},{"v":160,"d":"£160.00"},{"v":740,"d":"£740.00"},{"$f":"IF(D16=0,\" \",(G16)*(Details!$C$4+Details!$C$8))","v":{"v":24.000000000000004,"d":"£24.00"}},{"$f":"IF(D16=0,\" \",(H16)*(Details!$C$6+Details!$C$8))","v":{"v":111.00000000000001,"d":"£111.00"}},{"v":160,"d":"£160.00"},{"v":740,"d":"£740.00"},{"v":24.000000000000004,"d":"£24.00"},{"v":111.00000000000001,"d":"£111.00"}]
[]
[5,"Kitchen Hob",{"v":1,"d":"1.00"},"no.",{"v":1100,"d":"£1,100.00"},{"v":1100,"d":"£1,100.00"},{"v":180,"d":"£180.00"},{"v":920,"d":"£920.00"},{"$f":"IF(D18=0,\" \",(G18)*(Details!$C$4+Details!$C$8))","v":{"v":27.000000000000004,"d":"£27.00"}},{"$f":"IF(D18=0,\" \",(H18)*(Details!$C$6+Details!$C$8))","v":{"v":138.00000000000003,"d":"£138.00"}},{"v":180,"d":"£180.00"},{"v":920,"d":"£920.00"},{"v":27.000000000000004,"d":"£27.00"},{"v":138.00000000000003,"d":"£138.00"}]
[]
[6,"Hob Hood",{"v":1,"d":"1.00"},"no.",{"v":1020,"d":"£1,020.00"},{"v":1020,"d":"£1,020.00"},{"v":160,"d":"£160.00"},{"v":860,"d":"£860.00"},{"$f":"IF(D20=0,\" \",(G20)*(Details!$C$4+Details!$C$8))","v":{"v":24.000000000000004,"d":"£24.00"}},{"$f":"IF(D20=0,\" \",(H20)*(Details!$C$6+Details!$C$8))","v":{"v":129.00000000000003,"d":"£129.00"}},{"v":160,"d":"£160.00"},{"v":860,"d":"£860.00"},{"v":24.000000000000004,"d":"£24.00"},{"v":129.00000000000003,"d":"£129.00"}]
[]
[7,"Two Bowl Butler Sink",{"v":1,"d":"1.00"},"no.",{"v":960,"d":"£960.00"},{"v":960,"d":"£960.00"},{"v":140,"d":"£140.00"},{"v":820,"d":"£820.00"},{"$f":"IF(D22=0,\" \",(G22)*(Details!$C$4+Details!$C$8))","v":{"v":21.000000000000004,"d":"£21.00"}},{"$f":"IF(D22=0,\" \",(H22)*(Details!$C$6+Details!$C$8))","v":{"v":123.00000000000001,"d":"£123.00"}},{"v":140,"d":"£140.00"},{"v":820,"d":"£820.00"},{"v":21.000000000000004,"d":"£21.00"},{"v":123.00000000000001,"d":"£123.00"}]
[{"$f":"IF(F23<>\"\",(LARGE(A$7:A14,1)+1),\"\")","v":""}]
[{"$f":"IF(F24<>\"\",(LARGE(A$7:A22,1)+1),\"\")","v":""},"UTILITY"]
[8,"Install Utility Countertop",1.22,"m2",{"$f":"G25+H25","v":{"v":219.8,"d":"£219.80"}},{"$f":"E25*C25","v":{"v":268.156,"d":"£268.16"}},{"v":67.8,"d":"£67.80"},{"v":152,"d":"£152.00"},{"$f":"IF(D25=0,\" \",(G25)*(Details!$C$4+Details!$C$8))","v":{"v":10.170000000000002,"d":"£10.17"}},{"$f":"IF(D25=0,\" \",(H25)*(Details!$C$6+Details!$C$8))","v":{"v":22.800000000000004,"d":"£22.80"}},{"$f":"+G25*C25","v":{"v":82.716,"d":"£82.72"}},{"$f":"+H25*C25","v":{"v":185.44,"d":"£185.44"}},{"$f":"IF(D25=0,\" \",(I25*C25))","v":{"v":12.407400000000003,"d":"£12.41"}},{"$f":"IF(D25=0,\" \",(J25*C25))","v":{"v":27.816000000000006,"d":"£27.82"}}]
[{"$f":"IF(F26<>\"\",(LARGE(A$7:A24,1)+1),\"\")","v":""}]
[9,"Utility Sink",{"v":1,"d":"1.00"},"no.",{"$f":"G27+H27","v":{"v":960,"d":"£960.00"}},{"$f":"E27*C27","v":{"v":960,"d":"£960.00"}},{"v":140,"d":"£140.00"},{"v":820,"d":"£820.00"},{"$f":"IF(D27=0,\" \",(G27)*(Details!$C$4+Details!$C$8))","v":{"v":21.000000000000004,"d":"£21.00"}},{"$f":"IF(D27=0,\" \",(H27)*(Details!$C$6+Details!$C$8))","v":{"v":123.00000000000001,"d":"£123.00"}},{"$f":"+G27*C27","v":{"v":140,"d":"£140.00"}},{"$f":"+H27*C27","v":{"v":820,"d":"£820.00"}},{"$f":"IF(D27=0,\" \",(I27*C27))","v":{"v":21.000000000000004,"d":"£21.00"}},{"$f":"IF(D27=0,\" \",(J27*C27))","v":{"v":123.00000000000001,"d":"£123.00"}}]
[]
[10,"Washing Maching",{"v":2,"d":"2.00"},"no.",{"v":900,"d":"£900.00"},{"v":1800,"d":"£1,800.00"},{"v":140,"d":"£140.00"},{"v":760,"d":"£760.00"},{"$f":"IF(D29=0,\" \",(G29)*(Details!$C$4+Details!$C$8))","v":{"v":21.000000000000004,"d":"£21.00"}},{"$f":"IF(D29=0,\" \",(H29)*(Details!$C$6+Details!$C$8))","v":{"v":114.00000000000001,"d":"£114.00"}},{"v":280,"d":"£280.00"},{"v":1520,"d":"£1,520.00"},{"v":42.00000000000001,"d":"£42.00"},{"v":228.00000000000003,"d":"£228.00"}]
[]
[11,"Tumble Dryer",{"v":2,"d":"2.00"},"no.",{"v":860,"d":"£860.00"},{"v":1720,"d":"£1,720.00"},{"v":140,"d":"£140.00"},{"v":720,"d":"£720.00"},{"$f":"IF(D31=0,\" \",(G31)*(Details!$C$4+Details!$C$8))","v":{"v":21.000000000000004,"d":"£21.00"}},{"$f":"IF(D31=0,\" \",(H31)*(Details!$C$6+Details!$C$8))","v":{"v":108.00000000000001,"d":"£108.00"}},{"v":280,"d":"£280.00"},{"v":1440,"d":"£1,440.00"},{"v":42.00000000000001,"d":"£42.00"},{"v":216.00000000000003,"d":"£216.00"}]
[{"$f":"IF(F32<>\"\",(LARGE(A$7:A29,1)+1),\"\")","v":""}]
[{"$f":"IF(F33<>\"\",(LARGE(A$7:A31,1)+1),\"\")","v":""},"BATHROOM WITH A SHOWER AND BATH"]
[{"$f":"IF(F34<>\"\",(LARGE(A$7:A33,1)+1),\"\")","v":""}]
[{"$f":"IF(F35<>\"\",(LARGE(A$7:A33,1)+1),\"\")","v":""},"Fixtures"]
[]
[12,"Water Closet",{"v":4,"d":"4.00"},"no.",{"$f":"G37+H37","v":{"v":980,"d":"£980.00"}},{"$f":"E37*C37","v":{"v":3920,"d":"£3,920.00"}},{"v":160,"d":"£160.00"},{"v":820,"d":"£820.00"},{"$f":"IF(D37=0,\" \",(G37)*(Details!$C$4+Details!$C$8))","v":{"v":24.000000000000004,"d":"£24.00"}},{"$f":"IF(D37=0,\" \",(H37)*(Details!$C$6+Details!$C$8))","v":{"v":123.00000000000001,"d":"£123.00"}},{"$f":"+G37*C37","v":{"v":640,"d":"£640.00"}},{"$f":"+H37*C37","v":{"v":3280,"d":"£3,280.00"}},{"$f":"IF(D37=0,\" \",(I37*C37))","v":{"v":96.00000000000001,"d":"£96.00"}},{"$f":"IF(D37=0,\" \",(J37*C37))","v":{"v":492.00000000000006,"d":"£492.00"}}]
[]
[13,"Shower w/ Head, Rail & Mixer",{"v":2,"d":"2.00"},"no.",{"$f":"G39+H39","v":{"v":920,"d":"£920.00"}},{"$f":"E39*C39","v":{"v":1840,"d":"£1,840.00"}},{"v":155,"d":"£155.00"},{"v":765,"d":"£765.00"},{"$f":"IF(D39=0,\" \",(G39)*(Details!$C$4+Details!$C$8))","v":{"v":23.250000000000004,"d":"£23.25"}},{"$f":"IF(D39=0,\" \",(H39)*(Details!$C$6+Details!$C$8))","v":{"v":114.75000000000001,"d":"£114.75"}},{"$f":"+G39*C39","v":{"v":310,"d":"£310.00"}},{"$f":"+H39*C39","v":{"v":1530,"d":"£1,530.00"}},{"$f":"IF(D39=0,\" \",(I39*C39))","v":{"v":46.50000000000001,"d":"£46.50"}},{"$f":"IF(D39=0,\" \",(J39*C39))","v":{"v":229.50000000000003,"d":"£229.50"}}]
[]
[14,"(230mmW x 465mmL) Wash Hand Basin",{"v":1,"d":"1.00"},"no.",{"v":860,"d":"£860.00"},{"v":860,"d":"£860.00"},{"v":140,"d":"£140.00"},{"v":720,"d":"£720.00"},{"$f":"IF(D41=0,\" \",(G41)*(Details!$C$4+Details!$C$8))","v":{"v":21.000000000000004,"d":"£21.00"}},{"$f":"IF(D41=0,\" \",(H41)*(Details!$C$6+Details!$C$8))","v":{"v":108.00000000000001,"d":"£108.00"}},{"v":140,"d":"£140.00"},{"v":720,"d":"£720.00"},{"v":21.000000000000004,"d":"£21.00"},{"v":108.00000000000001,"d":"£108.00"}]
[]
[15,"(300mmW x 700mmL) Wash Hand Basin",{"v":1,"d":"1.00"},"no.",{"v":1050,"d":"£1,050.00"},{"v":1050,"d":"£1,050.00"},{"v":160,"d":"£160.00"},{"v":890,"d":"£890.00"},{"$f":"IF(D43=0,\" \",(G43)*(Details!$C$4+Details!$C$8))","v":{"v":24.000000000000004,"d":"£24.00"}},{"$f":"IF(D43=0,\" \",(H43)*(Details!$C$6+Details!$C$8))","v":{"v":133.50000000000003,"d":"£133.50"}},{"v":160,"d":"£160.00"},{"v":890,"d":"£890.00"},{"v":24.000000000000004,"d":"£24.00"},{"v":133.50000000000003,"d":"£133.50"}]
[]
[16,"(800mmW x 1700mmL) Bath Tub",{"v":1,"d":"1.00"},"no.",{"v":1560,"d":"£1,560.00"},{"v":1560,"d":"£1,560.00"},{"v":220,"d":"£220.00"},{"v":1340,"d":"£1,340.00"},{"$f":"IF(D45=0,\" \",(G45)*(Details!$C$4+Details!$C$8))","v":{"v":33.00000000000001,"d":"£33.00"}},{"$f":"IF(D45=0,\" \",(H45)*(Details!$C$6+Details!$C$8))","v":{"v":201.00000000000003,"d":"£201.00"}},{"v":220,"d":"£220.00"},{"v":1340,"d":"£1,340.00"},{"v":33.00000000000001,"d":"£33.00"},{"v":201.00000000000003,"d":"£201.00"}]
[]
[17,"(900mmW x 1200mmL) Shower Tray",{"v":1,"d":"1.00"},"no.",{"v":455,"d":"£455.00"},{"v":455,"d":"£455.00"},{"v":130,"d":"£130.00"},{"v":325,"d":"£325.00"},{"$f":"IF(D47=0,\" \",(G47)*(Details!$C$4+Details!$C$8))","v":{"v":19.500000000000004,"d":"£19.50"}},{"$f":"IF(D47=0,\" \",(H47)*(Details!$C$6+Details!$C$8))","v":{"v":48.75000000000001,"d":"£48.75"}},{"v":130,"d":"£130.00"},{"v":325,"d":"£325.00"},{"v":19.500000000000004,"d":"£19.50"},{"v":48.75000000000001,"d":"£48.75"}]
[]
[18,"(800mmW x 1200mmL) Shower Tray",{"v":1,"d":"1.00"},"no.",{"v":408,"d":"£408.00"},{"v":408,"d":"£408.00"},{"v":120,"d":"£120.00"},{"v":288,"d":"£288.00"},{"$f":"IF(D49=0,\" \",(G49)*(Details!$C$4+Details!$C$8))","v":{"v":18.000000000000004,"d":"£18.00"}},{"$f":"IF(D49=0,\" \",(H49)*(Details!$C$6+Details!$C$8))","v":{"v":43.2,"d":"£43.20"}},{"v":120,"d":"£120.00"},{"v":288,"d":"£288.00"},{"v":18.000000000000004,"d":"£18.00"},{"v":43.2,"d":"£43.20"}]
[]
[19,"(900mmW x 1200mmL) Shower Enclosure",{"v":1,"d":"1.00"},"no.",{"v":1505,"d":"£1,505.00"},{"v":1505,"d":"£1,505.00"},{"v":380,"d":"£380.00"},{"v":1125,"d":"£1,125.00"},{"$f":"IF(D51=0,\" \",(G51)*(Details!$C$4+Details!$C$8))","v":{"v":57.00000000000001,"d":"£57.00"}},{"$f":"IF(D51=0,\" \",(H51)*(Details!$C$6+Details!$C$8))","v":{"v":168.75000000000003,"d":"£168.75"}},{"v":380,"d":"£380.00"},{"v":1125,"d":"£1,125.00"},{"v":57.00000000000001,"d":"£57.00"},{"v":168.75000000000003,"d":"£168.75"}]
[]
[20,"(800mmW x 1200mmL) Shower Enclosure",{"v":1,"d":"1.00"},"no.",{"v":1425,"d":"£1,425.00"},{"v":1425,"d":"£1,425.00"},{"v":345,"d":"£345.00"},{"v":1080,"d":"£1,080.00"},{"$f":"IF(D53=0,\" \",(G53)*(Details!$C$4+Details!$C$8))","v":{"v":51.75000000000001,"d":"£51.75"}},{"$f":"IF(D53=0,\" \",(H53)*(Details!$C$6+Details!$C$8))","v":{"v":162.00000000000003,"d":"£162.00"}},{"v":345,"d":"£345.00"},{"v":1080,"d":"£1,080.00"},{"v":51.75000000000001,"d":"£51.75"},{"v":162.00000000000003,"d":"£162.00"}]
[]
[21,"Electric Towel Rail (Oil Filled)",{"v":3,"d":"3.00"},"no.",{"v":214,"d":"£214.00"},{"v":642,"d":"£642.00"},{"v":80,"d":"£80.00"},{"v":134,"d":"£134.00"},{"$f":"IF(D55=0,\" \",(G55)*(Details!$C$4+Details!$C$8))","v":{"v":12.000000000000002,"d":"£12.00"}},{"$f":"IF(D55=0,\" \",(H55)*(Details!$C$6+Details!$C$8))","v":{"v":20.1,"d":"£20.10"}},{"$f":"+G55*C55","v":{"v":240,"d":"£240.00"}},{"$f":"+H55*C55","v":{"v":402,"d":"£402.00"}},{"$f":"IF(D55=0,\" \",(I55*C55))","v":{"v":36.00000000000001,"d":"£36.00"}},{"$f":"IF(D55=0,\" \",(J55*C55))","v":{"v":60.300000000000004,"d":"£60.30"}}]
[{"$f":"IF(F56<>\"\",(LARGE(A$7:A54,1)+1),\"\")","v":""}]
[{"$f":"IF(F57<>\"\",(LARGE(A$7:A56,1)+1),\"\")","v":""},{"$nulls":8},{"$f":"IF(D57=0,\" \",(G57+H57)*(Details!$C$4+Details!$C$6))","v":" "},{"$nulls":5},"Check"]
[{"$nulls":4},"Sub Total",{"$f":"SUM(F1:F57)","v":{"v":25670.212,"d":"£25,670.21"}},{"$nulls":3},{"$f":"IF(D58=0,\" \",(G58+H58)*(Details!$C$4+Details!$C$6))","v":" "},{"$f":"SUM(K1:K57)","v":{"v":4863.332,"d":"£4,863.33"}},{"$f":"SUM(L1:L57)","v":{"v":20806.88,"d":"£20,806.88"}},{"$f":"SUM(M1:M57)","v":{"v":729.4998,"d":"£729.50"}},{"$f":"SUM(N1:N57)","v":{"v":3121.032,"d":"£3,121.03"}},null,{"$f":"+F58-K58-L58-N58-M58","v":{"v":-3850.531800000004,"d":"-£3,850.53"}}]
[{"$f":"IF(F59<>\"\",(LARGE(A$7:A58,1)+1),\"\")","v":""},{"$nulls":8},{"$f":"IF(D59=0,\" \",(G59+H59)*(Details!$C$4+Details!$C$6))","v":" "}]

{"sheet":"Electrical","index":16,"n_rows":61,"n_cols":16,"rows_kept":61,"merged":[[4,6,4,9],[4,10,4,13]]}
[]
[null,{"$f":"+'Qual, Excl & Assum'!B2","v":"PROJECT: Mr & Mrs Hawkes-Cowands House"}]
[null,{"$f":"+'Qual, Excl & Assum'!B3","v":"DATE: 25TH SEPTEMBER 2025"}]
[]
[null,"Electrical",{"$nulls":4},"RATES",{"$nulls":3},"TOTALS"]
[]
[null,"Description","Quantity","Unit","Rate","Total","Labour","Materials","L Markup","M Markup","Labour","Materials","L Markup","M Markup"]
[{"$nulls":13},{"$f":"IF(D8=0,\" \",(J8*C8))","v":" "}]
[]
[]
[null,"LIGHTING"]
[]
[1,"A - Pendant - Type 1",{"v":1,"d":"1.00"},"no.",{"$f":"G13+H13","v":{"v":177,"d":"£177.00"}},{"$f":"E13*C13","v":{"v":177,"d":"£177.00"}},{"v":55,"d":"£55.00"},{"v":122,"d":"£122.00"},{"$f":"IF(D13=0,\" \",(G13)*(Details!$C$4+Details!$C$8))","v":{"v":8.250000000000002,"d":"£8.25"}},{"$f":"IF(D13=0,\" \",(H13)*(Details!$C$6+Details!$C$8))","v":{"v":18.300000000000004,"d":"£18.30"}},{"$f":"+G13*C13","v":{"v":55,"d":"£55.00"}},{"$f":"+H13*C13","v":{"v":122,"d":"£122.00"}},{"$f":"IF(D13=0,\" \",(I13*C13))","v":{"v":8.250000000000002,"d":"£8.25"}},{"$f":"IF(D13=0,\" \",(J13*C13))","v":{"v":18.300000000000004,"d":"£18.30"}}]
[]
[{"$f":"IF(F15<>\"\",(LARGE(A$7:A13,1)+1),\"\")","v":2},"B - Downlight - Type 1",{"v":31,"d":"31.00"},"no.",{"$f":"G15+H15","v":{"v":137,"d":"£137.00"}},{"$f":"E15*C15","v":{"v":4247,"d":"£4,247.00"}},{"v":45,"d":"£45.00"},{"v":92,"d":"£92.00"},{"$f":"IF(D15=0,\" \",(G15)*(Details!$C$4+Details!$C$8))","v":{"v":6.750000000000001,"d":"£6.75"}},{"$f":"IF(D15=0,\" \",(H15)*(Details!$C$6+Details!$C$8))","v":{"v":13.800000000000002,"d":"£13.80"}},{"$f":"+G15*C15","v":{"v":1395,"d":"£1,395.00"}},{"$f":"+H15*C15","v":{"v":2852,"d":"£2,852.00"}},{"$f":"IF(D15=0,\" \",(I15*C15))","v":{"v":209.25000000000003,"d":"£209.25"}},{"$f":"IF(D15=0,\" \",(J15*C15))","v":{"v":427.80000000000007,"d":"£427.80"}}]
[]
[{"$f":"IF(F17<>\"\",(LARGE(A$7:A15,1)+1),\"\")","v":3},"C - Directional Downlight - Type 1",{"v":2,"d":"2.00"},"no.",{"v":132.8,"d":"£132.80"},{"v":265.6,"d":"£265.60"},{"v":45,"d":"£45.00"},{"v":87.8,"d":"£87.80"},{"$f":"IF(D17=0,\" \",(G17)*(Details!$C$4+Details!$C$8))","v":{"v":6.750000000000001,"d":"£6.75"}},{"$f":"IF(D17=0,\" \",(H17)*(Details!$C$6+Details!$C$8))","v":{"v":13.170000000000002,"d":"£13.17"}},{"v":90,"d":"£90.00"},{"v":175.6,"d":"£175.60"},{"v":13.500000000000002,"d":"£13.50"},{"v":26.340000000000003,"d":"£26.34"}]
[]
[{"$f":"IF(F19<>\"\",(LARGE(A$7:A17,1)+1),\"\")","v":4},"D - Decorative Wall Light - Type 1",{"v":4,"d":"4.00"},"no.",{"v":143.8,"d":"£143.80"},{"v":575.2,"d":"£575.20"},{"v":45,"d":"£45.00"},{"v":98.8,"d":"£98.80"},{"$f":"IF(D19=0,\" \",(G19)*(Details!$C$4+Details!$C$8))","v":{"v":6.750000000000001,"d":"£6.75"}},{"$f":"IF(D19=0,\" \",(H19)*(Details!$C$6+Details!$C$8))","v":{"v":14.820000000000002,"d":"£14.82"}},{"v":180,"d":"£180.00"},{"v":395.2,"d":"£395.20"},{"v":27.000000000000004,"d":"£27.00"},{"v":59.28000000000001,"d":"£59.28"}]
[]
[{"$f":"IF(F21<>\"\",(LARGE(A$7:A19,1)+1),\"\")","v":5},"H - Interior Floor Uplighter - Type 1",{"v":6,"d":"6.00"},"no.",{"v":139.5,"d":"£139.50"},{"v":837,"d":"£837.00"},{"v":45,"d":"£45.00"},{"v":94.5,"d":"£94.50"},{"$f":"IF(D21=0,\" \",(G21)*(Details!$C$4+Details!$C$8))","v":{"v":6.750000000000001,"d":"£6.75"}},{"$f":"IF(D21=0,\" \",(H21)*(Details!$C$6+Details!$C$8))","v":{"v":14.175000000000002,"d":"£14.18"}},{"v":270,"d":"£270.00"},{"v":567,"d":"£567.00"},{"v":40.50000000000001,"d":"£40.50"},{"v":85.05000000000001,"d":"£85.05"}]
[]
[{"$f":"IF(F23<>\"\",(LARGE(A$7:A21,1)+1),\"\")","v":6},"K - Pendant - Type 2",{"v":7,"d":"7.00"},"no.",{"v":194,"d":"£194.00"},{"v":1358,"d":"£1,358.00"},{"v":60,"d":"£60.00"},{"v":134,"d":"£134.00"},{"$f":"IF(D23=0,\" \",(G23)*(Details!$C$4+Details!$C$8))","v":{"v":9.000000000000002,"d":"£9.00"}},{"$f":"IF(D23=0,\" \",(H23)*(Details!$C$6+Details!$C$8))","v":{"v":20.1,"d":"£20.10"}},{"v":420,"d":"£420.00"},{"v":938,"d":"£938.00"},{"v":63.000000000000014,"d":"£63.00"},{"v":140.70000000000002,"d":"£140.70"}]
[]
[{"$f":"IF(F25<>\"\",(LARGE(A$7:A23,1)+1),\"\")","v":7},"L - Exterior Floor Uplighter - Type 1",{"v":10,"d":"10.00"},"no.",{"v":167,"d":"£167.00"},{"v":1670,"d":"£1,670.00"},{"v":45,"d":"£45.00"},{"v":122,"d":"£122.00"},{"$f":"IF(D25=0,\" \",(G25)*(Details!$C$4+Details!$C$8))","v":{"v":6.750000000000001,"d":"£6.75"}},{"$f":"IF(D25=0,\" \",(H25)*(Details!$C$6+Details!$C$8))","v":{"v":18.300000000000004,"d":"£18.30"}},{"v":450,"d":"£450.00"},{"v":1220,"d":"£1,220.00"},{"v":67.50000000000001,"d":"£67.50"},{"v":183.00000000000006,"d":"£183.00"}]
[]
[{"$f":"IF(F27<>\"\",(LARGE(A$7:A25,1)+1),\"\")","v":8},"Light Over Mirror",{"v":1,"d":"1.00"},"no.",{"v":270,"d":"£270.00"},{"v":270,"d":"£270.00"},{"v":60,"d":"£60.00"},{"v":210,"d":"£210.00"},{"$f":"IF(D27=0,\" \",(G27)*(Details!$C$4+Details!$C$8))","v":{"v":9.000000000000002,"d":"£9.00"}},{"$f":"IF(D27=0,\" \",(H27)*(Details!$C$6+Details!$C$8))","v":{"v":31.500000000000004,"d":"£31.50"}},{"v":60,"d":"£60.00"},{"v":210,"d":"£210.00"},{"v":9.000000000000002,"d":"£9.00"},{"v":31.500000000000004,"d":"£31.50"}]
[{"$f":"IF(F28<>\"\",(LARGE(A$7:A27,1)+1),\"\")","v":""}]
[{"$f":"IF(F29<>\"\",(LARGE(A$7:A28,1)+1),\"\")","v":""},"POWER"]
[]
[{"$f":"IF(F31<>\"\",(LARGE(A$7:A29,1)+1),\"\")","v":9},"Shaver Outlet",{"v":2,"d":"2.00"},"no.",{"$f":"G31+H31","v":{"v":86.8,"d":"£86.80"}},{"$f":"E31*C31","v":{"v":173.6,"d":"£173.60"}},{"v":30,"d":"£30.00"},{"v":56.8,"d":"£56.80"},{"$f":"IF(D31=0,\" \",(G31)*(Details!$C$4+Details!$C$8))","v":{"v":4.500000000000001,"d":"£4.50"}},{"$f":"IF(D31=0,\" \",(H31)*(Details!$C$6+Details!$C$8))","v":{"v":8.520000000000001,"d":"£8.52"}},{"$f":"+G31*C31","v":{"v":60,"d":"£60.00"}},{"$f":"+H31*C31","v":{"v":113.6,"d":"£113.60"}},{"$f":"IF(D31=0,\" \",(I31*C31))","v":{"v":9.000000000000002,"d":"£9.00"}},{"$f":"IF(D31=0,\" \",(J31*C31))","v":{"v":17.040000000000003,"d":"£17.04"}}]
[]
[{"$f":"IF(F33<>\"\",(LARGE(A$7:A31,1)+1),\"\")","v":10},"Fused Switched Spur",{"v":3,"d":"3.00"},"no.",{"$f":"G33+H33","v":{"v":84.8,"d":"£84.80"}},{"$f":"E33*C33","v":{"v":254.39999999999998,"d":"£254.40"}},{"v":30,"d":"£30.00"},{"v":54.8,"d":"£54.80"},{"$f":"IF(D33=0,\" \",(G33)*(Details!$C$4+Details!$C$8))","v":{"v":4.500000000000001,"d":"£4.50"}},{"$f":"IF(D33=0,\" \",(H33)*(Details!$C$6+Details!$C$8))","v":{"v":8.22,"d":"£8.22"}},{"v":90,"d":"£90.00"},{"v":164.39999999999998,"d":"£164.40"},{"v":13.500000000000004,"d":"£13.50"},{"v":24.660000000000004,"d":"£24.66"}]
[]
[{"$f":"IF(F35<>\"\",(LARGE(A$7:A33,1)+1),\"\")","v":11},"13amp Double Swiched Wall Socket Outlet",{"v":25,"d":"25.00"},"no.",{"v":82.8,"d":"£82.80"},{"v":2070,"d":"£2,070.00"},{"v":30,"d":"£30.00"},{"v":52.8,"d":"£52.80"},{"$f":"IF(D35=0,\" \",(G35)*(Details!$C$4+Details!$C$8))","v":{"v":4.500000000000001,"d":"£4.50"}},{"$f":"IF(D35=0,\" \",(H35)*(Details!$C$6+Details!$C$8))","v":{"v":7.920000000000001,"d":"£7.92"}},{"v":750,"d":"£750.00"},{"v":1320,"d":"£1,320.00"},{"v":112.50000000000003,"d":"£112.50"},{"v":198.00000000000003,"d":"£198.00"}]
[]
[{"$f":"IF(F37<>\"\",(LARGE(A$7:A35,1)+1),\"\")","v":12},"13amp Single Switched Floor Socket Outlet",{"v":2,"d":"2.00"},"no.",{"v":82.8,"d":"£82.80"},{"v":165.6,"d":"£165.60"},{"v":30,"d":"£30.00"},{"v":52.8,"d":"£52.80"},{"$f":"IF(D37=0,\" \",(G37)*(Details!$C$4+Details!$C$8))","v":{"v":4.500000000000001,"d":"£4.50"}},{"$f":"IF(D37=0,\" \",(H37)*(Details!$C$6+Details!$C$8))","v":{"v":7.920000000000001,"d":"£7.92"}},{"v":60,"d":"£60.00"},{"v":105.6,"d":"£105.60"},{"v":9.000000000000002,"d":"£9.00"},{"v":15.840000000000002,"d":"£15.84"}]
[{"$f":"IF(F38<>\"\",(LARGE(A$7:A37,1)+1),\"\")","v":""}]
[{"$f":"IF(F39<>\"\",(LARGE(A$7:A38,1)+1),\"\")","v":""},"SWITCHES"]
[]
[{"$f":"IF(F41<>\"\",(LARGE(A$7:A39,1)+1),\"\")","v":13},"1-Way Light Switch",{"v":22,"d":"22.00"},"no.",{"$f":"G41+H41","v":{"v":72,"d":"£72.00"}},{"$f":"E41*C41","v":{"v":1584,"d":"£1,584.00"}},{"v":30,"d":"£30.00"},{"v":42,"d":"£42.00"},{"$f":"IF(D41=0,\" \",(G41)*(Details!$C$4+Details!$C$8))","v":{"v":4.500000000000001,"d":"£4.50"}},{"$f":"IF(D41=0,\" \",(H41)*(Details!$C$6+Details!$C$8))","v":{"v":6.300000000000001,"d":"£6.30"}},{"$f":"+G41*C41","v":{"v":660,"d":"£660.00"}},{"$f":"+H41*C41","v":{"v":924,"d":"£924.00"}},{"$f":"IF(D41=0,\" \",(I41*C41))","v":{"v":99.00000000000001,"d":"£99.00"}},{"$f":"IF(D41=0,\" \",(J41*C41))","v":{"v":138.60000000000002,"d":"£138.60"}}]
[]
[{"$f":"IF(F43<>\"\",(LARGE(A$7:A41,1)+1),\"\")","v":14},"1-Way Light Switch (PIR)",{"v":1,"d":"1.00"},"no.",{"$f":"G43+H43","v":{"v":78,"d":"£78.00"}},{"$f":"E43*C43","v":{"v":78,"d":"£78.00"}},{"v":30,"d":"£30.00"},{"v":48,"d":"£48.00"},{"$f":"IF(D43=0,\" \",(G43)*(Details!$C$4+Details!$C$8))","v":{"v":4.500000000000001,"d":"£4.50"}},{"$f":"IF(D43=0,\" \",(H43)*(Details!$C$6+Details!$C$8))","v":{"v":7.200000000000001,"d":"£7.20"}},{"v":30,"d":"£30.00"},{"v":48,"d":"£48.00"},{"v":4.500000000000001,"d":"£4.50"},{"v":7.200000000000001,"d":"£7.20"}]
[{"$f":"IF(F44<>\"\",(LARGE(A$7:A43,1)+1),\"\")","v":""}]
[{"$f":"IF(F45<>\"\",(LARGE(A$7:A44,1)+1),\"\")","v":""},"WIRING"]
[]
[{"$f":"IF(F47<>\"\",(LARGE(A$7:A45,1)+1),\"\")","v":15},"Wiring",{"v":145,"d":"145.00"},"m",{"$f":"G47+H47","v":{"v":5.2,"d":"£5.20"}},{"$f":"E47*C47","v":{"v":754,"d":"£754.00"}},{"v":2,"d":"£2.00"},{"v":3.2,"d":"£3.20"},{"$f":"IF(D47=0,\" \",(G47)*(Details!$C$4+Details!$C$8))","v":{"v":0.30000000000000004,"d":"£0.30"}},{"$f":"IF(D47=0,\" \",(H47)*(Details!$C$6+Details!$C$8))","v":{"v":0.4800000000000001,"d":"£0.48"}},{"$f":"+G47*C47","v":{"v":290,"d":"£290.00"}},{"$f":"+H47*C47","v":{"v":464,"d":"£464.00"}},{"$f":"IF(D47=0,\" \",(I47*C47))","v":{"v":43.50000000000001,"d":"£43.50"}},{"$f":"IF(D47=0,\" \",(J47*C47))","v":{"v":69.60000000000001,"d":"£69.60"}}]
[{"$f":"IF(F48<>\"\",(LARGE(A$7:A47,1)+1),\"\")","v":""}]
[{"$f":"IF(F49<>\"\",(LARGE(A$7:A48,1)+1),\"\")","v":""},"ALLOWANCES"]
[]
[{"$f":"IF(F51<>\"\",(LARGE(A$7:A49,1)+1),\"\")","v":16},"Allow for Wiring, Conduits or Other Accessories",{"v":1,"d":"1.00"},"item",{"$f":"G51+H51","v":{"v":350,"d":"£350.00"}},{"$f":"E51*C51","v":{"v":350,"d":"£350.00"}},{"v":350,"d":"£350.00"},null,{"$f":"IF(D51=0,\" \",(G51)*(Details!$C$4+Details!$C$8))","v":{"v":52.50000000000001,"d":"£52.50"}},{"$f":"IF(D51=0,\" \",(H51)*(Details!$C$6+Details!$C$8))","v":{"v":0,"d":"£0.00"}},{"$f":"+G51*C51","v":{"v":350,"d":"£350.00"}},{"$f":"+H51*C51","v":{"v":0,"d":"£0.00"}},{"$f":"IF(D51=0,\" \",(I51*C51))","v":{"v":52.50000000000001,"d":"£52.50"}},{"$f":"IF(D51=0,\" \",(J51*C51))","v":{"v":0,"d":"£0.00"}}]
[{"$f":"IF(F52<>\"\",(LARGE(A$7:A51,1)+1),\"\")","v":""}]
[{"$f":"IF(F53<>\"\",(LARGE(A$7:A52,1)+1),\"\")","v":""},"GENERAL"]
[{"$f":"IF(F54<>\"\",(LARGE(A$7:A53,1)+1),\"\")","v":""}]
[{"$f":"IF(F55<>\"\",(LARGE(A$7:A54,1)+1),\"\")","v":17},"Builders work in connection",{"v":1,"d":"1.00"},"item",{"$f":"G55+H55","v":{"v":350,"d":"£350.00"}},{"$f":"E55*C55","v":{"v":350,"d":"£350.00"}},{"v":350,"d":"£350.00"},null,{"$f":"IF(D55=0,\" \",(G55)*(Details!$C$4+Details!$C$8))","v":{"v":52.50000000000001,"d":"£52.50"}},{"$f":"IF(D55=0,\" \",(H55)*(Details!$C$6+Details!$C$8))","v":{"v":0,"d":"£0.00"}},{"$f":"+G55*C55","v":{"v":350,"d":"£350.00"}},{"$f":"+H55*C55","v":{"v":0,"d":"£0.00"}},{"$f":"IF(D55=0,\" \",(I55*C55))","v":{"v":52.50000000000001,"d":"£52.50"}},{"$f":"IF(D55=0,\" \",(J55*C55))","v":{"v":0,"d":"£0.00"}}]
[{"$f":"IF(F56<>\"\",(LARGE(A$7:A55,1)+1),\"\")","v":""}]
[{"$f":"IF(F57<>\"\",(LARGE(A$7:A56,1)+1),\"\")","v":18},"Testing and commissioning",{"v":1,"d":"1.00"},"item",{"$f":"G57+H57","v":{"v":500,"d":"£500.00"}},{"$f":"E57*C57","v":{"v":500,"d":"£500.00"}},{"v":500,"d":"£500.00"},null,{"$f":"IF(D57=0,\" \",(G57)*(Details!$C$4+Details!$C$8))","v":{"v":75.00000000000001,"d":"£75.00"}},{"$f":"IF(D57=0,\" \",(H57)*(Details!$C$6+Details!$C$8))","v":{"v":0,"d":"£0.00"}},{"$f":"+G57*C57","v":{"v":500,"d":"£500.00"}},{"$f":"+H57*C57","v":{"v":0,"d":"£0.00"}},{"$f":"IF(D57=0,\" \",(I57*C57))","v":{"v":75.00000000000001,"d":"£75.00"}},{"$f":"IF(D57=0,\" \",(J57*C57))","v":{"v":0,"d":"£0.00"}}]
[]
[{"$nulls":9},{"$f":"IF(D59=0,\" \",(G59+H59)*(Details!$C$4+Details!$C$6))","v":" "},{"$nulls":5},"Check"]
[{"$nulls":4},"Sub Total",{"$f":"SUM(F1:F57)","v":{"v":15679.4,"d":"£15,679.40"}},{"$nulls":3},{"$f":"IF(D60=0,\" \",(G60+H60)*(Details!$C$4+Details!$C$6))","v":" "},{"$f":"SUM(K1:K59)","v":{"v":6060,"d":"£6,060.00"}},{"$f":"SUM(L1:L59)","v":{"v":9619.4,"d":"£9,619.40"}},{"$f":"SUM(M1:M59)","v":{"v":909.0000000000001,"d":"£909.00"}},{"$f":"SUM(N1:N59)","v":{"v":1442.91,"d":"£1,442.91"}},null,{"$f":"+F60-K60-L60-N60-M60","v":{"v":-2351.9100000000003,"d":"-£2,351.91"}}]
[{"$f":"IF(F61<>\"\",(LARGE(A$7:A60,1)+1),\"\")","v":""},{"$nulls":8},{"$f":"IF(D61=0,\" \",(G61+H61)*(Details!$C$4+Details!$C$6))","v":" "}]

{"sheet":"Mechanical","index":17,"n_rows":60,"n_cols":16,"rows_kept":60,"merged":[[4,6,4,9],[4,10,4,13],[34,14,34,15]]}
[]
[null,{"$f":"+'Qual, Excl & Assum'!B2","v":"PROJECT: Mr & Mrs Hawkes-Cowands House"}]
[null,{"$f":"+'Qual, Excl & Assum'!B3","v":"DATE: 25TH SEPTEMBER 2025"}]
[]
[null,"Mechanical",{"$nulls":4},"RATES",{"$nulls":3},"TOTALS"]
[]
[null,"Description","Quantity","Unit","Rate","Total","Labour","Materials","L Markup","M Markup","Labour","Materials","L Markup","M Markup"]
[{"$nulls":13},{"$f":"IF(D8=0,\" \",(J8*C8))","v":" "}]
[null,"EXTRACT FAN"]
[]
[1,"Extractor Fan 60L/s",{"v":5,"d":"5.00"},"no.",{"$f":"G11+H11","v":{"v":400,"d":"£400.00"}},{"$f":"E11*C11","v":{"v":2000,"d":"£2,000.00"}},{"v":80,"d":"£80.00"},{"v":320,"d":"£320.00"},{"$f":"IF(D11=0,\" \",(G11)*(Details!$C$4+Details!$C$8))","v":{"v":12.000000000000002,"d":"£12.00"}},{"$f":"IF(D11=0,\" \",(H11)*(Details!$C$6+Details!$C$8))","v":{"v":48.00000000000001,"d":"£48.00"}},{"$f":"+G11*C11","v":{"v":400,"d":"£400.00"}},{"$f":"+H11*C11","v":{"v":1600,"d":"£1,600.00"}},{"$f":"IF(D11=0,\" \",(I11*C11))","v":{"v":60.00000000000001,"d":"£60.00"}},{"$f":"IF(D11=0,\" \",(J11*C11))","v":{"v":240.00000000000003,"d":"£240.00"}}]
[]
[2,"Ventilation Duct (Size tbc)",{"v":6,"d":"6.00"},"m",{"$f":"G13+H13","v":{"v":13.4,"d":"£13.40"}},{"$f":"E13*C13","v":{"v":80.4,"d":"£80.40"}},{"v":5,"d":"£5.00"},{"v":8.4,"d":"£8.40"},{"$f":"IF(D13=0,\" \",(G13)*(Details!$C$4+Details!$C$8))","v":{"v":0.7500000000000001,"d":"£0.75"}},{"$f":"IF(D13=0,\" \",(H13)*(Details!$C$6+Details!$C$8))","v":{"v":1.2600000000000002,"d":"£1.26"}},{"$f":"+G13*C13","v":{"v":30,"d":"£30.00"}},{"$f":"+H13*C13","v":{"v":50.400000000000006,"d":"£50.40"}},{"$f":"IF(D13=0,\" \",(I13*C13))","v":{"v":4.500000000000001,"d":"£4.50"}},{"$f":"IF(D13=0,\" \",(J13*C13))","v":{"v":7.560000000000001,"d":"£7.56"}}]
[]
[null,"BOILER"]
[]
[3,"Proposed Boiler Position",{"v":1,"d":"1.00"},"no",{"$f":"G17+H17","v":{"v":435,"d":"£435.00"}},{"$f":"E17*C17","v":{"v":435,"d":"£435.00"}},{"v":110,"d":"£110.00"},{"v":325,"d":"£325.00"},{"$f":"IF(D17=0,\" \",(G17)*(Details!$C$4+Details!$C$8))","v":{"v":16.500000000000004,"d":"£16.50"}},{"$f":"IF(D17=0,\" \",(H17)*(Details!$C$6+Details!$C$8))","v":{"v":48.75000000000001,"d":"£48.75"}},{"$f":"+G17*C17","v":{"v":110,"d":"£110.00"}},{"$f":"+H17*C17","v":{"v":325,"d":"£325.00"}},{"$f":"IF(D17=0,\" \",(I17*C17))","v":{"v":16.500000000000004,"d":"£16.50"}},{"$f":"IF(D17=0,\" \",(J17*C17))","v":{"v":48.75000000000001,"d":"£48.75"}}]
[]
[4,"Boiler Flue",5.25,"m",{"$f":"G19+H19","v":{"v":13.8,"d":"£13.80"}},{"$f":"E19*C19","v":{"v":72.45,"d":"£72.45"}},{"v":6,"d":"£6.00"},{"v":7.8,"d":"£7.80"},{"$f":"IF(D19=0,\" \",(G19)*(Details!$C$4+Details!$C$8))","v":{"v":0.9000000000000001,"d":"£0.90"}},{"$f":"IF(D19=0,\" \",(H19)*(Details!$C$6+Details!$C$8))","v":{"v":1.1700000000000002,"d":"£1.17"}},{"v":31.5,"d":"£31.50"},{"v":40.949999999999996,"d":"£40.95"},{"v":4.7250000000000005,"d":"£4.73"},{"v":6.142500000000001,"d":"£6.14"}]
[]
[null,"UFH SYSTEM"]
[]
[5,"Electric Underfloor Heating System",{"v":9.3,"d":"9.30"},"m2",{"$f":"G23+H23","v":{"v":54.8,"d":"£54.80"}},{"$f":"E23*C23","v":{"v":509.64,"d":"£509.64"}},{"v":20,"d":"£20.00"},{"v":34.8,"d":"£34.80"},{"$f":"IF(D23=0,\" \",(G23)*(Details!$C$4+Details!$C$8))","v":{"v":3.0000000000000004,"d":"£3.00"}},{"$f":"IF(D23=0,\" \",(H23)*(Details!$C$6+Details!$C$8))","v":{"v":5.220000000000001,"d":"£5.22"}},{"$f":"+G23*C23","v":{"v":186,"d":"£186.00"}},{"$f":"+H23*C23","v":{"v":323.64,"d":"£323.64"}},{"$f":"IF(D23=0,\" \",(I23*C23))","v":{"v":27.900000000000006,"d":"£27.90"}},{"$f":"IF(D23=0,\" \",(J23*C23))","v":{"v":48.54600000000001,"d":"£48.55"}}]
[]
[6,"Under Floor Heating System",27.57,"m2",{"$f":"G25+H25","v":{"v":57.8,"d":"£57.80"}},{"$f":"E25*C25","v":{"v":1593.546,"d":"£1,593.55"}},{"v":20,"d":"£20.00"},{"v":37.8,"d":"£37.80"},{"$f":"IF(D25=0,\" \",(G25)*(Details!$C$4+Details!$C$8))","v":{"v":3.0000000000000004,"d":"£3.00"}},{"$f":"IF(D25=0,\" \",(H25)*(Details!$C$6+Details!$C$8))","v":{"v":5.670000000000001,"d":"£5.67"}},{"v":551.4,"d":"£551.40"},{"v":1042.146,"d":"£1,042.15"},{"v":82.71000000000001,"d":"£82.71"},{"v":156.32190000000003,"d":"£156.32"}]
[]
[7,"Thermostat",{"v":1,"d":"1.00"},"no",{"$f":"G27+H27","v":{"v":143,"d":"£143.00"}},{"$f":"E27*C27","v":{"v":143,"d":"£143.00"}},{"v":45,"d":"£45.00"},{"v":98,"d":"£98.00"},{"$f":"IF(D27=0,\" \",(G27)*(Details!$C$4+Details!$C$8))","v":{"v":6.750000000000001,"d":"£6.75"}},{"$f":"IF(D27=0,\" \",(H27)*(Details!$C$6+Details!$C$8))","v":{"v":14.700000000000003,"d":"£14.70"}},{"v":45,"d":"£45.00"},{"v":98,"d":"£98.00"},{"v":6.750000000000001,"d":"£6.75"},{"v":14.700000000000003,"d":"£14.70"}]
[]
[null,"RADIATOR"]
[]
[8,"Radiator (Size tbc)",{"v":3,"d":"3.00"},"no",{"$f":"G31+H31","v":{"v":137.5,"d":"£137.50"}},{"$f":"E31*C31","v":{"v":412.5,"d":"£412.50"}},{"v":45,"d":"£45.00"},{"v":92.5,"d":"£92.50"},{"$f":"IF(D31=0,\" \",(G31)*(Details!$C$4+Details!$C$8))","v":{"v":6.750000000000001,"d":"£6.75"}},{"$f":"IF(D31=0,\" \",(H31)*(Details!$C$6+Details!$C$8))","v":{"v":13.875000000000002,"d":"£13.88"}},{"$f":"+G31*C31","v":{"v":135,"d":"£135.00"}},{"$f":"+H31*C31","v":{"v":277.5,"d":"£277.50"}},{"$f":"IF(D31=0,\" \",(I31*C31))","v":{"v":20.250000000000004,"d":"£20.25"}},{"$f":"IF(D31=0,\" \",(J31*C31))","v":{"v":41.62500000000001,"d":"£41.63"}}]
[]
[9,"TRV Valve",{"v":3,"d":"3.00"},"no",{"$f":"G33+H33","v":{"v":84,"d":"£84.00"}},{"$f":"E33*C33","v":{"v":252,"d":"£252.00"}},{"v":30,"d":"£30.00"},{"v":54,"d":"£54.00"},{"$f":"IF(D33=0,\" \",(G33)*(Details!$C$4+Details!$C$8))","v":{"v":4.500000000000001,"d":"£4.50"}},{"$f":"IF(D33=0,\" \",(H33)*(Details!$C$6+Details!$C$8))","v":{"v":8.100000000000001,"d":"£8.10"}},{"v":90,"d":"£90.00"},{"v":162,"d":"£162.00"},{"v":13.500000000000004,"d":"£13.50"},{"v":24.300000000000004,"d":"£24.30"}]
[]
[{"$f":"IF(F35<>\"\",(LARGE(A$7:A34,1)+1),\"\")","v":""},"ALLOWANCES"]
[]
[10,"Allow for Ductwork, Fitting Airdevices & Accessoried",{"v":1,"d":"1.00"},"item",{"$f":"G37+H37","v":{"v":350,"d":"£350.00"}},{"$f":"E37*C37","v":{"v":350,"d":"£350.00"}},{"v":350,"d":"£350.00"},{"v":0,"d":"£0.00"},{"$f":"IF(D37=0,\" \",(G37)*(Details!$C$4+Details!$C$8))","v":{"v":52.50000000000001,"d":"£52.50"}},{"$f":"IF(D37=0,\" \",(H37)*(Details!$C$6+Details!$C$8))","v":{"v":0,"d":"£0.00"}},{"$f":"+G37*C37","v":{"v":350,"d":"£350.00"}},{"$f":"+H37*C37","v":{"v":0,"d":"£0.00"}},{"$f":"IF(D37=0,\" \",(I37*C37))","v":{"v":52.50000000000001,"d":"£52.50"}},{"$f":"IF(D37=0,\" \",(J37*C37))","v":{"v":0,"d":"£0.00"}}]
[]
[11,"Plumbing Radiators",{"v":1,"d":"1.00"},"item",{"$f":"G39+H39","v":{"v":300,"d":"£300.00"}},{"$f":"E39*C39","v":{"v":300,"d":"£300.00"}},{"v":300,"d":"£300.00"},{"v":0,"d":"£0.00"},{"$f":"IF(D39=0,\" \",(G39)*(Details!$C$4+Details!$C$8))","v":{"v":45.00000000000001,"d":"£45.00"}},{"$f":"IF(D39=0,\" \",(H39)*(Details!$C$6+Details!$C$8))","v":{"v":0,"d":"£0.00"}},{"$f":"+G39*C39","v":{"v":300,"d":"£300.00"}},{"$f":"+H39*C39","v":{"v":0,"d":"£0.00"}},{"$f":"IF(D39=0,\" \",(I39*C39))","v":{"v":45.00000000000001,"d":"£45.00"}},{"$f":"IF(D39=0,\" \",(J39*C39))","v":{"v":0,"d":"£0.00"}},{"$f":"IF(E39=0,\" \",(K39*D39))","v":{"$error":"#VALUE!"}}]
[]
[12,"Hot and cold water pipe installations;  pipework and sundry items to completion",{"v":1,"d":"1.00"},"item",{"$f":"G41+H41","v":{"v":350,"d":"£350.00"}},{"$f":"E41*C41","v":{"v":350,"d":"£350.00"}},{"v":350,"d":"£350.00"},{"v":0,"d":"£0.00"},{"$f":"IF(D41=0,\" \",(G41)*(Details!$C$4+Details!$C$8))","v":{"v":52.50000000000001,"d":"£52.50"}},{"$f":"IF(D41=0,\" \",(H41)*(Details!$C$6+Details!$C$8))","v":{"v":0,"d":"£0.00"}},{"v":350,"d":"£350.00"},{"v":0,"d":"£0.00"},{"v":52.50000000000001,"d":"£52.50"},{"v":0,"d":"£0.00"}]
[{"$f":"IF(F42<>\"\",(LARGE(A$7:A41,1)+1),\"\")","v":""}]
[{"$f":"IF(F43<>\"\",(LARGE(A$7:A42,1)+1),\"\")","v":""},"WASTE SERVICES"]
[{"$f":"IF(F44<>\"\",(LARGE(A$7:A43,1)+1),\"\")","v":""}]
[{"$f":"IF(F45<>\"\",(LARGE(A$7:A44,1)+1),\"\")","v":13},"Waste plumbing and drainage including pipework and sundry items to completion",{"v":1,"d":"1.00"},"item",{"$f":"G45+H45","v":{"v":450,"d":"£450.00"}},{"$f":"E45*C45","v":{"v":450,"d":"£450.00"}},{"v":450,"d":"£450.00"},{"v":0,"d":"£0.00"},{"$f":"IF(D45=0,\" \",(G45)*(Details!$C$4+Details!$C$8))","v":{"v":67.50000000000001,"d":"£67.50"}},{"$f":"IF(D45=0,\" \",(H45)*(Details!$C$6+Details!$C$8))","v":{"v":0,"d":"£0.00"}},{"$f":"+G45*C45","v":{"v":450,"d":"£450.00"}},{"$f":"+H45*C45","v":{"v":0,"d":"£0.00"}},{"$f":"IF(D45=0,\" \",(I45*C45))","v":{"v":67.50000000000001,"d":"£67.50"}},{"$f":"IF(D45=0,\" \",(J45*C45))","v":{"v":0,"d":"£0.00"}}]
[{"$f":"IF(F46<>\"\",(LARGE(A$7:A45,1)+1),\"\")","v":""}]
[{"$f":"IF(F47<>\"\",(LARGE(A$7:A46,1)+1),\"\")","v":""},"OUTDOOR TAP AND REQUIRED PIPEWORK"]
[{"$f":"IF(F48<>\"\",(LARGE(A$7:A47,1)+1),\"\")","v":""}]
[{"$f":"IF(F49<>\"\",(LARGE(A$7:A48,1)+1),\"\")","v":14},"Outdoor tap, required pipework and all necessary sundries",{"v":1,"d":"1.00"},"item",{"$f":"G49+H49","v":{"v":300,"d":"£300.00"}},{"$f":"E49*C49","v":{"v":300,"d":"£300.00"}},{"v":300,"d":"£300.00"},{"v":0,"d":"£0.00"},{"$f":"IF(D49=0,\" \",(G49)*(Details!$C$4+Details!$C$8))","v":{"v":45.00000000000001,"d":"£45.00"}},{"$f":"IF(D49=0,\" \",(H49)*(Details!$C$6+Details!$C$8))","v":{"v":0,"d":"£0.00"}},{"$f":"+G49*C49","v":{"v":300,"d":"£300.00"}},{"$f":"+H49*C49","v":{"v":0,"d":"£0.00"}},{"$f":"IF(D49=0,\" \",(I49*C49))","v":{"v":45.00000000000001,"d":"£45.00"}},{"$f":"IF(D49=0,\" \",(J49*C49))","v":{"v":0,"d":"£0.00"}}]
[{"$f":"IF(F50<>\"\",(LARGE(A$7:A49,1)+1),\"\")","v":""}]
[{"$f":"IF(F51<>\"\",(LARGE(A$7:A50,1)+1),\"\")","v":""},"GENERAL"]
[{"$f":"IF(F52<>\"\",(LARGE(A$7:A51,1)+1),\"\")","v":""}]
[{"$f":"IF(F53<>\"\",(LARGE(A$7:A52,1)+1),\"\")","v":15},"Builders work in connection",{"v":1,"d":"1.00"},"item",{"$f":"G53+H53","v":{"v":500,"d":"£500.00"}},{"$f":"E53*C53","v":{"v":500,"d":"£500.00"}},{"v":500,"d":"£500.00"},{"v":0,"d":"£0.00"},{"$f":"IF(D53=0,\" \",(G53)*(Details!$C$4+Details!$C$8))","v":{"v":75.00000000000001,"d":"£75.00"}},{"$f":"IF(D53=0,\" \",(H53)*(Details!$C$6+Details!$C$8))","v":{"v":0,"d":"£0.00"}},{"$f":"+G53*C53","v":{"v":500,"d":"£500.00"}},{"$f":"+H53*C53","v":{"v":0,"d":"£0.00"}},{"$f":"IF(D53=0,\" \",(I53*C53))","v":{"v":75.00000000000001,"d":"£75.00"}},{"$f":"IF(D53=0,\" \",(J53*C53))","v":{"v":0,"d":"£0.00"}}]
[{"$f":"IF(F54<>\"\",(LARGE(A$7:A53,1)+1),\"\")","v":""}]
[{"$f":"IF(F55<>\"\",(LARGE(A$7:A54,1)+1),\"\")","v":16},"Testing and commissioning",{"v":1,"d":"1.00"},"item",{"$f":"G55+H55","v":{"v":500,"d":"£500.00"}},{"$f":"E55*C55","v":{"v":500,"d":"£500.00"}},{"v":500,"d":"£500.00"},{"v":0,"d":"£0.00"},{"$f":"IF(D55=0,\" \",(G55)*(Details!$C$4+Details!$C$8))","v":{"v":75.00000000000001,"d":"£75.00"}},{"$f":"IF(D55=0,\" \",(H55)*(Details!$C$6+Details!$C$8))","v":{"v":0,"d":"£0.00"}},{"$f":"+G55*C55","v":{"v":500,"d":"£500.00"}},{"$f":"+H55*C55","v":{"v":0,"d":"£0.00"}},{"$f":"IF(D55=0,\" \",(I55*C55))","v":{"v":75.00000000000001,"d":"£75.00"}},{"$f":"IF(D55=0,\" \",(J55*C55))","v":{"v":0,"d":"£0.00"}}]
[{"$f":"IF(F56<>\"\",(LARGE(A$7:A55,1)+1),\"\")","v":""}]
[{"$f":"IF(F57<>\"\",(LARGE(A$7:A56,1)+1),\"\")","v":""}]
[{"$f":"IF(F58<>\"\",(LARGE(A$7:A57,1)+1),\"\")","v":""},{"$nulls":8},{"$f":"IF(D58=0,\" \",(G58+H58)*(Details!$C$4+Details!$C$6))","v":" "},{"$nulls":5},"Check"]
[{"$nulls":4},"Sub Total",{"$f":"SUM(F1:F58)","v":{"v":8248.536,"d":"£8,248.54"}},{"$nulls":3},{"$f":"IF(D59=0,\" \",(G59+H59)*(Details!$C$4+Details!$C$6))","v":" "},{"$f":"SUM(K1:K58)","v":{"v":4328.9,"d":"£4,328.90"}},{"$f":"SUM(L1:L58)","v":{"v":3919.6360000000004,"d":"£3,919.64"}},{"$f":"SUM(M1:M58)","v":{"v":649.335,"d":"£649.34"}},{"$f":"SUM(N1:N58)","v":{"v":587.9454000000001,"d":"£587.95"}},null,{"$f":"+F59-K59-L59-N59-M59","v":{"v":-1237.2804,"d":"-£1,237.28"}}]
[{"$f":"IF(F60<>\"\",(LARGE(A$7:A59,1)+1),\"\")","v":""},{"$nulls":8},{"$f":"IF(D60=0,\" \",(G60+H60)*(Details!$C$4+Details!$C$6))","v":" "}]

{"sheet":"Preliminaries","index":18,"n_rows":65,"n_cols":11,"rows_kept":65,"merged":[[4,8,4,9]]}
[]
[null,{"$f":"+'Qual, Excl & Assum'!B2","v":"PROJECT: Mr & Mrs Hawkes-Cowands House"}]
[null,{"$f":"+'Qual, Excl & Assum'!B3","v":"DATE: 25TH SEPTEMBER 2025"}]
[]
[null,"Preliminaries"]
[{"$nulls":10},1]
[null,"Description","Quantity","Unit","Rate","Total","Plant","Markup"]
[]
[1,"Site setup",{"v":1,"d":"1.00"},"Item",{"v":1200,"d":"£1,200.00"},{"$f":"E9*C9","v":{"v":1200,"d":"£1,200.00"}},null,{"$f":"IF(D9=0,\" \",(G9)*(Details!$C$4+Details!$C$8))","v":{"v":0,"d":"£0.00"}}]
[]
[{"$f":"IF(F11<>\"\",(LARGE(A$7:A10,1)+1),\"\")","v":2},"Rubbish removal; skips",{"v":1,"d":"1.00"},"no.",{"v":850,"d":"£850.00"},{"$f":"E11*C11","v":{"v":850,"d":"£850.00"}},null,{"$f":"IF(D11=0,\" \",(G11)*(Details!$C$4+Details!$C$8))","v":{"v":0,"d":"£0.00"}}]
[{"$f":"IF(F12<>\"\",(LARGE(A$7:A11,1)+1),\"\")","v":""}]
[{"$f":"IF(F13<>\"\",(LARGE(A$7:A12,1)+1),\"\")","v":3},"Scaffolding and safe stands",{"v":1,"d":"1.00"},"item",{"v":600,"d":"£600.00"},{"$f":"E13*C13","v":{"v":600,"d":"£600.00"}},null,{"$f":"IF(D13=0,\" \",(G13)*(Details!$C$4+Details!$C$8))","v":{"v":0,"d":"£0.00"}}]
[{"$f":"IF(F14<>\"\",(LARGE(A$7:A13,1)+1),\"\")","v":""}]
[{"$f":"IF(F15<>\"\",(LARGE(A$7:A14,1)+1),\"\")","v":4},"Welfare facilities",{"v":1,"d":"1.00"},"item",{"v":1000,"d":"£1,000.00"},{"$f":"E15*C15","v":{"v":1000,"d":"£1,000.00"}},null,{"$f":"IF(D15=0,\" \",(G15)*(Details!$C$4+Details!$C$8))","v":{"v":0,"d":"£0.00"}}]
[{"$f":"IF(F16<>\"\",(LARGE(A$7:A15,1)+1),\"\")","v":""}]
[{"$f":"IF(F17<>\"\",(LARGE(A$7:A16,1)+1),\"\")","v":5},"Small plant and tools",{"v":1,"d":"1.00"},"item",{"v":650,"d":"£650.00"},{"$f":"E17*C17","v":{"v":650,"d":"£650.00"}},null,{"$f":"IF(D17=0,\" \",(G17)*(Details!$C$4+Details!$C$8))","v":{"v":0,"d":"£0.00"}}]
[{"$f":"IF(F18<>\"\",(LARGE(A$7:A17,1)+1),\"\")","v":""}]
[{"$f":"IF(F19<>\"\",(LARGE(A$7:A18,1)+1),\"\")","v":6},"Protection",{"v":1,"d":"1.00"},"item",{"v":500,"d":"£500.00"},{"$f":"E19*C19","v":{"v":500,"d":"£500.00"}},null,{"$f":"IF(D19=0,\" \",(G19)*(Details!$C$4+Details!$C$8))","v":{"v":0,"d":"£0.00"}}]
[{"$f":"IF(F20<>\"\",(LARGE(A$7:A19,1)+1),\"\")","v":""}]
[{"$f":"IF(F21<>\"\",(LARGE(A$7:A20,1)+1),\"\")","v":7},"Temporary supplies",{"v":1,"d":"1.00"},"item",{"v":1000,"d":"£1,000.00"},{"$f":"E21*C21","v":{"v":1000,"d":"£1,000.00"}},null,{"$f":"IF(D21=0,\" \",(G21)*(Details!$C$4+Details!$C$8))","v":{"v":0,"d":"£0.00"}}]
[{"$f":"IF(F22<>\"\",(LARGE(A$7:A21,1)+1),\"\")","v":""}]
[{"$f":"IF(F23<>\"\",(LARGE(A$7:A22,1)+1),\"\")","v":8},"Lifting and propping",{"v":1,"d":"1.00"},"item",{"v":1250,"d":"£1,250.00"},{"$f":"E23*C23","v":{"v":1250,"d":"£1,250.00"}},null,{"$f":"IF(D23=0,\" \",(G23)*(Details!$C$4+Details!$C$8))","v":{"v":0,"d":"£0.00"}}]
[{"$f":"IF(F24<>\"\",(LARGE(A$7:A23,1)+1),\"\")","v":""}]
[{"$f":"IF(F25<>\"\",(LARGE(A$7:A24,1)+1),\"\")","v":9},"Cleaning (no allowance for sparkle clean)",{"v":1,"d":"1.00"},"item",{"v":800,"d":"£800.00"},{"$f":"E25*C25","v":{"v":800,"d":"£800.00"}},null,{"$f":"IF(D25=0,\" \",(G25)*(Details!$C$4+Details!$C$8))","v":{"v":0,"d":"£0.00"}}]
[{"$f":"IF(F26<>\"\",(LARGE(A$7:A25,1)+1),\"\")","v":""}]
[{"$f":"IF(F27<>\"\",(LARGE(A$7:A26,1)+1),\"\")","v":10},"Health & safety",{"v":1,"d":"1.00"},"item",{"v":1350,"d":"£1,350.00"},{"$f":"E27*C27","v":{"v":1350,"d":"£1,350.00"}},null,{"$f":"IF(D27=0,\" \",(G27)*(Details!$C$4+Details!$C$8))","v":{"v":0,"d":"£0.00"}}]
[{"$f":"IF(F28<>\"\",(LARGE(A$7:A27,1)+1),\"\")","v":""}]
[{"$f":"IF(F29<>\"\",(LARGE(A$7:A28,1)+1),\"\")","v":11},"Insurance",{"v":1,"d":"1.00"},"item",{"v":1000,"d":"£1,000.00"},{"$f":"E29*C29","v":{"v":1000,"d":"£1,000.00"}},null,{"$f":"IF(D29=0,\" \",(G29)*(Details!$C$4+Details!$C$8))","v":{"v":0,"d":"£0.00"}}]
[{"$f":"IF(F30<>\"\",(LARGE(A$7:A29,1)+1),\"\")","v":""}]
[{"$f":"IF(F31<>\"\",(LARGE(A$7:A30,1)+1),\"\")","v":12},"Site accommodation",{"v":1,"d":"1.00"},"item",{"v":850,"d":"£850.00"},{"$f":"E31*C31","v":{"v":850,"d":"£850.00"}},null,{"$f":"IF(D31=0,\" \",(G31)*(Details!$C$4+Details!$C$8))","v":{"v":0,"d":"£0.00"}}]
[{"$nulls":7},{"$f":"IF(D32=0,\" \",(G32)*(Details!$C$4+Details!$C$6))","v":" "}]
[{"$f":"IF(F33<>\"\",(LARGE(A$7:A32,1)+1),\"\")","v":13},"Management",{"v":1,"d":"1.00"},"item",{"v":3500,"d":"£3,500.00"},{"$f":"E33*C33","v":{"v":3500,"d":"£3,500.00"}},null,{"$f":"IF(D33=0,\" \",(G33)*(Details!$C$4+Details!$C$8))","v":{"v":0,"d":"£0.00"}}]
[{"$f":"IF(F34<>\"\",(LARGE(A$7:A33,1)+1),\"\")","v":""},{"$nulls":6},{"$f":"IF(D34=0,\" \",(G34)*(Details!$C$4+Details!$C$6))","v":" "}]
[{"$f":"IF(F35<>\"\",(LARGE(A$7:A34,1)+1),\"\")","v":""},{"$nulls":6},{"$f":"IF(D35=0,\" \",(G35)*(Details!$C$4+Details!$C$6))","v":" "}]
[{"$f":"IF(F36<>\"\",(LARGE(A$7:A35,1)+1),\"\")","v":""},{"$nulls":6},{"$f":"IF(D36=0,\" \",(G36)*(Details!$C$4+Details!$C$6))","v":" "}]
[{"$f":"IF(F37<>\"\",(LARGE(A$7:A36,1)+1),\"\")","v":""},{"$nulls":6},{"$f":"IF(D37=0,\" \",(G37)*(Details!$C$4+Details!$C$6))","v":" "}]
[{"$f":"IF(F38<>\"\",(LARGE(A$7:A37,1)+1),\"\")","v":""},{"$nulls":6},{"$f":"IF(D38=0,\" \",(G38)*(Details!$C$4+Details!$C$6))","v":" "}]
[{"$f":"IF(F39<>\"\",(LARGE(A$7:A38,1)+1),\"\")","v":""},{"$nulls":6},{"$f":"IF(D39=0,\" \",(G39)*(Details!$C$4+Details!$C$6))","v":" "}]
[{"$f":"IF(F40<>\"\",(LARGE(A$7:A39,1)+1),\"\")","v":""},{"$nulls":6},{"$f":"IF(D40=0,\" \",(G40)*(Details!$C$4+Details!$C$6))","v":" "}]
[{"$f":"IF(F41<>\"\",(LARGE(A$7:A40,1)+1),\"\")","v":""},{"$nulls":6},{"$f":"IF(D41=0,\" \",(G41)*(Details!$C$4+Details!$C$6))","v":" "}]
[{"$f":"IF(F42<>\"\",(LARGE(A$7:A41,1)+1),\"\")","v":""},{"$nulls":6},{"$f":"IF(D42=0,\" \",(G42)*(Details!$C$4+Details!$C$6))","v":" "}]
[{"$f":"IF(F43<>\"\",(LARGE(A$7:A42,1)+1),\"\")","v":""},{"$nulls":6},{"$f":"IF(D43=0,\" \",(G43)*(Details!$C$4+Details!$C$6))","v":" "}]
[{"$f":"IF(F44<>\"\",(LARGE(A$7:A43,1)+1),\"\")","v":""},{"$nulls":6},{"$f":"IF(D44=0,\" \",(G44)*(Details!$C$4+Details!$C$6))","v":" "}]
[{"$f":"IF(F45<>\"\",(LARGE(A$7:A44,1)+1),\"\")","v":""},{"$nulls":6},{"$f":"IF(D45=0,\" \",(G45)*(Details!$C$4+Details!$C$6))","v":" "}]
[{"$f":"IF(F46<>\"\",(LARGE(A$7:A45,1)+1),\"\")","v":""},{"$nulls":6},{"$f":"IF(D46=0,\" \",(G46)*(Details!$C$4+Details!$C$6))","v":" "}]
[{"$f":"IF(F47<>\"\",(LARGE(A$7:A46,1)+1),\"\")","v":""},{"$nulls":6},{"$f":"IF(D47=0,\" \",(G47)*(Details!$C$4+Details!$C$6))","v":" "}]
[{"$f":"IF(F48<>\"\",(LARGE(A$7:A47,1)+1),\"\")","v":""},{"$nulls":6},{"$f":"IF(D48=0,\" \",(G48)*(Details!$C$4+Details!$C$6))","v":" "}]
[]
[]
[{"$f":"IF(F51<>\"\",(LARGE(A$7:A50,1)+1),\"\")","v":""},{"$nulls":6},{"$f":"IF(D51=0,\" \",(G51)*(Details!$C$4+Details!$C$6))","v":" "}]
[{"$f":"IF(F52<>\"\",(LARGE(A$7:A51,1)+1),\"\")","v":""},{"$nulls":6},{"$f":"IF(D52=0,\" \",(G52)*(Details!$C$4+Details!$C$6))","v":" "}]
[{"$f":"IF(F53<>\"\",(LARGE(A$7:A52,1)+1),\"\")","v":""},{"$nulls":6},{"$f":"IF(D53=0,\" \",(G53)*(Details!$C$4+Details!$C$6))","v":" "}]
[{"$f":"IF(F54<>\"\",(LARGE(A$7:A53,1)+1),\"\")","v":""},{"$nulls":6},{"$f":"IF(D54=0,\" \",(G54)*(Details!$C$4+Details!$C$6))","v":" "}]
[{"$f":"IF(F55<>\"\",(LARGE(A$7:A54,1)+1),\"\")","v":""},{"$nulls":6},{"$f":"IF(D55=0,\" \",(G55)*(Details!$C$4+Details!$C$6))","v":" "}]
[{"$f":"IF(F56<>\"\",(LARGE(A$7:A55,1)+1),\"\")","v":""},{"$nulls":6},{"$f":"IF(D56=0,\" \",(G56)*(Details!$C$4+Details!$C$6))","v":" "}]
[{"$f":"IF(F57<>\"\",(LARGE(A$7:A56,1)+1),\"\")","v":""},{"$nulls":6},{"$f":"IF(D57=0,\" \",(G57)*(Details!$C$4+Details!$C$6))","v":" "}]
[{"$f":"IF(F58<>\"\",(LARGE(A$7:A57,1)+1),\"\")","v":""},{"$nulls":6},{"$f":"IF(D58=0,\" \",(G58)*(Details!$C$4+Details!$C$6))","v":" "}]
[{"$f":"IF(F59<>\"\",(LARGE(A$7:A58,1)+1),\"\")","v":""},{"$nulls":6},{"$f":"IF(D59=0,\" \",(G59)*(Details!$C$4+Details!$C$6))","v":" "}]
[{"$f":"IF(F60<>\"\",(LARGE(A$7:A59,1)+1),\"\")","v":""},{"$nulls":6},{"$f":"IF(D60=0,\" \",(G60)*(Details!$C$4+Details!$C$6))","v":" "}]
[{"$f":"IF(F61<>\"\",(LARGE(A$7:A60,1)+1),\"\")","v":""},{"$nulls":6},{"$f":"IF(D61=0,\" \",(G61)*(Details!$C$4+Details!$C$6))","v":" "}]
[{"$f":"IF(F62<>\"\",(LARGE(A$7:A61,1)+1),\"\")","v":""},{"$nulls":6},{"$f":"IF(D62=0,\" \",(G62)*(Details!$C$4+Details!$C$6))","v":" "}]
[{"$f":"IF(F63<>\"\",(LARGE(A$7:A62,1)+1),\"\")","v":""},{"$nulls":6},{"$f":"IF(D63=0,\" \",(G63)*(Details!$C$4+Details!$C$6))","v":" "}]
[{"$f":"IF(F64<>\"\",(LARGE(A$7:A63,1)+1),\"\")","v":""},{"$nulls":6},{"$f":"IF(D64=0,\" \",(G64)*(Details!$C$4))","v":" "}]
[{"$f":"IF(D65=0,\" \",(LARGE(A$9:A64,1)+1))","v":" "},{"$nulls":3},"Sub Total",{"$f":"SUM(F1:F64)","v":{"v":14550,"d":"£14,550.00"}}]

{"sheet":"Details","index":19,"n_rows":40,"n_cols":15,"rows_kept":40}
[]
[null,"MARKUP",{"$nulls":7},"Total Inc Prelims",{"$f":"+Summary!D40","v":{"v":242313.5651,"d":"£242,313.57"}}]
[]
[null,"Contractors Markup - Labour",{"v":0.1,"d":"10.00%"},{"$f":"+C4+1","v":{"v":1.1,"d":"1.10"}},{"$nulls":5},"Calculation Total",{"$f":"+(Summary!F36+Summary!G36)*1.1","v":{"v":239083.46891,"d":"£239,083.47"}}]
[{"$nulls":12},{"$f":"CEILING((K4/K27),4)","v":24},"Weeks"]
[null,"Contractors Markup - Materials",{"v":0.1,"d":"10.00%"},{"$f":"+C6+1","v":{"v":1.1,"d":"1.10"}}]
[{"$nulls":9},"Range 1",{"v":0,"d":"£0.00"},{"$f":"IF(AND($K$4>=K7,$K$4<=K8),N7,O7)","v":"No"},{"v":5000,"d":"£5,000.00"},"Yes","No"]
[null,"Contractors Overheads",{"v":0.05,"d":"5.00%"},{"$f":"+C8+1","v":1.05},{"$nulls":6},{"v":50000,"d":"£50,000.00"}]
[{"$nulls":9},"Range 2 ",{"$f":"K8","v":{"v":50000,"d":"£50,000.00"}},{"$f":"IF(AND($K$4>=K9,$K$4<=K10),N9,O9)","v":"No"},{"v":9000,"d":"£9,000.00"},"Yes","No"]
[{"$nulls":10},{"v":150000,"d":"£150,000.00"}]
[{"$nulls":9},"Range 3",{"$f":"K10","v":{"v":150000,"d":"£150,000.00"}},{"$f":"IF(AND($K$4>=K11,$K$4<=K12),N11,O11)","v":"Yes"},{"v":10000,"d":"£10,000.00"},"Yes","No"]
[{"$nulls":10},{"v":350000,"d":"£350,000.00"}]
[{"$nulls":9},"Range 4",{"$f":"K12","v":{"v":350000,"d":"£350,000.00"}},{"$f":"IF(AND($K$4>=K13,$K$4<=K14),N13,O13)","v":"No"},{"v":12500,"d":"£12,500.00"},"Yes","No"]
[null,"Trades - Day Rates","Client Day Rate £",{"$nulls":7},{"v":500000,"d":"£500,000.00"}]
[null,"Groundworker",0,{"$nulls":6},"Range 5",{"$f":"K14","v":{"v":500000,"d":"£500,000.00"}},{"$f":"IF(AND($K$4>=K15,$K$4<=K16),N15,O15)","v":"No"},{"v":14000,"d":"£14,000.00"},"Yes","No"]
[null,"Bricklayer",{"$nulls":8},{"v":750000,"d":"£750,000.00"}]
[null,"Roofer",0,{"$nulls":6},"Range 6",{"v":750000,"d":"£750,000.00"},{"$f":"IF(AND($K$4>=K17,$K$4<=K18),N17,O17)","v":"No"},{"v":15500,"d":"£15,500.00"},"Yes","No"]
[null,"Tiler",{"$nulls":8},{"v":1000000,"d":"£1,000,000.00"}]
[null,"Carpenter",{"$nulls":7},"Range 7",{"$f":"K18","v":{"v":1000000,"d":"£1,000,000.00"}},{"$f":"IF(AND($K$4>=K19,$K$4<=K20),N19,O19)","v":"No"},{"v":16750,"d":"£16,750.00"},"Yes","No"]
[null,"Plasterer",0,{"$nulls":7},{"v":1250000,"d":"£1,250,000.00"}]
[null,"General Trade",{"$nulls":7},"Range 8",{"$f":"K20","v":{"v":1250000,"d":"£1,250,000.00"}},{"$f":"IF(AND($K$4>=K21,$K$4<=K22),N21,O21)","v":"No"},{"v":19000,"d":"£19,000.00"},"Yes","No"]
[null,"Labourer",{"$nulls":8},{"v":1500000,"d":"£1,500,000.00"}]
[null,"Decorator",0,{"$nulls":6},"Range 9",{"$f":"K22","v":{"v":1500000,"d":"£1,500,000.00"}},{"$f":"IF(AND($K$4>=K23,$K$4<=K24),N23,O23)","v":"No"},{"v":20500,"d":"£20,500.00"},"Yes","No"]
[null,"Plumber",0,{"$nulls":7},{"v":2000000,"d":"£2,000,000.00"}]
[null,"Electrician",0,{"$nulls":6},"Range 10 - Over ",{"$f":"K24","v":{"v":2000000,"d":"£2,000,000.00"}},{"$f":"IF(AND($K$4>=K25,$K$4<=K26),N25,O25)","v":"No"},{"v":27500,"d":"£27,500.00"},"Yes","No"]
[{"$nulls":10},{"v":500000000,"d":"£500,000,000.00"}]
[{"$nulls":9},"Calculation",{"$f":"IF(L7=\"Yes\",M7)+IF(L9=\"Yes\",M9)+IF(L11=\"Yes\",M11)+IF(L13=\"Yes\",M13)+IF(L15=\"Yes\",M15)+IF(L17=\"Yes\",M17)+IF(L19=\"Yes\",M19)+IF(L21=\"Yes\",M21)+IF(L23=\"Yes\",M23)","v":{"v":10000,"d":"£10,000.00"}}]
[]
[{"$nulls":12},"Factor"]
[{"$nulls":12},{"$f":"+C15/250+IF(C15=0,1)","v":{"v":1,"d":"1.00"}}]
[{"$nulls":12},{"v":1,"d":"1.00"}]
[{"$nulls":12},{"v":1,"d":"1.00"}]
[{"$nulls":12},{"v":1,"d":"1.00"}]
[{"$nulls":12},{"v":1,"d":"1.00"}]
[{"$nulls":12},{"v":1,"d":"1.00"}]
[{"$nulls":12},{"$f":"+C21/220+IF(C21=0,1)","v":{"v":1,"d":"1.00"}}]
[{"$nulls":12},{"$f":"+C22/150+IF(C22=0,1)","v":{"v":1,"d":"1.00"}}]
[{"$nulls":12},{"$f":"+C23/220+IF(C23=0,1)","v":{"v":1,"d":"1.00"}}]
[{"$nulls":12},{"$f":"+C24/400+IF(C24=0,1)","v":{"v":1,"d":"1.00"}}]
[{"$nulls":12},{"$f":"+C25/400+IF(C25=0,1)","v":{"v":1,"d":"1.00"}}]